{"text_format":"1","workbook":"xlsx","n_sheets":2,"sheets":["Данные","Лист1"],"not_rendered":{"charts":0,"images":0,"macros":1,"external_links":0,"defined_names":4,"comments":0,"pivot_tables":0},"unopened":[],"bounds":{"document_bytes":16777216,"sheet_cells":100000,"rows_first":2000,"rows_last":500,"rows_between":2000,"halvings":0,"cell_chars":16384,"cell_head_chars":4096},"cells_cut":0,"cells_raw":0,"read":"whole","date_system":"1900"}

{"sheet":"Данные","index":0,"n_rows":1039,"n_cols":10,"rows_kept":1039,"cut":false,"hidden":false,"merged":[[1,0,1,9]]}
[null,null,null,null,null,null,null,null,"Приложение №1"]
["Перечень актуальных и готовых к реализации невостребованных МТР"]
[]
["Наименование лота","Наименование ОГ","№ лота","№ позиции","Наименование неликвидных (НЛ) и невостребованных ликвидных (НВЛ) материалов","Ед. изм","Количество","Мин. цена реализации за ед., руб., без НДС ","Сумма, руб. без НДС","Место нахождения"]
["Анкерные болты","ПАО АНК \"Башнефть\" \"Башнефть-Новойл\"",1,1,"Болт 1.1 М12х300 ст3","ШТ",4,43.3,{"$f":"H5*G5","v":173.2},"450063, г. Уфа, ПАО АНК \"Башнефть\" \"Башнефть-Новойл\""]
["Анкерные болты","ПАО АНК \"Башнефть\" \"Башнефть-Новойл\"",1,2,"Болт 1.1 М12х300 ст3","ШТ",1,43.3,{"$f":"H6*G6","v":43.3},"450063, г. Уфа, ПАО АНК \"Башнефть\" \"Башнефть-Новойл\""]
["Анкерные болты","ПАО АНК \"Башнефть\" \"Башнефть-Новойл\"",1,3,"Болт 1.1 М16х400 ст3","ШТ",12,52.5,{"$f":"H7*G7","v":630},"450063, г. Уфа, ПАО АНК \"Башнефть\" \"Башнефть-Новойл\""]
["Анкерные болты","ПАО АНК \"Башнефть\" \"Башнефть-Новойл\"",1,4,"Болт 1.1 М24х800 ст20","ШТ",54,131.9,{"$f":"H8*G8","v":7122.6},"450063, г. Уфа, ПАО АНК \"Башнефть\" \"Башнефть-Новойл\""]
["Анкерные болты","ПАО АНК \"Башнефть\" \"Башнефть-Новойл\"",1,5,"Болт 1.1 М24х800 ст20","ШТ",4,131.9,{"$f":"H9*G9","v":527.6},"450063, г. Уфа, ПАО АНК \"Башнефть\" \"Башнефть-Новойл\""]
["Анкерные болты","ПАО АНК \"Башнефть\" \"Башнефть-Новойл\"",1,6,"Болт 1.1 М30х1120 ст20","ШТ",1,281.8,{"$f":"H10*G10","v":281.8},"450063, г. Уфа, ПАО АНК \"Башнефть\" \"Башнефть-Новойл\""]
["Анкерные болты","ПАО АНК \"Башнефть\" \"Башнефть-Новойл\"",1,7,"Болт 1.1.М12х600 Ст3сп","КМП",2,62.6,{"$f":"H11*G11","v":125.2},"450063, г. Уфа, ПАО АНК \"Башнефть\" \"Башнефть-Новойл\""]
["Анкерные болты","ПАО АНК \"Башнефть\" \"Башнефть-Новойл\"",1,8,"Болт 1.1.М12х600 Ст3сп","КМП",6,61.7,{"$f":"H12*G12","v":370.20000000000005},"450063, г. Уфа, ПАО АНК \"Башнефть\" \"Башнефть-Новойл\""]
["Анкерные болты","ПАО АНК \"Башнефть\" \"Башнефть-Новойл\"",1,9,"Болт 1.1.М12х600 Ст3сп","КМП",12,64.599999999999994,{"$f":"H13*G13","v":775.19999999999993},"450063, г. Уфа, ПАО АНК \"Башнефть\" \"Башнефть-Новойл\""]
["Анкерные болты","ПАО АНК \"Башнефть\" \"Башнефть-Новойл\"",1,10,"Болт 1.1.М12х600 Ст3сп","КМП",5,44.9,{"$f":"H14*G14","v":224.5},"450063, г. Уфа, ПАО АНК \"Башнефть\" \"Башнефть-Новойл\""]
["Анкерные болты","ПАО АНК \"Башнефть\" \"Башнефть-Новойл\"",1,11,"Болт 1.1.М16х150 ст3сп","ШТ",4,77.3,{"$f":"H15*G15","v":309.2},"450063, г. Уфа, ПАО АНК \"Башнефть\" \"Башнефть-Новойл\""]
["Анкерные болты","ПАО АНК \"Башнефть\" \"Башнефть-Новойл\"",1,12,"Болт 1.1.М16х150 ст3сп","ШТ",20,77.3,{"$f":"H16*G16","v":1546},"450063, г. Уфа, ПАО АНК \"Башнефть\" \"Башнефть-Новойл\""]
["Анкерные болты","ПАО АНК \"Башнефть\" \"Башнефть-Новойл\"",1,13,"Болт 1.1.М16х150 ст3сп","ШТ",12,77.3,{"$f":"H17*G17","v":927.59999999999991},"450063, г. Уфа, ПАО АНК \"Башнефть\" \"Башнефть-Новойл\""]
["Анкерные болты","ПАО АНК \"Башнефть\" \"Башнефть-Новойл\"",1,14,"Болт 1.1.М16х500 Ст3кп2","КМП",2,78.099999999999994,{"$f":"H18*G18","v":156.19999999999999},"450063, г. Уфа, ПАО АНК \"Башнефть\" \"Башнефть-Новойл\""]
["Анкерные болты","ПАО АНК \"Башнефть\" \"Башнефть-Новойл\"",1,15,"Болт 1.1.М20х300 Ст3сп","КМП",16,68.900000000000006,{"$f":"H19*G19","v":1102.4000000000001},"450063, г. Уфа, ПАО АНК \"Башнефть\" \"Башнефть-Новойл\""]
["Анкерные болты","ПАО АНК \"Башнефть\" \"Башнефть-Новойл\"",1,16,"Болт 1.1.М20х300 Ст3сп","КМП",16,123.8,{"$f":"H20*G20","v":1980.8},"450063, г. Уфа, ПАО АНК \"Башнефть\" \"Башнефть-Новойл\""]
["Анкерные болты","ПАО АНК \"Башнефть\" \"Башнефть-Новойл\"",1,17,"Болт 1.1.М20х580 Ст3сп","КМП",26,198.9,{"$f":"H21*G21","v":5171.4000000000005},"450063, г. Уфа, ПАО АНК \"Башнефть\" \"Башнефть-Новойл\""]
["Анкерные болты","ПАО АНК \"Башнефть\" \"Башнефть-Новойл\"",1,18,"Болт 1.1.М20х600 Ст3пс2 с гайкой","КМП",4,141.5,{"$f":"H22*G22","v":566},"450063, г. Уфа, ПАО АНК \"Башнефть\" \"Башнефть-Новойл\""]
["Анкерные болты","ПАО АНК \"Башнефть\" \"Башнефть-Новойл\"",1,19,"Болт 1.1.М20х600 Ст3пс2 с гайкой","КМП",2,138.4,{"$f":"H23*G23","v":276.8},"450063, г. Уфа, ПАО АНК \"Башнефть\" \"Башнефть-Новойл\""]
["Анкерные болты","ПАО АНК \"Башнефть\" \"Башнефть-Новойл\"",1,20,"Болт 1.1.М20х600 Ст3пс2 с гайкой","КМП",12,140.4,{"$f":"H24*G24","v":1684.8000000000002},"450063, г. Уфа, ПАО АНК \"Башнефть\" \"Башнефть-Новойл\""]
["Анкерные болты","ПАО АНК \"Башнефть\" \"Башнефть-Новойл\"",1,21,"Болт 1.1.М20х600 Ст3пс2 с гайкой","КМП",4,95.2,{"$f":"H25*G25","v":380.8},"450063, г. Уфа, ПАО АНК \"Башнефть\" \"Башнефть-Новойл\""]
["Анкерные болты","ПАО АНК \"Башнефть\" \"Башнефть-Новойл\"",1,22,"Болт 1.1.М20х600 Ст3сп","КМП",48,152.19999999999999,{"$f":"H26*G26","v":7305.5999999999995},"450063, г. Уфа, ПАО АНК \"Башнефть\" \"Башнефть-Новойл\""]
["Анкерные болты","ПАО АНК \"Башнефть\" \"Башнефть-Новойл\"",1,23,"Болт 1.1.М20х600 Ст3сп","КМП",1,152.6,{"$f":"H27*G27","v":152.6},"450063, г. Уфа, ПАО АНК \"Башнефть\" \"Башнефть-Новойл\""]
["Анкерные болты","ПАО АНК \"Башнефть\" \"Башнефть-Новойл\"",1,24,"Болт 1.1.М20х600 Ст3сп","КМП",25,153,{"$f":"H28*G28","v":3825},"450063, г. Уфа, ПАО АНК \"Башнефть\" \"Башнефть-Новойл\""]
["Анкерные болты","ПАО АНК \"Башнефть\" \"Башнефть-Новойл\"",1,25,"Болт 1.1.М20х600 Ст3сп","КМП",30,153,{"$f":"H29*G29","v":4590},"450063, г. Уфа, ПАО АНК \"Башнефть\" \"Башнефть-Новойл\""]
["Анкерные болты","ПАО АНК \"Башнефть\" \"Башнефть-Новойл\"",1,26,"Болт 1.1.М20х800 20","КМП",12,169.2,{"$f":"H30*G30","v":2030.3999999999999},"450063, г. Уфа, ПАО АНК \"Башнефть\" \"Башнефть-Новойл\""]
["Анкерные болты","ПАО АНК \"Башнефть\" \"Башнефть-Новойл\"",1,27,"Болт 1.1.М20х800 20","КМП",8,151.80000000000001,{"$f":"H31*G31","v":1214.4000000000001},"450063, г. Уфа, ПАО АНК \"Башнефть\" \"Башнефть-Новойл\""]
["Анкерные болты","ПАО АНК \"Башнефть\" \"Башнефть-Новойл\"",1,28,"Болт 1.1.М20х900 Ст3кп2","КМП",12,191.7,{"$f":"H32*G32","v":2300.3999999999996},"450063, г. Уфа, ПАО АНК \"Башнефть\" \"Башнефть-Новойл\""]
["Анкерные болты","ПАО АНК \"Башнефть\" \"Башнефть-Новойл\"",1,29,"Болт 1.1.М24х1000 ВСт3пс2","КМП",26,263.60000000000002,{"$f":"H33*G33","v":6853.6},"450063, г. Уфа, ПАО АНК \"Башнефть\" \"Башнефть-Новойл\""]
["Анкерные болты","ПАО АНК \"Башнефть\" \"Башнефть-Новойл\"",1,30,"Болт 1.1.М24х1000 Ст3сп","КМП",25,300.89999999999998,{"$f":"H34*G34","v":7522.4999999999991},"450063, г. Уфа, ПАО АНК \"Башнефть\" \"Башнефть-Новойл\""]
["Анкерные болты","ПАО АНК \"Башнефть\" \"Башнефть-Новойл\"",1,31,"Болт 1.1.М24х1000 Ст3сп2","КМП",8,351.5,{"$f":"H35*G35","v":2812},"450063, г. Уфа, ПАО АНК \"Башнефть\" \"Башнефть-Новойл\""]
["Анкерные болты","ПАО АНК \"Башнефть\" \"Башнефть-Новойл\"",1,32,"Болт 1.1.М24х1050 Ст3сп","КМП",16,448.5,{"$f":"H36*G36","v":7176},"450063, г. Уфа, ПАО АНК \"Башнефть\" \"Башнефть-Новойл\""]
["Анкерные болты","ПАО АНК \"Башнефть\" \"Башнефть-Новойл\"",1,33,"Болт 1.1.М24х400 20 ГОСТ 24379.1","КМП",2,202.3,{"$f":"H37*G37","v":404.6},"450063, г. Уфа, ПАО АНК \"Башнефть\" \"Башнефть-Новойл\""]
["Анкерные болты","ПАО АНК \"Башнефть\" \"Башнефть-Новойл\"",1,34,"Болт 1.1.М24х710 Ст3кп2","КМП",6,204.6,{"$f":"H38*G38","v":1227.5999999999999},"450063, г. Уфа, ПАО АНК \"Башнефть\" \"Башнефть-Новойл\""]
["Анкерные болты","ПАО АНК \"Башнефть\" \"Башнефть-Новойл\"",1,35,"Болт 1.1.М24х710 Ст3пс","КМП",70,184.4,{"$f":"H39*G39","v":12908},"450063, г. Уфа, ПАО АНК \"Башнефть\" \"Башнефть-Новойл\""]
["Анкерные болты","ПАО АНК \"Башнефть\" \"Башнефть-Новойл\"",1,36,"Болт 1.1.М24х710 ст3пс2","ШТ",12,267.5,{"$f":"H40*G40","v":3210},"450063, г. Уфа, ПАО АНК \"Башнефть\" \"Башнефть-Новойл\""]
["Анкерные болты","ПАО АНК \"Башнефть\" \"Башнефть-Новойл\"",1,37,"Болт 1.1.М24х710 ст3пс2","ШТ",48,267.5,{"$f":"H41*G41","v":12840},"450063, г. Уфа, ПАО АНК \"Башнефть\" \"Башнефть-Новойл\""]
["Анкерные болты","ПАО АНК \"Башнефть\" \"Башнефть-Новойл\"",1,38,"Болт 1.1.М24х710 Ст3сп","КМП",2,232.4,{"$f":"H42*G42","v":464.8},"450063, г. Уфа, ПАО АНК \"Башнефть\" \"Башнефть-Новойл\""]
["Анкерные болты","ПАО АНК \"Башнефть\" \"Башнефть-Новойл\"",1,39,"Болт 1.1.М24х710 Ст3сп","КМП",10,221.2,{"$f":"H43*G43","v":2212},"450063, г. Уфа, ПАО АНК \"Башнефть\" \"Башнефть-Новойл\""]
["Анкерные болты","ПАО АНК \"Башнефть\" \"Башнефть-Новойл\"",1,40,"Болт 1.1.М24х710 Ст3сп","КМП",60,228.9,{"$f":"H44*G44","v":13734},"450063, г. Уфа, ПАО АНК \"Башнефть\" \"Башнефть-Новойл\""]
["Анкерные болты","ПАО АНК \"Башнефть\" \"Башнефть-Новойл\"",1,41,"Болт 1.1.М24х710 Ст3сп","КМП",12,229.5,{"$f":"H45*G45","v":2754},"450063, г. Уфа, ПАО АНК \"Башнефть\" \"Башнефть-Новойл\""]
["Анкерные болты","ПАО АНК \"Башнефть\" \"Башнефть-Новойл\"",1,42,"Болт 1.1.М24х710 Ст3сп","КМП",40,230.8,{"$f":"H46*G46","v":9232},"450063, г. Уфа, ПАО АНК \"Башнефть\" \"Башнефть-Новойл\""]
["Анкерные болты","ПАО АНК \"Башнефть\" \"Башнефть-Новойл\"",1,43,"Болт 1.1.М24х710 Ст3сп","КМП",92,231.4,{"$f":"H47*G47","v":21288.799999999999},"450063, г. Уфа, ПАО АНК \"Башнефть\" \"Башнефть-Новойл\""]
["Анкерные болты","ПАО АНК \"Башнефть\" \"Башнефть-Новойл\"",1,44,"Болт 1.1.М24х720 Ст3сп","КМП",2,192.2,{"$f":"H48*G48","v":384.4},"450063, г. Уфа, ПАО АНК \"Башнефть\" \"Башнефть-Новойл\""]
["Анкерные болты","ПАО АНК \"Башнефть\" \"Башнефть-Новойл\"",1,45,"Болт 1.1.М24х800 Ст3пс","КМП",46,229,{"$f":"H49*G49","v":10534},"450063, г. Уфа, ПАО АНК \"Башнефть\" \"Башнефть-Новойл\""]
["Анкерные болты","ПАО АНК \"Башнефть\" \"Башнефть-Новойл\"",1,46,"Болт 1.1.М24х800 Ст3пс","КМП",16,228.3,{"$f":"H50*G50","v":3652.8},"450063, г. Уфа, ПАО АНК \"Башнефть\" \"Башнефть-Новойл\""]
["Анкерные болты","ПАО АНК \"Башнефть\" \"Башнефть-Новойл\"",1,47,"Болт 1.1.М24х800 Ст3пс","КМП",48,229,{"$f":"H51*G51","v":10992},"450063, г. Уфа, ПАО АНК \"Башнефть\" \"Башнефть-Новойл\""]
["Анкерные болты","ПАО АНК \"Башнефть\" \"Башнефть-Новойл\"",1,48,"Болт 1.1.М24х800 Ст3сп","КМП",20,228.7,{"$f":"H52*G52","v":4574},"450063, г. Уфа, ПАО АНК \"Башнефть\" \"Башнефть-Новойл\""]
["Анкерные болты","ПАО АНК \"Башнефть\" \"Башнефть-Новойл\"",1,49,"Болт 1.1.М24х800 Ст3сп","КМП",298,236.6,{"$f":"H53*G53","v":70506.8},"450063, г. Уфа, ПАО АНК \"Башнефть\" \"Башнефть-Новойл\""]
["Анкерные болты","ПАО АНК \"Башнефть\" \"Башнефть-Новойл\"",1,50,"Болт 1.1.М24х800 Ст3сп","КМП",3,239.3,{"$f":"H54*G54","v":717.90000000000009},"450063, г. Уфа, ПАО АНК \"Башнефть\" \"Башнефть-Новойл\""]
["Анкерные болты","ПАО АНК \"Башнефть\" \"Башнефть-Новойл\"",1,51,"Болт 1.1.М24х800 Ст3сп","КМП",328,239.3,{"$f":"H55*G55","v":78490.400000000009},"450063, г. Уфа, ПАО АНК \"Башнефть\" \"Башнефть-Новойл\""]
["Анкерные болты","ПАО АНК \"Башнефть\" \"Башнефть-Новойл\"",1,52,"Болт 1.1.М24х870 Ст3сп с/г с/ш","КМП",8,243.2,{"$f":"H56*G56","v":1945.6},"450063, г. Уфа, ПАО АНК \"Башнефть\" \"Башнефть-Новойл\""]
["Анкерные болты","ПАО АНК \"Башнефть\" \"Башнефть-Новойл\"",1,53,"Болт 1.1.М24х900 20 с гайкой","КМП",4,306.89999999999998,{"$f":"H57*G57","v":1227.5999999999999},"450063, г. Уфа, ПАО АНК \"Башнефть\" \"Башнефть-Новойл\""]
["Анкерные болты","ПАО АНК \"Башнефть\" \"Башнефть-Новойл\"",1,54,"Болт 1.1.М30х400 Ст3пс2","КМП",8,253.4,{"$f":"H58*G58","v":2027.2},"450063, г. Уфа, ПАО АНК \"Башнефть\" \"Башнефть-Новойл\""]
["Анкерные болты","ПАО АНК \"Башнефть\" \"Башнефть-Новойл\"",1,55,"Болт 1.1.М30х800 Ст3пс2","КМП",8,425.9,{"$f":"H59*G59","v":3407.2},"450063, г. Уфа, ПАО АНК \"Башнефть\" \"Башнефть-Новойл\""]
["Анкерные болты","ПАО АНК \"Башнефть\" \"Башнефть-Новойл\"",1,56,"Болт 1.1.М30х800 Ст3пс2","КМП",2,349.1,{"$f":"H60*G60","v":698.2},"450063, г. Уфа, ПАО АНК \"Башнефть\" \"Башнефть-Новойл\""]
["Анкерные болты","ПАО АНК \"Башнефть\" \"Башнефть-Новойл\"",1,57,"Болт 1.1.М30х900 Ст3сп","КМП",23,487,{"$f":"H61*G61","v":11201},"450063, г. Уфа, ПАО АНК \"Башнефть\" \"Башнефть-Новойл\""]
["Анкерные болты","ПАО АНК \"Башнефть\" \"Башнефть-Новойл\"",1,58,"Болт 1.1.М36х1120 Ст3пс2","КМП",24,833.2,{"$f":"H62*G62","v":19996.800000000003},"450063, г. Уфа, ПАО АНК \"Башнефть\" \"Башнефть-Новойл\""]
["Анкерные болты","ПАО АНК \"Башнефть\" \"Башнефть-Новойл\"",1,59,"Болт 1.1.М36х1120 Ст3сп","КМП",2,808.7,{"$f":"H63*G63","v":1617.4},"450063, г. Уфа, ПАО АНК \"Башнефть\" \"Башнефть-Новойл\""]
["Анкерные болты","ПАО АНК \"Башнефть\" \"Башнефть-Новойл\"",1,60,"Болт 1.1.М36х1250 Ст3пс2","КМП",10,735.6,{"$f":"H64*G64","v":7356},"450063, г. Уфа, ПАО АНК \"Башнефть\" \"Башнефть-Новойл\""]
["Анкерные болты","ПАО АНК \"Башнефть\" \"Башнефть-Новойл\"",1,61,"Болт 1.1.М36х1320 Ст3пс2","КМП",16,1138.2,{"$f":"H65*G65","v":18211.2},"450063, г. Уфа, ПАО АНК \"Башнефть\" \"Башнефть-Новойл\""]
["Анкерные болты","ПАО АНК \"Башнефть\" \"Башнефть-Новойл\"",1,62,"Болт 1.1.М36х1500 Ст3пс2","КМП",16,1068.8,{"$f":"H66*G66","v":17100.8},"450063, г. Уфа, ПАО АНК \"Башнефть\" \"Башнефть-Новойл\""]
["Анкерные болты","ПАО АНК \"Башнефть\" \"Башнефть-Новойл\"",1,63,"Болт 1.1.М36х1600 Ст3сп ГОСТ 24379.1","КМП",1,644.9,{"$f":"H67*G67","v":644.9},"450063, г. Уфа, ПАО АНК \"Башнефть\" \"Башнефть-Новойл\""]
["Анкерные болты","ПАО АНК \"Башнефть\" \"Башнефть-Новойл\"",1,64,"Болт 1.1.М36х1700 Ст3кп2","КМП",6,1140.7,{"$f":"H68*G68","v":6844.2000000000007},"450063, г. Уфа, ПАО АНК \"Башнефть\" \"Башнефть-Новойл\""]
["Анкерные болты","ПАО АНК \"Башнефть\" \"Башнефть-Новойл\"",1,65,"Болт 1.1.М56х1740 09Г2С","КМП",16,4307.6000000000004,{"$f":"H69*G69","v":68921.600000000006},"450063, г. Уфа, ПАО АНК \"Башнефть\" \"Башнефть-Новойл\""]
["Анкерные болты","ПАО АНК \"Башнефть\" \"Башнефть-Новойл\"",1,66,"Болт 1.1М24Х800 ст09Г2С","ШТ",16,131.9,{"$f":"H70*G70","v":2110.4},"450063, г. Уфа, ПАО АНК \"Башнефть\" \"Башнефть-Новойл\""]
["Анкерные болты","ПАО АНК \"Башнефть\" \"Башнефть-Новойл\"",1,67,"Болт 1.1М36Х1800 ст09Г2С","ШТ",4,588.79999999999995,{"$f":"H71*G71","v":2355.1999999999998},"450063, г. Уфа, ПАО АНК \"Башнефть\" \"Башнефть-Новойл\""]
["Анкерные болты","ПАО АНК \"Башнефть\" \"Башнефть-Новойл\"",1,68,"Болт 1.2.М16х400 Ст3пс2 с/г","КМП",12,74.099999999999994,{"$f":"H72*G72","v":889.19999999999993},"450063, г. Уфа, ПАО АНК \"Башнефть\" \"Башнефть-Новойл\""]
["Анкерные болты","ПАО АНК \"Башнефть\" \"Башнефть-Новойл\"",1,69,"Болт 1.2.М16х400 Ст3сп ГОСТ 24379.1","КМП",8,98.9,{"$f":"H73*G73","v":791.2},"450063, г. Уфа, ПАО АНК \"Башнефть\" \"Башнефть-Новойл\""]
["Анкерные болты","ПАО АНК \"Башнефть\" \"Башнефть-Новойл\"",1,70,"Болт 1.2.М20х400 Ст3сп","КМП",16,109.9,{"$f":"H74*G74","v":1758.4},"450063, г. Уфа, ПАО АНК \"Башнефть\" \"Башнефть-Новойл\""]
["Анкерные болты","ПАО АНК \"Башнефть\" \"Башнефть-Новойл\"",1,71,"Болт 1.2.М20х500 Ст3сп","КМП",10,180,{"$f":"H75*G75","v":1800},"450063, г. Уфа, ПАО АНК \"Башнефть\" \"Башнефть-Новойл\""]
["Анкерные болты","ПАО АНК \"Башнефть\" \"Башнефть-Новойл\"",1,72,"Болт 1.2.М20х600 20","КМП",20,206.6,{"$f":"H76*G76","v":4132},"450063, г. Уфа, ПАО АНК \"Башнефть\" \"Башнефть-Новойл\""]
["Анкерные болты","ПАО АНК \"Башнефть\" \"Башнефть-Новойл\"",1,73,"Болт 1.2.М20х800 Ст3кп2","КМП",12,195.9,{"$f":"H77*G77","v":2350.8000000000002},"450063, г. Уфа, ПАО АНК \"Башнефть\" \"Башнефть-Новойл\""]
["Анкерные болты","ПАО АНК \"Башнефть\" \"Башнефть-Новойл\"",1,74,"Болт 1.2.М24х710 ст20","КМП",2,211,{"$f":"H78*G78","v":422},"450063, г. Уфа, ПАО АНК \"Башнефть\" \"Башнефть-Новойл\""]
["Анкерные болты","ПАО АНК \"Башнефть\" \"Башнефть-Новойл\"",1,75,"Болт 1.2.М24х710 Ст3пс2","КМП",16,341,{"$f":"H79*G79","v":5456},"450063, г. Уфа, ПАО АНК \"Башнефть\" \"Башнефть-Новойл\""]
["Анкерные болты","ПАО АНК \"Башнефть\" \"Башнефть-Новойл\"",1,76,"Болт 1.2.М24х750 Ст3сп5","КМП",4,373.8,{"$f":"H80*G80","v":1495.2},"450063, г. Уфа, ПАО АНК \"Башнефть\" \"Башнефть-Новойл\""]
["Анкерные болты","ПАО АНК \"Башнефть\" \"Башнефть-Новойл\"",1,77,"Болт 2.1.М20х400 Ст3пс2","КМП",16,211.3,{"$f":"H81*G81","v":3380.8},"450063, г. Уфа, ПАО АНК \"Башнефть\" \"Башнефть-Новойл\""]
["Анкерные болты","ПАО АНК \"Башнефть\" \"Башнефть-Новойл\"",1,78,"Болт 2.1.М30х1000 Ст3пс2","КМП",4,672.3,{"$f":"H82*G82","v":2689.2},"450063, г. Уфа, ПАО АНК \"Башнефть\" \"Башнефть-Новойл\""]
["Анкерные болты","ПАО АНК \"Башнефть\" \"Башнефть-Новойл\"",1,79,"Болт 2.1.М36х1700 Ст3сп","КМП",6,978.2,{"$f":"H83*G83","v":5869.2000000000007},"450063, г. Уфа, ПАО АНК \"Башнефть\" \"Башнефть-Новойл\""]
["Анкерные болты","ПАО АНК \"Башнефть\" \"Башнефть-Новойл\"",1,80,"Болт 3.1.М16х660 20 ГОСТ 24379.1","КМП",2,105.6,{"$f":"H84*G84","v":211.2},"450063, г. Уфа, ПАО АНК \"Башнефть\" \"Башнефть-Новойл\""]
["Анкерные болты","ПАО АНК \"Башнефть\" \"Башнефть-Новойл\"",1,81,"Болт 3.1.М18х670.80 20 ГОСТ 24379.1","КМП",4,130.9,{"$f":"H85*G85","v":523.6},"450063, г. Уфа, ПАО АНК \"Башнефть\" \"Башнефть-Новойл\""]
["Анкерные болты","ПАО АНК \"Башнефть\" \"Башнефть-Новойл\"",1,82,"Болт 3.1.М24х600 Ст3пс","КМП",8,344.4,{"$f":"H86*G86","v":2755.2},"450063, г. Уфа, ПАО АНК \"Башнефть\" \"Башнефть-Новойл\""]
["Анкерные болты","ПАО АНК \"Башнефть\" \"Башнефть-Новойл\"",1,83,"Болт 3.1.М30х700 Ст3сп","КМП",2,572.20000000000005,{"$f":"H87*G87","v":1144.4000000000001},"450063, г. Уфа, ПАО АНК \"Башнефть\" \"Башнефть-Новойл\""]
["Анкерные болты","ПАО АНК \"Башнефть\" \"Башнефть-Новойл\"",1,84,"Болт 5.1.М10х85 40Х оц. ГОСТ 7805","КГ",525,409.3,{"$f":"H88*G88","v":214882.5},"450063, г. Уфа, ПАО АНК \"Башнефть\" \"Башнефть-Новойл\""]
["Анкерные болты","ПАО АНК \"Башнефть\" \"Башнефть-Новойл\"",1,85,"Болт 5.1.М10х85 40Х оц. ГОСТ 7805","КГ",1450,410.2,{"$f":"H89*G89","v":594790},"450063, г. Уфа, ПАО АНК \"Башнефть\" \"Башнефть-Новойл\""]
["Анкерные болты","ПАО АНК \"Башнефть\" \"Башнефть-Новойл\"",1,86,"Болт 5.1.М12х150 Ст3пс2","КМП",2,33,{"$f":"H90*G90","v":66},"450063, г. Уфа, ПАО АНК \"Башнефть\" \"Башнефть-Новойл\""]
["Анкерные болты","ПАО АНК \"Башнефть\" \"Башнефть-Новойл\"",1,87,"Болт 5.1.М12х200 Ст3пс2","КМП",54,42.5,{"$f":"H91*G91","v":2295},"450063, г. Уфа, ПАО АНК \"Башнефть\" \"Башнефть-Новойл\""]
["Анкерные болты","ПАО АНК \"Башнефть\" \"Башнефть-Новойл\"",1,88,"Болт 5.1.М12х250 Ст3сп","КМП",32,28.7,{"$f":"H92*G92","v":918.4},"450063, г. Уфа, ПАО АНК \"Башнефть\" \"Башнефть-Новойл\""]
["Анкерные болты","ПАО АНК \"Башнефть\" \"Башнефть-Новойл\"",1,89,"Болт 5.1.М16х250 Ст3сп","КМП",24,74.7,{"$f":"H93*G93","v":1792.8000000000002},"450063, г. Уфа, ПАО АНК \"Башнефть\" \"Башнефть-Новойл\""]
["Анкерные болты","ПАО АНК \"Башнефть\" \"Башнефть-Новойл\"",1,90,"Болт 5.1.М16х500 Ст3пс2","КМП",24,170.5,{"$f":"H94*G94","v":4092},"450063, г. Уфа, ПАО АНК \"Башнефть\" \"Башнефть-Новойл\""]
["Анкерные болты","ПАО АНК \"Башнефть\" \"Башнефть-Новойл\"",1,91,"Болт 5.1.М20х810 Ст3пс2","КМП",8,145.4,{"$f":"H95*G95","v":1163.2},"450063, г. Уфа, ПАО АНК \"Башнефть\" \"Башнефть-Новойл\""]
["Анкерные болты","ПАО АНК \"Башнефть\" \"Башнефть-Новойл\"",1,92,"Болт 5.1.М24х500 20","КМП",35,187.2,{"$f":"H96*G96","v":6552},"450063, г. Уфа, ПАО АНК \"Башнефть\" \"Башнефть-Новойл\""]
["Анкерные болты","ПАО АНК \"Башнефть\" \"Башнефть-Новойл\"",1,93,"Болт 5.1.М30х300 20","КМП",9,234.7,{"$f":"H97*G97","v":2112.2999999999997},"450063, г. Уфа, ПАО АНК \"Башнефть\" \"Башнефть-Новойл\""]
["Анкерные болты","ПАО АНК \"Башнефть\" \"Башнефть-Новойл\"",1,94,"Болт 5.1.М30х300 20","КМП",32,182.5,{"$f":"H98*G98","v":5840},"450063, г. Уфа, ПАО АНК \"Башнефть\" \"Башнефть-Новойл\""]
["Анкерные болты","ПАО АНК \"Башнефть\" \"Башнефть-Новойл\"",1,95,"Болт 5.1.М30х330 Ст3сп","КМП",16,435.3,{"$f":"H99*G99","v":6964.8},"450063, г. Уфа, ПАО АНК \"Башнефть\" \"Башнефть-Новойл\""]
["Анкерные болты","ПАО АНК \"Башнефть\" \"Башнефть-Новойл\"",1,96,"Болт 5.1.М30х330 Ст3сп","КМП",32,435.3,{"$f":"H100*G100","v":13929.6},"450063, г. Уфа, ПАО АНК \"Башнефть\" \"Башнефть-Новойл\""]
["Анкерные болты","ПАО АНК \"Башнефть\" \"Башнефть-Новойл\"",1,97,"Болт 5.1.М30х400 20","КМП",18,261.8,{"$f":"H101*G101","v":4712.4000000000005},"450063, г. Уфа, ПАО АНК \"Башнефть\" \"Башнефть-Новойл\""]
["Анкерные болты","ПАО АНК \"Башнефть\" \"Башнефть-Новойл\"",1,98,"Болт 5.1.М30х500 20","КМП",2,224,{"$f":"H102*G102","v":448},"450063, г. Уфа, ПАО АНК \"Башнефть\" \"Башнефть-Новойл\""]
["Анкерные болты","ПАО АНК \"Башнефть\" \"Башнефть-Новойл\"",1,99,"Болт 5.1.М30х500 20","КМП",161,224.6,{"$f":"H103*G103","v":36160.6},"450063, г. Уфа, ПАО АНК \"Башнефть\" \"Башнефть-Новойл\""]
["Анкерные болты","ПАО АНК \"Башнефть\" \"Башнефть-Новойл\"",1,100,"Болт 5.1.М36х1400 Ст3сп","КМП",14,705.4,{"$f":"H104*G104","v":9875.6},"450063, г. Уфа, ПАО АНК \"Башнефть\" \"Башнефть-Новойл\""]
["Анкерные болты","ПАО АНК \"Башнефть\" \"Башнефть-Новойл\"",1,101,"Болт 5.1.М36х1400 Ст3сп2 б/к","ШТ",6,518.70000000000005,{"$f":"H105*G105","v":3112.2000000000003},"450063, г. Уфа, ПАО АНК \"Башнефть\" \"Башнефть-Новойл\""]
["Анкерные болты","ПАО АНК \"Башнефть\" \"Башнефть-Новойл\"",1,102,"Болт 5.1.М36х350 20","КМП",108,366.4,{"$f":"H106*G106","v":39571.199999999997},"450063, г. Уфа, ПАО АНК \"Башнефть\" \"Башнефть-Новойл\""]
["Анкерные болты","ПАО АНК \"Башнефть\" \"Башнефть-Новойл\"",1,103,"Болт 5.1.М36х500 20","КМП",1,476.6,{"$f":"H107*G107","v":476.6},"450063, г. Уфа, ПАО АНК \"Башнефть\" \"Башнефть-Новойл\""]
["Анкерные болты","ПАО АНК \"Башнефть\" \"Башнефть-Новойл\"",1,104,"Болт 5.1.М36х500 20","КМП",168,465.4,{"$f":"H108*G108","v":78187.199999999997},"450063, г. Уфа, ПАО АНК \"Башнефть\" \"Башнефть-Новойл\""]
["Анкерные болты","ПАО АНК \"Башнефть\" \"Башнефть-Новойл\"",1,105,"Болт 5.1.М42х800 Ст3пс2","КМП",72,624.4,{"$f":"H109*G109","v":44956.799999999996},"450063, г. Уфа, ПАО АНК \"Башнефть\" \"Башнефть-Новойл\""]
["Анкерные болты","ПАО АНК \"Башнефть\" \"Башнефть-Новойл\"",1,106,"Болт 5.М12х300 20 ГОСТ 24379.1","КМП",6,42.5,{"$f":"H110*G110","v":255},"450063, г. Уфа, ПАО АНК \"Башнефть\" \"Башнефть-Новойл\""]
["Анкерные болты","ПАО АНК \"Башнефть\" \"Башнефть-Новойл\"",1,107,"Болт 5.М12х300 Ст3пс2 ГОСТ 24379.1","КМП",24,26.7,{"$f":"H111*G111","v":640.79999999999995},"450063, г. Уфа, ПАО АНК \"Башнефть\" \"Башнефть-Новойл\""]
["Анкерные болты","ПАО АНК \"Башнефть\" \"Башнефть-Новойл\"",1,108,"Болт 5.М16х250 20 ГОСТ 24379.1","КМП",3,73.5,{"$f":"H112*G112","v":220.5},"450063, г. Уфа, ПАО АНК \"Башнефть\" \"Башнефть-Новойл\""]
["Анкерные болты","ПАО АНК \"Башнефть\" \"Башнефть-Новойл\"",1,109,"Болт 5.М16х450 Ст3пс2 ГОСТ 24379.1","КМП",1,95.4,{"$f":"H113*G113","v":95.4},"450063, г. Уфа, ПАО АНК \"Башнефть\" \"Башнефть-Новойл\""]
["Анкерные болты","ПАО АНК \"Башнефть\" \"Башнефть-Новойл\"",1,110,"Болт 5.М16х450 Ст3сп2 ГОСТ 24379.1","КМП",5,71.400000000000006,{"$f":"H114*G114","v":357},"450063, г. Уфа, ПАО АНК \"Башнефть\" \"Башнефть-Новойл\""]
["Анкерные болты","ПАО АНК \"Башнефть\" \"Башнефть-Новойл\"",1,111,"Болт 5.М20х450 Ст3пс2 ГОСТ 24379.1","КМП",1,95.1,{"$f":"H115*G115","v":95.1},"450063, г. Уфа, ПАО АНК \"Башнефть\" \"Башнефть-Новойл\""]
["Анкерные болты","ПАО АНК \"Башнефть\" \"Башнефть-Новойл\"",1,112,"Болт 5.М24х300 20 ГОСТ 24379.1","КМП",1,153,{"$f":"H116*G116","v":153},"450063, г. Уфа, ПАО АНК \"Башнефть\" \"Башнефть-Новойл\""]
["Анкерные болты","ПАО АНК \"Башнефть\" \"Башнефть-Новойл\"",1,113,"Болт 5.М30х350 20 ГОСТ 24379.1","КМП",1,248,{"$f":"H117*G117","v":248},"450063, г. Уфа, ПАО АНК \"Башнефть\" \"Башнефть-Новойл\""]
["Арматура","ПАО АНК \"Башнефть\" \"Башнефть-Новойл\"",2,114,"Арматура 12 - А-I ст3сп","Т",0.01,25950,{"$f":"H118*G118","v":259.5},"450063, г. Уфа, ПАО АНК \"Башнефть\" \"Башнефть-Новойл\""]
["Арматура","ПАО АНК \"Башнефть\" \"Башнефть-Новойл\"",2,115,"Арматура 12 - А-I ст3сп","Т",7.0000000000000001E-3,25950,{"$f":"H119*G119","v":181.65},"450063, г. Уфа, ПАО АНК \"Башнефть\" \"Башнефть-Новойл\""]
["Арматура","ПАО АНК \"Башнефть\" \"Башнефть-Новойл\"",2,116,"Арматура 12 - А-I ст3сп","Т",3.0000000000000001E-3,25950,{"$f":"H120*G120","v":77.850000000000009},"450063, г. Уфа, ПАО АНК \"Башнефть\" \"Башнефть-Новойл\""]
["Арматура","ПАО АНК \"Башнефть\" \"Башнефть-Новойл\"",2,117,"Арматура 12 - А-I ст3сп","Т",0.03,25950,{"$f":"H121*G121","v":778.5},"450063, г. Уфа, ПАО АНК \"Башнефть\" \"Башнефть-Новойл\""]
["Арматура","ПАО АНК \"Башнефть\" \"Башнефть-Новойл\"",2,118,"Арматура 12 - А-I ст3сп","Т",0.06,25950,{"$f":"H122*G122","v":1557},"450063, г. Уфа, ПАО АНК \"Башнефть\" \"Башнефть-Новойл\""]
["Арматура","ПАО АНК \"Башнефть\" \"Башнефть-Новойл\"",2,119,"Арматура 12 - А-I ст3сп","Т",0.01,25950,{"$f":"H123*G123","v":259.5},"450063, г. Уфа, ПАО АНК \"Башнефть\" \"Башнефть-Новойл\""]
["Арматура","ПАО АНК \"Башнефть\" \"Башнефть-Новойл\"",2,120,"Арматура 12 - А-I ст3сп","Т",0.29499999999999998,25950,{"$f":"H124*G124","v":7655.25},"450063, г. Уфа, ПАО АНК \"Башнефть\" \"Башнефть-Новойл\""]
["Арматура","ПАО АНК \"Башнефть\" \"Башнефть-Новойл\"",2,121,"Арматура 12 - А-I ст3сп","Т",4.4999999999999998E-2,25950,{"$f":"H125*G125","v":1167.75},"450063, г. Уфа, ПАО АНК \"Башнефть\" \"Башнефть-Новойл\""]
["Арматура","ПАО АНК \"Башнефть\" \"Башнефть-Новойл\"",2,122,"Арматура 12 - А-III ст25Г2С","Т",5.0999999999999997E-2,27130,{"$f":"H126*G126","v":1383.6299999999999},"450063, г. Уфа, ПАО АНК \"Башнефть\" \"Башнефть-Новойл\""]
["Арматура","ПАО АНК \"Башнефть\" \"Башнефть-Новойл\"",2,123,"Арматура 12 - А-III ст25Г2С","Т",0.54,27130,{"$f":"H127*G127","v":14650.2},"450063, г. Уфа, ПАО АНК \"Башнефть\" \"Башнефть-Новойл\""]
["Арматура","ПАО АНК \"Башнефть\" \"Башнефть-Новойл\"",2,124,"Арматура 12 - А-III ст25Г2С","Т",0.19400000000000001,27130,{"$f":"H128*G128","v":5263.22},"450063, г. Уфа, ПАО АНК \"Башнефть\" \"Башнефть-Новойл\""]
["Арматура","ПАО АНК \"Башнефть\" \"Башнефть-Новойл\"",2,125,"Арматура 12 - А-III ст25Г2С","Т",0.14299999999999999,27130,{"$f":"H129*G129","v":3879.5899999999997},"450063, г. Уфа, ПАО АНК \"Башнефть\" \"Башнефть-Новойл\""]
["Арматура","ПАО АНК \"Башнефть\" \"Башнефть-Новойл\"",2,126,"Арматура 12 - А-III ст25Г2С","Т",0.108,27130,{"$f":"H130*G130","v":2930.04},"450063, г. Уфа, ПАО АНК \"Башнефть\" \"Башнефть-Новойл\""]
["Арматура","ПАО АНК \"Башнефть\" \"Башнефть-Новойл\"",2,127,"Арматура 12 - А-III ст25Г2С","Т",2.6480000000000001,27130,{"$f":"H131*G131","v":71840.240000000005},"450063, г. Уфа, ПАО АНК \"Башнефть\" \"Башнефть-Новойл\""]
["Арматура","ПАО АНК \"Башнефть\" \"Башнефть-Новойл\"",2,128,"Арматура 12 - А-III ст25Г2С","Т",1.9E-2,27130,{"$f":"H132*G132","v":515.47},"450063, г. Уфа, ПАО АНК \"Башнефть\" \"Башнефть-Новойл\""]
["Арматура","ПАО АНК \"Башнефть\" \"Башнефть-Новойл\"",2,129,"Арматура 16 - А-I ст3пс","Т",0.124,27030,{"$f":"H133*G133","v":3351.72},"450063, г. Уфа, ПАО АНК \"Башнефть\" \"Башнефть-Новойл\""]
["Арматура","ПАО АНК \"Башнефть\" \"Башнефть-Новойл\"",2,130,"Арматура 22 - А-III ст25Г2С","Т",0.39,28560,{"$f":"H134*G134","v":11138.4},"450063, г. Уфа, ПАО АНК \"Башнефть\" \"Башнефть-Новойл\""]
["Арматура","ПАО АНК \"Башнефть\" \"Башнефть-Новойл\"",2,131,"Арматура 22 - А-III ст25Г2С","Т",4.5650000000000004,28560,{"$f":"H135*G135","v":130376.40000000001},"450063, г. Уфа, ПАО АНК \"Башнефть\" \"Башнефть-Новойл\""]
["Арматура","ПАО АНК \"Башнефть\" \"Башнефть-Новойл\"",2,132,"Арматура 22 - А-III ст25Г2С","Т",19.28,28560,{"$f":"H136*G136","v":550636.80000000005},"450063, г. Уфа, ПАО АНК \"Башнефть\" \"Башнефть-Новойл\""]
["Арматура","ПАО АНК \"Башнефть\" \"Башнефть-Новойл\"",2,133,"Арматура 22 - А-III ст25Г2С","Т",0.871,28560,{"$f":"H137*G137","v":24875.759999999998},"450063, г. Уфа, ПАО АНК \"Башнефть\" \"Башнефть-Новойл\""]
["Арматура","ПАО АНК \"Башнефть\" \"Башнефть-Новойл\"",2,134,"Арматура 32 - А-III ст25Г2С","Т",2,28560,{"$f":"H138*G138","v":57120},"450063, г. Уфа, ПАО АНК \"Башнефть\" \"Башнефть-Новойл\""]
["Арматура","ПАО АНК \"Башнефть\" \"Башнефть-Новойл\"",2,135,"Арматура 32 - А-III ст25Г2С","Т",2.3959999999999999,28560,{"$f":"H139*G139","v":68429.759999999995},"450063, г. Уфа, ПАО АНК \"Башнефть\" \"Башнефть-Новойл\""]
["Арматура","ПАО АНК \"Башнефть\" \"Башнефть-Новойл\"",2,136,"Арматура 36 - А-III ст25Г2С","Т",4.08,28560,{"$f":"H140*G140","v":116524.8},"450063, г. Уфа, ПАО АНК \"Башнефть\" \"Башнефть-Новойл\""]
["Арматура","ПАО АНК \"Башнефть\" \"Башнефть-Новойл\"",2,137,"Арматура 36 - А-III ст25Г2С","Т",1.06,28560,{"$f":"H141*G141","v":30273.600000000002},"450063, г. Уфа, ПАО АНК \"Башнефть\" \"Башнефть-Новойл\""]
["Арматура","ПАО АНК \"Башнефть\" \"Башнефть-Новойл\"",2,138,"Арматура 36 - А-III ст35ГС","Т",0.17799999999999999,24360,{"$f":"H142*G142","v":4336.08},"450063, г. Уфа, ПАО АНК \"Башнефть\" \"Башнефть-Новойл\""]
["Арматура","ПАО АНК \"Башнефть\" \"Башнефть-Новойл\"",2,139,"Арматура 36 - А-III ст35ГС","Т",9.5000000000000001E-2,24360,{"$f":"H143*G143","v":2314.1999999999998},"450063, г. Уфа, ПАО АНК \"Башнефть\" \"Башнефть-Новойл\""]
["Балки двутавровые","ПАО АНК \"Башнефть\" \"Башнефть-Новойл\"",3,140,"Балка двутавровая №35Б1 ст3пс5","Т",2E-3,40758.1,{"$f":"H144*G144","v":81.516199999999998},"450063, г. Уфа, ПАО АНК \"Башнефть\" \"Башнефть-Новойл\""]
["Балки двутавровые","ПАО АНК \"Башнефть\" \"Башнефть-Новойл\"",3,141,"Балка двутавровая №36 С255","Т",0.6,33432.400000000001,{"$f":"H145*G145","v":20059.439999999999},"450063, г. Уфа, ПАО АНК \"Башнефть\" \"Башнефть-Новойл\""]
["Балки двутавровые","ПАО АНК \"Башнефть\" \"Башнефть-Новойл\"",3,142,"Балка двутавровая №36М ст3сп","Т",3.097,33432.400000000001,{"$f":"H146*G146","v":103540.1428},"450063, г. Уфа, ПАО АНК \"Башнефть\" \"Башнефть-Новойл\""]
["Балки двутавровые","ПАО АНК \"Башнефть\" \"Башнефть-Новойл\"",3,143,"Балка двутавровая №40Б1 С255","Т",0.08,33432.400000000001,{"$f":"H147*G147","v":2674.5920000000001},"450063, г. Уфа, ПАО АНК \"Башнефть\" \"Башнефть-Новойл\""]
["Балки двутавровые","ПАО АНК \"Башнефть\" \"Башнефть-Новойл\"",3,144,"Балка двутавровая №40Б1 С255","Т",3.0259999999999998,33432.400000000001,{"$f":"H148*G148","v":101166.4424},"450063, г. Уфа, ПАО АНК \"Башнефть\" \"Башнефть-Новойл\""]
["Балки двутавровые","ПАО АНК \"Башнефть\" \"Башнефть-Новойл\"",3,145,"Балка двутавровая №40Б1 С255","Т",0.68200000000000005,33432.400000000001,{"$f":"H149*G149","v":22800.896800000002},"450063, г. Уфа, ПАО АНК \"Башнефть\" \"Башнефть-Новойл\""]
["Балки двутавровые","ПАО АНК \"Башнефть\" \"Башнефть-Новойл\"",3,146,"Балка двутавровая №40Б2 Ст3сп5","Т",5.5869999999999997,33432.400000000001,{"$f":"H150*G150","v":186786.81880000001},"450063, г. Уфа, ПАО АНК \"Башнефть\" \"Башнефть-Новойл\""]
["Балки двутавровые","ПАО АНК \"Башнефть\" \"Башнефть-Новойл\"",3,147,"Балка двутавровая №40К5 С345-1","Т",37.573999999999998,33432.400000000001,{"$f":"H151*G151","v":1256188.9975999999},"450063, г. Уфа, ПАО АНК \"Башнефть\" \"Башнефть-Новойл\""]
["Балки двутавровые","ПАО АНК \"Башнефть\" \"Башнефть-Новойл\"",3,148,"Балка двутавровая №40К5 С345-1","Т",8.7240000000000002,33432.400000000001,{"$f":"H152*G152","v":291664.25760000001},"450063, г. Уфа, ПАО АНК \"Башнефть\" \"Башнефть-Новойл\""]
["Балки двутавровые","ПАО АНК \"Башнефть\" \"Башнефть-Новойл\"",3,149,"Балка двутавровая №40Ш1 С255-ГК","Т",3.1669999999999998,33432.400000000001,{"$f":"H153*G153","v":105880.4108},"450063, г. Уфа, ПАО АНК \"Башнефть\" \"Башнефть-Новойл\""]
["Балки двутавровые","ПАО АНК \"Башнефть\" \"Башнефть-Новойл\"",3,150,"Балка двутавровая №40Ш1 ст3сп5","Т",3.19,33432.400000000001,{"$f":"H154*G154","v":106649.356},"450063, г. Уфа, ПАО АНК \"Башнефть\" \"Башнефть-Новойл\""]
["Балки двутавровые","ПАО АНК \"Башнефть\" \"Башнефть-Новойл\"",3,151,"Балка двутавровая №40Ш1 ст3сп5","Т",16.510999999999999,33432.400000000001,{"$f":"H155*G155","v":552002.35640000005},"450063, г. Уфа, ПАО АНК \"Башнефть\" \"Башнефть-Новойл\""]
["Балки двутавровые","ПАО АНК \"Башнефть\" \"Башнефть-Новойл\"",3,152,"Балка двутавровая №50Ш1 С255","Т",0.80600000000000005,33432.400000000001,{"$f":"H156*G156","v":26946.514400000004},"450063, г. Уфа, ПАО АНК \"Башнефть\" \"Башнефть-Новойл\""]
["Балки двутавровые","ПАО АНК \"Башнефть\" \"Башнефть-Новойл\"",3,153,"Балка двутавровая №50Ш2 С345-3","Т",9.7899999999999991,33432.400000000001,{"$f":"H157*G157","v":327303.196},"450063, г. Уфа, ПАО АНК \"Башнефть\" \"Башнефть-Новойл\""]
["Балки двутавровые","ПАО АНК \"Башнефть\" \"Башнефть-Новойл\"",3,154,"Балка двутавровая №50Ш4 С345","Т",6.077,34020,{"$f":"H158*G158","v":206739.54},"450063, г. Уфа, ПАО АНК \"Башнефть\" \"Башнефть-Новойл\""]
["Балки двутавровые","ПАО АНК \"Башнефть\" \"Башнефть-Новойл\"",3,155,"Балка двутавровая №50Ш4 С345","Т",15.156000000000001,34020,{"$f":"H159*G159","v":515607.12},"450063, г. Уфа, ПАО АНК \"Башнефть\" \"Башнефть-Новойл\""]
["Балки двутавровые","ПАО АНК \"Башнефть\" \"Башнефть-Новойл\"",3,156,"Балка двутавровая №50Ш4 С345","Т",20.802,34020,{"$f":"H160*G160","v":707684.04},"450063, г. Уфа, ПАО АНК \"Башнефть\" \"Башнефть-Новойл\""]
["Балки двутавровые","ПАО АНК \"Башнефть\" \"Башнефть-Новойл\"",3,157,"Балка двутавровая №50Ш4 С345","Т",24.975000000000001,34020,{"$f":"H161*G161","v":849649.5},"450063, г. Уфа, ПАО АНК \"Башнефть\" \"Башнефть-Новойл\""]
["Болты","ПАО АНК \"Башнефть\" \"Башнефть-Новойл\"",4,158,"Болт 5М12Х150 ст3сп","ШТ",2,33.6,{"$f":"H162*G162","v":67.2},"450063, г. Уфа, ПАО АНК \"Башнефть\" \"Башнефть-Новойл\""]
["Болты","ПАО АНК \"Башнефть\" \"Башнефть-Новойл\"",4,159,"Болт 5М12Х150 ст3сп","ШТ",26,33.6,{"$f":"H163*G163","v":873.6},"450063, г. Уфа, ПАО АНК \"Башнефть\" \"Башнефть-Новойл\""]
["Болты","ПАО АНК \"Башнефть\" \"Башнефть-Новойл\"",4,160,"Болт M18-6Gх80.58 кмп","КГ",0.5,188.3,{"$f":"H164*G164","v":94.15},"450063, г. Уфа, ПАО АНК \"Башнефть\" \"Башнефть-Новойл\""]
["Болты","ПАО АНК \"Башнефть\" \"Башнефть-Новойл\"",4,161,"Болт M18-6Gх80.58 кмп","КГ",0.87,188.3,{"$f":"H165*G165","v":163.821},"450063, г. Уфа, ПАО АНК \"Башнефть\" \"Башнефть-Новойл\""]
["Болты","ПАО АНК \"Башнефть\" \"Башнефть-Новойл\"",4,162,"Болт M20-6Gх110.58 кмп","КГ",7,70.599999999999994,{"$f":"H166*G166","v":494.19999999999993},"450063, г. Уфа, ПАО АНК \"Башнефть\" \"Башнефть-Новойл\""]
["Болты","ПАО АНК \"Башнефть\" \"Башнефть-Новойл\"",4,163,"Болт M22-6Gх90.58 кмп","КГ",73,65.099999999999994,{"$f":"H167*G167","v":4752.2999999999993},"450063, г. Уфа, ПАО АНК \"Башнефть\" \"Башнефть-Новойл\""]
["Болты","ПАО АНК \"Башнефть\" \"Башнефть-Новойл\"",4,164,"Болт M22-6Gх90.58 кмп","КГ",50,63.4,{"$f":"H168*G168","v":3170},"450063, г. Уфа, ПАО АНК \"Башнефть\" \"Башнефть-Новойл\""]
["Болты","ПАО АНК \"Башнефть\" \"Башнефть-Новойл\"",4,165,"Болт M27-6Gх110.58 кмп","КГ",6.2,60.6,{"$f":"H169*G169","v":375.72},"450063, г. Уфа, ПАО АНК \"Башнефть\" \"Башнефть-Новойл\""]
["Болты","ПАО АНК \"Башнефть\" \"Башнефть-Новойл\"",4,166,"Болт M27-6Gх110.58 кмп","КГ",200,58.9,{"$f":"H170*G170","v":11780},"450063, г. Уфа, ПАО АНК \"Башнефть\" \"Башнефть-Новойл\""]
["Болты","ПАО АНК \"Башнефть\" \"Башнефть-Новойл\"",4,167,"Болт M30-6Gх140.58 кмп","КГ",102,65.900000000000006,{"$f":"H171*G171","v":6721.8},"450063, г. Уфа, ПАО АНК \"Башнефть\" \"Башнефть-Новойл\""]
["Болты","ПАО АНК \"Башнефть\" \"Башнефть-Новойл\"",4,168,"Болт M30-6Gх140.58 кмп","КГ",15,65.599999999999994,{"$f":"H172*G172","v":983.99999999999989},"450063, г. Уфа, ПАО АНК \"Башнефть\" \"Башнефть-Новойл\""]
["Болты","ПАО АНК \"Башнефть\" \"Башнефть-Новойл\"",4,169,"Болт M6-6Gх80.58 ст35 с/г с/ш","КМП",600,44.3,{"$f":"H173*G173","v":26580},"450063, г. Уфа, ПАО АНК \"Башнефть\" \"Башнефть-Новойл\""]
["Болты","ПАО АНК \"Башнефть\" \"Башнефть-Новойл\"",4,170,"Болт М10х20.58 оц. ГОСТ 7798","КГ",17.399999999999999,68.099999999999994,{"$f":"H174*G174","v":1184.9399999999998},"450063, г. Уфа, ПАО АНК \"Башнефть\" \"Башнефть-Новойл\""]
["Болты","ПАО АНК \"Башнефть\" \"Башнефть-Новойл\"",4,171,"Болт М10х320 05766528-2162-305АС3.И40.00","КМП",16,38.200000000000003,{"$f":"H175*G175","v":611.20000000000005},"450063, г. Уфа, ПАО АНК \"Башнефть\" \"Башнефть-Новойл\""]
["Болты","ПАО АНК \"Башнефть\" \"Башнефть-Новойл\"",4,172,"Болт М10х80 35","КГ",780,70.8,{"$f":"H176*G176","v":55224},"450063, г. Уфа, ПАО АНК \"Башнефть\" \"Башнефть-Новойл\""]
["Болты","ПАО АНК \"Башнефть\" \"Башнефть-Новойл\"",4,173,"Болт М10х80 Ст3 оц. DIN 933","КГ",24.7,520.20000000000005,{"$f":"H177*G177","v":12848.94},"450063, г. Уфа, ПАО АНК \"Башнефть\" \"Башнефть-Новойл\""]
["Болты","ПАО АНК \"Башнефть\" \"Башнефть-Новойл\"",4,174,"Болт М12-6GХ50.58.35Х","КГ",0.03,313.2,{"$f":"H178*G178","v":9.395999999999999},"450063, г. Уфа, ПАО АНК \"Башнефть\" \"Башнефть-Новойл\""]
["Болты","ПАО АНК \"Башнефть\" \"Башнефть-Новойл\"",4,175,"Болт М12х140 25","КГ",1,75.2,{"$f":"H179*G179","v":75.2},"450063, г. Уфа, ПАО АНК \"Башнефть\" \"Башнефть-Новойл\""]
["Болты","ПАО АНК \"Башнефть\" \"Башнефть-Новойл\"",4,176,"Болт М12х55 25 ГОСТ 7798","КГ",0.2,56,{"$f":"H180*G180","v":11.200000000000001},"450063, г. Уфа, ПАО АНК \"Башнефть\" \"Башнефть-Новойл\""]
["Болты","ПАО АНК \"Башнефть\" \"Башнефть-Новойл\"",4,177,"Болт М18х50.58 35 с/г ГОСТ 7798","КГ",5,76.5,{"$f":"H181*G181","v":382.5},"450063, г. Уфа, ПАО АНК \"Башнефть\" \"Башнефть-Новойл\""]
["Болты","ПАО АНК \"Башнефть\" \"Башнефть-Новойл\"",4,178,"Болт М20-6GХ150.58","КГ",9,53.7,{"$f":"H182*G182","v":483.3},"450063, г. Уфа, ПАО АНК \"Башнефть\" \"Башнефть-Новойл\""]
["Болты","ПАО АНК \"Башнефть\" \"Башнефть-Новойл\"",4,179,"Болт М20-6GХ150.58","КГ",1240,56.4,{"$f":"H183*G183","v":69936},"450063, г. Уфа, ПАО АНК \"Башнефть\" \"Башнефть-Новойл\""]
["Болты","ПАО АНК \"Башнефть\" \"Башнефть-Новойл\"",4,180,"Болт М20-6Gх150.58 с/г","КГ",90,49.9,{"$f":"H184*G184","v":4491},"450063, г. Уфа, ПАО АНК \"Башнефть\" \"Башнефть-Новойл\""]
["Болты","ПАО АНК \"Башнефть\" \"Башнефть-Новойл\"",4,181,"Болт М20-6Gх150.58 с/г","КГ",605,52.4,{"$f":"H185*G185","v":31702},"450063, г. Уфа, ПАО АНК \"Башнефть\" \"Башнефть-Новойл\""]
["Болты","ПАО АНК \"Башнефть\" \"Башнефть-Новойл\"",4,182,"Болт М20-6Gх60.58 ст25","КГ",100,54.7,{"$f":"H186*G186","v":5470},"450063, г. Уфа, ПАО АНК \"Башнефть\" \"Башнефть-Новойл\""]
["Болты","ПАО АНК \"Башнефть\" \"Башнефть-Новойл\"",4,183,"Болт М20-6GХ75.58","КГ",2.024,70.2,{"$f":"H187*G187","v":142.0848},"450063, г. Уфа, ПАО АНК \"Башнефть\" \"Башнефть-Новойл\""]
["Болты","ПАО АНК \"Башнефть\" \"Башнефть-Новойл\"",4,184,"Болт М20-6GХ75.58","КГ",3.2,49.2,{"$f":"H188*G188","v":157.44000000000003},"450063, г. Уфа, ПАО АНК \"Башнефть\" \"Башнефть-Новойл\""]
["Болты","ПАО АНК \"Башнефть\" \"Башнефть-Новойл\"",4,185,"Болт М20-6GХ80.58","КГ",60.6,53.9,{"$f":"H189*G189","v":3266.34},"450063, г. Уфа, ПАО АНК \"Башнефть\" \"Башнефть-Новойл\""]
["Болты","ПАО АНК \"Башнефть\" \"Башнефть-Новойл\"",4,186,"Болт М20-6Gх90.58 ст10","КГ",20,55.4,{"$f":"H190*G190","v":1108},"450063, г. Уфа, ПАО АНК \"Башнефть\" \"Башнефть-Новойл\""]
["Болты","ПАО АНК \"Башнефть\" \"Башнефть-Новойл\"",4,187,"Болт М20х110.58 с/г ГОСТ 7798","КГ",27,84.7,{"$f":"H191*G191","v":2286.9},"450063, г. Уфа, ПАО АНК \"Башнефть\" \"Башнефть-Новойл\""]
["Болты","ПАО АНК \"Башнефть\" \"Башнефть-Новойл\"",4,188,"Болт М20х160 35 ГОСТ 7798","КГ",8,73.8,{"$f":"H192*G192","v":590.4},"450063, г. Уфа, ПАО АНК \"Башнефть\" \"Башнефть-Новойл\""]
["Болты","ПАО АНК \"Башнефть\" \"Башнефть-Новойл\"",4,189,"Болт М20х170.58 кмп ГОСТ7798/5915/11371","КГ",1.1000000000000001,60,{"$f":"H193*G193","v":66},"450063, г. Уфа, ПАО АНК \"Башнефть\" \"Башнефть-Новойл\""]
["Болты","ПАО АНК \"Башнефть\" \"Башнефть-Новойл\"",4,190,"Болт М20х50 35 ГОСТ 7798","КГ",13,76.900000000000006,{"$f":"H194*G194","v":999.7},"450063, г. Уфа, ПАО АНК \"Башнефть\" \"Башнефть-Новойл\""]
["Болты","ПАО АНК \"Башнефть\" \"Башнефть-Новойл\"",4,191,"Болт М20х50 35 ГОСТ 7798","КГ",13,76.900000000000006,{"$f":"H195*G195","v":999.7},"450063, г. Уфа, ПАО АНК \"Башнефть\" \"Башнефть-Новойл\""]
["Болты","ПАО АНК \"Башнефть\" \"Башнефть-Новойл\"",4,192,"Болт М20х50.58 ГОСТ 7798","КГ",9,76.900000000000006,{"$f":"H196*G196","v":692.1},"450063, г. Уфа, ПАО АНК \"Башнефть\" \"Башнефть-Новойл\""]
["Болты","ПАО АНК \"Башнефть\" \"Башнефть-Новойл\"",4,193,"Болт М20х50.58 ГОСТ 7798","КГ",8,76.900000000000006,{"$f":"H197*G197","v":615.20000000000005},"450063, г. Уфа, ПАО АНК \"Башнефть\" \"Башнефть-Новойл\""]
["Болты","ПАО АНК \"Башнефть\" \"Башнефть-Новойл\"",4,194,"Болт М20х75 40Х с/г с/ш ГОСТ 22353","КГ",50,138.80000000000001,{"$f":"H198*G198","v":6940.0000000000009},"450063, г. Уфа, ПАО АНК \"Башнефть\" \"Башнефть-Новойл\""]
["Болты","ПАО АНК \"Башнефть\" \"Башнефть-Новойл\"",4,195,"Болт М20х75 40Х с/г с/ш ГОСТ 22353","КГ",25,138.80000000000001,{"$f":"H199*G199","v":3470.0000000000005},"450063, г. Уфа, ПАО АНК \"Башнефть\" \"Башнефть-Новойл\""]
["Болты","ПАО АНК \"Башнефть\" \"Башнефть-Новойл\"",4,196,"Болт М20х80 25 ГОСТ 7798","КГ",369,93.2,{"$f":"H200*G200","v":34390.800000000003},"450063, г. Уфа, ПАО АНК \"Башнефть\" \"Башнефть-Новойл\""]
["Болты","ПАО АНК \"Башнефть\" \"Башнефть-Новойл\"",4,197,"Болт М22-6GХ100.58 с гайкой","КГ",158,7,{"$f":"H201*G201","v":1106},"450063, г. Уфа, ПАО АНК \"Башнефть\" \"Башнефть-Новойл\""]
["Болты","ПАО АНК \"Башнефть\" \"Башнефть-Новойл\"",4,198,"Болт М22-6GХ110.58 с гайкой","КГ",60,16.5,{"$f":"H202*G202","v":990},"450063, г. Уфа, ПАО АНК \"Башнефть\" \"Башнефть-Новойл\""]
["Болты","ПАО АНК \"Башнефть\" \"Башнефть-Новойл\"",4,199,"Болт М22-6gх90 25 ГОСТ 7798","КГ",39,69.8,{"$f":"H203*G203","v":2722.2},"450063, г. Уфа, ПАО АНК \"Башнефть\" \"Башнефть-Новойл\""]
["Болты","ПАО АНК \"Башнефть\" \"Башнефть-Новойл\"",4,200,"Болт М22х100.58 ГОСТ 7798","КГ",142,71,{"$f":"H204*G204","v":10082},"450063, г. Уфа, ПАО АНК \"Башнефть\" \"Башнефть-Новойл\""]
["Болты","ПАО АНК \"Башнефть\" \"Башнефть-Новойл\"",4,201,"Болт М24-6gх100 35 с/г","КМП",64,119.5,{"$f":"H205*G205","v":7648},"450063, г. Уфа, ПАО АНК \"Башнефть\" \"Башнефть-Новойл\""]
["Болты","ПАО АНК \"Башнефть\" \"Башнефть-Новойл\"",4,202,"Болт М24-6GХ100.58","КГ",24,43.8,{"$f":"H206*G206","v":1051.1999999999998},"450063, г. Уфа, ПАО АНК \"Башнефть\" \"Башнефть-Новойл\""]
["Болты","ПАО АНК \"Башнефть\" \"Башнефть-Новойл\"",4,203,"Болт М24-6GХ60.58","КГ",15.5,56.1,{"$f":"H207*G207","v":869.55000000000007},"450063, г. Уфа, ПАО АНК \"Башнефть\" \"Башнефть-Новойл\""]
["Болты","ПАО АНК \"Башнефть\" \"Башнефть-Новойл\"",4,204,"Болт М24-6GХ75.58","КГ",53,55.5,{"$f":"H208*G208","v":2941.5},"450063, г. Уфа, ПАО АНК \"Башнефть\" \"Башнефть-Новойл\""]
["Болты","ПАО АНК \"Башнефть\" \"Башнефть-Новойл\"",4,205,"Болт М24-6GХ80.58 с гайкой","КГ",98.7,9.3000000000000007,{"$f":"H209*G209","v":917.91000000000008},"450063, г. Уфа, ПАО АНК \"Башнефть\" \"Башнефть-Новойл\""]
["Болты","ПАО АНК \"Башнефть\" \"Башнефть-Новойл\"",4,206,"Болт М24-6GХ80.58 с гайкой","КГ",0.02,9.3000000000000007,{"$f":"H210*G210","v":0.18600000000000003},"450063, г. Уфа, ПАО АНК \"Башнефть\" \"Башнефть-Новойл\""]
["Болты","ПАО АНК \"Башнефть\" \"Башнефть-Новойл\"",4,207,"Болт М24-6gх90 Ст25","КГ",413.2,69.7,{"$f":"H211*G211","v":28800.04},"450063, г. Уфа, ПАО АНК \"Башнефть\" \"Башнефть-Новойл\""]
["Болты","ПАО АНК \"Башнефть\" \"Башнефть-Новойл\"",4,208,"Болт М24-8GХ70.58","КГ",50,37,{"$f":"H212*G212","v":1850},"450063, г. Уфа, ПАО АНК \"Башнефть\" \"Башнефть-Новойл\""]
["Болты","ПАО АНК \"Башнефть\" \"Башнефть-Новойл\"",4,209,"Болт М24-8GХ90.58","КГ",58,43.4,{"$f":"H213*G213","v":2517.1999999999998},"450063, г. Уфа, ПАО АНК \"Башнефть\" \"Башнефть-Новойл\""]
["Болты","ПАО АНК \"Башнефть\" \"Башнефть-Новойл\"",4,210,"Болт М27-6gх110.58 ст25","КГ",193.3,69.400000000000006,{"$f":"H214*G214","v":13415.020000000002},"450063, г. Уфа, ПАО АНК \"Башнефть\" \"Башнефть-Новойл\""]
["Болты","ПАО АНК \"Башнефть\" \"Башнефть-Новойл\"",4,211,"Болт М27х170.58 с/г ГОСТ 7798","КГ",38.4,16.399999999999999,{"$f":"H215*G215","v":629.75999999999988},"450063, г. Уфа, ПАО АНК \"Башнефть\" \"Башнефть-Новойл\""]
["Болты","ПАО АНК \"Башнефть\" \"Башнефть-Новойл\"",4,212,"Болт М30-6GХ130.58 ст35","КГ",155,71.5,{"$f":"H216*G216","v":11082.5},"450063, г. Уфа, ПАО АНК \"Башнефть\" \"Башнефть-Новойл\""]
["Болты","ПАО АНК \"Башнефть\" \"Башнефть-Новойл\"",4,213,"Болт М30-6gх140.58 ст35","КГ",262.5,71.5,{"$f":"H217*G217","v":18768.75},"450063, г. Уфа, ПАО АНК \"Башнефть\" \"Башнефть-Новойл\""]
["Болты","ПАО АНК \"Башнефть\" \"Башнефть-Новойл\"",4,214,"Болт М30-6Gх80.58 с/г","КГ",152.5,7.6,{"$f":"H218*G218","v":1159},"450063, г. Уфа, ПАО АНК \"Башнефть\" \"Башнефть-Новойл\""]
["Болты","ПАО АНК \"Башнефть\" \"Башнефть-Новойл\"",4,215,"Болт М30-8GХ140.58","КГ",169,56,{"$f":"H219*G219","v":9464},"450063, г. Уфа, ПАО АНК \"Башнефть\" \"Башнефть-Новойл\""]
["Болты","ПАО АНК \"Башнефть\" \"Башнефть-Новойл\"",4,216,"Болт М30х180 Ст3сп5","ШТ",8,74,{"$f":"H220*G220","v":592},"450063, г. Уфа, ПАО АНК \"Башнефть\" \"Башнефть-Новойл\""]
["Болты","ПАО АНК \"Башнефть\" \"Башнефть-Новойл\"",4,217,"Болт М36-6GХ140.58","КГ",93.2,66.099999999999994,{"$f":"H221*G221","v":6160.5199999999995},"450063, г. Уфа, ПАО АНК \"Башнефть\" \"Башнефть-Новойл\""]
["Болты","ПАО АНК \"Башнефть\" \"Башнефть-Новойл\"",4,218,"Болт М36-6GХ140.58 ст35","КГ",185,73.099999999999994,{"$f":"H222*G222","v":13523.499999999998},"450063, г. Уфа, ПАО АНК \"Башнефть\" \"Башнефть-Новойл\""]
["Болты","ПАО АНК \"Башнефть\" \"Башнефть-Новойл\"",4,219,"Болт М36-6Gх160.58 ст35","КГ",20,87.2,{"$f":"H223*G223","v":1744},"450063, г. Уфа, ПАО АНК \"Башнефть\" \"Башнефть-Новойл\""]
["Болты","ПАО АНК \"Башнефть\" \"Башнефть-Новойл\"",4,220,"Болт М36-6gх160.58 ст35","КГ",653.20000000000005,73.099999999999994,{"$f":"H224*G224","v":47748.92},"450063, г. Уфа, ПАО АНК \"Башнефть\" \"Башнефть-Новойл\""]
["Болты","ПАО АНК \"Башнефть\" \"Башнефть-Новойл\"",4,221,"Болт М36-6GХ200.58","КГ",4.5,67.8,{"$f":"H225*G225","v":305.09999999999997},"450063, г. Уфа, ПАО АНК \"Башнефть\" \"Башнефть-Новойл\""]
["Болты","ПАО АНК \"Башнефть\" \"Башнефть-Новойл\"",4,222,"Болт М36-6GХ200.58","КГ",50,60.4,{"$f":"H226*G226","v":3020},"450063, г. Уфа, ПАО АНК \"Башнефть\" \"Башнефть-Новойл\""]
["Болты","ПАО АНК \"Башнефть\" \"Башнефть-Новойл\"",4,223,"Болт М36-8GХ160.58","КГ",220,64,{"$f":"H227*G227","v":14080},"450063, г. Уфа, ПАО АНК \"Башнефть\" \"Башнефть-Новойл\""]
["Болты","ПАО АНК \"Башнефть\" \"Башнефть-Новойл\"",4,224,"Болт М36х240 Ст3сп5 ГОСТ 7798","ШТ",8,57.1,{"$f":"H228*G228","v":456.8},"450063, г. Уфа, ПАО АНК \"Башнефть\" \"Башнефть-Новойл\""]
["Болты","ПАО АНК \"Башнефть\" \"Башнефть-Новойл\"",4,225,"Болт М42-6GХ170.58","КГ",60,64,{"$f":"H229*G229","v":3840},"450063, г. Уфа, ПАО АНК \"Башнефть\" \"Башнефть-Новойл\""]
["Болты","ПАО АНК \"Башнефть\" \"Башнефть-Новойл\"",4,226,"Болт М42-6gх170.58 ст35","КГ",476.8,78.2,{"$f":"H230*G230","v":37285.760000000002},"450063, г. Уфа, ПАО АНК \"Башнефть\" \"Башнефть-Новойл\""]
["Болты","ПАО АНК \"Башнефть\" \"Башнефть-Новойл\"",4,227,"Болт М6-6GХ16.58","КГ",2,143.1,{"$f":"H231*G231","v":286.2},"450063, г. Уфа, ПАО АНК \"Башнефть\" \"Башнефть-Новойл\""]
["Болты","ПАО АНК \"Башнефть\" \"Башнефть-Новойл\"",4,228,"Болт М6-6GХ16.58","КГ",2,143.1,{"$f":"H232*G232","v":286.2},"450063, г. Уфа, ПАО АНК \"Башнефть\" \"Башнефть-Новойл\""]
["Болты","ПАО АНК \"Башнефть\" \"Башнефть-Новойл\"",4,229,"Болт М6-6GХ16.58","КГ",2,143.1,{"$f":"H233*G233","v":286.2},"450063, г. Уфа, ПАО АНК \"Башнефть\" \"Башнефть-Новойл\""]
["Болты","ПАО АНК \"Башнефть\" \"Башнефть-Новойл\"",4,230,"Болт М6-6GХ20.58","КГ",200,287.39999999999998,{"$f":"H234*G234","v":57479.999999999993},"450063, г. Уфа, ПАО АНК \"Башнефть\" \"Башнефть-Новойл\""]
["Болты","ПАО АНК \"Башнефть\" \"Башнефть-Новойл\"",4,231,"Болт М6-6GХ20.58","КГ",2.4,342.4,{"$f":"H235*G235","v":821.75999999999988},"450063, г. Уфа, ПАО АНК \"Башнефть\" \"Башнефть-Новойл\""]
["Болты","ПАО АНК \"Башнефть\" \"Башнефть-Новойл\"",4,232,"Болт М6-6GХ20.58","КГ",0.38,342.4,{"$f":"H236*G236","v":130.11199999999999},"450063, г. Уфа, ПАО АНК \"Башнефть\" \"Башнефть-Новойл\""]
["Болты","ПАО АНК \"Башнефть\" \"Башнефть-Новойл\"",4,233,"Болт М6-6GХ20.58","КГ",0.2,342.4,{"$f":"H237*G237","v":68.48},"450063, г. Уфа, ПАО АНК \"Башнефть\" \"Башнефть-Новойл\""]
["Болты","ПАО АНК \"Башнефть\" \"Башнефть-Новойл\"",4,234,"Болт М6-6GХ60.58","КГ",54,32.200000000000003,{"$f":"H238*G238","v":1738.8000000000002},"450063, г. Уфа, ПАО АНК \"Башнефть\" \"Башнефть-Новойл\""]
["Рельсы","ПАО АНК \"Башнефть\" \"Башнефть-Новойл\"",5,235,"Рельс КР70-А","Т",0.86299999999999999,43440,{"$f":"H239*G239","v":37488.720000000001},"450063, г. Уфа, ПАО АНК \"Башнефть\" \"Башнефть-Новойл\""]
["Рельсы","ПАО АНК \"Башнефть\" \"Башнефть-Новойл\"",5,236,"Рельс Р24","Т",0.58799999999999997,49560,{"$f":"H240*G240","v":29141.279999999999},"450063, г. Уфа, ПАО АНК \"Башнефть\" \"Башнефть-Новойл\""]
["Рельсы","ПАО АНК \"Башнефть\" \"Башнефть-Новойл\"",5,237,"Рельс Р43","Т",0.56000000000000005,37920,{"$f":"H241*G241","v":21235.200000000001},"450063, г. Уфа, ПАО АНК \"Башнефть\" \"Башнефть-Новойл\""]
["Рельсы","ПАО АНК \"Башнефть\" \"Башнефть-Новойл\"",5,238,"Рельс Р65-Т1-К76Ф-25-3/2","Т",1.494,40670,{"$f":"H242*G242","v":60760.98},"450063, г. Уфа, ПАО АНК \"Башнефть\" \"Башнефть-Новойл\""]
["Вкладыши","ПАО АНК \"Башнефть\" \"Башнефть-Новойл\"",6,239,"Вкладыш 3.288.609","ШТ",4,11794.1,{"$f":"H243*G243","v":47176.4},"450063, г. Уфа, ПАО АНК \"Башнефть\" \"Башнефть-Новойл\""]
["Вкладыши","ПАО АНК \"Башнефть\" \"Башнефть-Новойл\"",6,240,"Вкладыш 3.288.610","ШТ",4,11794.1,{"$f":"H244*G244","v":47176.4},"450063, г. Уфа, ПАО АНК \"Башнефть\" \"Башнефть-Новойл\""]
["Вкладыши","ПАО АНК \"Башнефть\" \"Башнефть-Новойл\"",6,241,"Вкладыш 5ВК.263.037","ШТ",1,35618.5,{"$f":"H245*G245","v":35618.5},"450063, г. Уфа, ПАО АНК \"Башнефть\" \"Башнефть-Новойл\""]
["Вкладыши","ПАО АНК \"Башнефть\" \"Башнефть-Новойл\"",6,242,"Вкладыш 5ВК.263.038","ШТ",1,35618.5,{"$f":"H246*G246","v":35618.5},"450063, г. Уфа, ПАО АНК \"Башнефть\" \"Башнефть-Новойл\""]
["Вкладыши","ПАО АНК \"Башнефть\" \"Башнефть-Новойл\"",6,243,"Вкладыш ГХ.715143.004-94","ШТ",2,1971.4,{"$f":"H247*G247","v":3942.8},"450063, г. Уфа, ПАО АНК \"Башнефть\" \"Башнефть-Новойл\""]
["Вкладыши","ПАО АНК \"Башнефть\" \"Башнефть-Новойл\"",6,244,"Вкладыш из 2-х половин","ШТ",2,36188.1,{"$f":"H248*G248","v":72376.2},"450063, г. Уфа, ПАО АНК \"Башнефть\" \"Башнефть-Новойл\""]
["Вкладыши","ПАО АНК \"Башнефть\" \"Башнефть-Новойл\"",6,245,"Вкладыш подшипника 5ВК 263.181","ШТ",4,25206.6,{"$f":"H249*G249","v":100826.4},"450063, г. Уфа, ПАО АНК \"Башнефть\" \"Башнефть-Новойл\""]
["Вкладыши","ПАО АНК \"Башнефть\" \"Башнефть-Новойл\"",6,246,"Вкладыш подшипника 5ВК.263.145","ШТ",5,21309.5,{"$f":"H250*G250","v":106547.5},"450063, г. Уфа, ПАО АНК \"Башнефть\" \"Башнефть-Новойл\""]
["Вкладыши","ПАО АНК \"Башнефть\" \"Башнефть-Новойл\"",6,247,"Вкладыш подшипника 5ВК.263.146","ШТ",5,21309.5,{"$f":"H251*G251","v":106547.5},"450063, г. Уфа, ПАО АНК \"Башнефть\" \"Башнефть-Новойл\""]
["Вкладыши","ПАО АНК \"Башнефть\" \"Башнефть-Новойл\"",6,248,"Вкладыш подшипника 5ВК263.182","ШТ",4,25206.6,{"$f":"H252*G252","v":100826.4},"450063, г. Уфа, ПАО АНК \"Башнефть\" \"Башнефть-Новойл\""]
["Вкладыши","ПАО АНК \"Башнефть\" \"Башнефть-Новойл\"",6,249,"Вкладыш ч.В16.11.01.017","ШТ",2,5991.6,{"$f":"H253*G253","v":11983.2},"450063, г. Уфа, ПАО АНК \"Башнефть\" \"Башнефть-Новойл\""]
["Вспомогательные материалы","ПАО АНК \"Башнефть\" \"Башнефть-Новойл\"",7,250,"200.006.00-00-12/M20х1,5-M20х1,5-120-H10","ШТ",7,574.5,{"$f":"H254*G254","v":4021.5},"450063, г. Уфа, ПАО АНК \"Башнефть\" \"Башнефть-Новойл\""]
["Вспомогательные материалы","ПАО АНК \"Башнефть\" \"Башнефть-Новойл\"",7,251,"200.006.00-00-13-М20х1,5-Н10-200","ШТ",2,558.5,{"$f":"H255*G255","v":1117},"450063, г. Уфа, ПАО АНК \"Башнефть\" \"Башнефть-Новойл\""]
["Вспомогательные материалы","ПАО АНК \"Башнефть\" \"Башнефть-Новойл\"",7,252,"Блок ротации кондиционера УРК-2","ШТ",1,7770,{"$f":"H256*G256","v":7770},"450063, г. Уфа, ПАО АНК \"Башнефть\" \"Башнефть-Новойл\""]
["Вспомогательные материалы","ПАО АНК \"Башнефть\" \"Башнефть-Новойл\"",7,253,"Бобышка ЮНКЖ 034.5-Смф-60-100","ШТ",1,736.7,{"$f":"H257*G257","v":736.7},"450063, г. Уфа, ПАО АНК \"Башнефть\" \"Башнефть-Новойл\""]
["Вспомогательные материалы","ПАО АНК \"Башнефть\" \"Башнефть-Новойл\"",7,254,"Вентилятор ВР-280-46 №6.3 11/750","ШТ",2,59135.6,{"$f":"H258*G258","v":118271.2},"450063, г. Уфа, ПАО АНК \"Башнефть\" \"Башнефть-Новойл\""]
["Вспомогательные материалы","ПАО АНК \"Башнефть\" \"Башнефть-Новойл\"",7,255,"Вентилятор ВР-280-46 №6.3 И2 и.1 7.5/750","ШТ",1,49658.7,{"$f":"H259*G259","v":49658.7},"450063, г. Уфа, ПАО АНК \"Башнефть\" \"Башнефть-Новойл\""]
["Вспомогательные материалы","ПАО АНК \"Башнефть\" \"Башнефть-Новойл\"",7,256,"Винт зажимной М12-050 5.64111.20.00.Z","ШТ",6,564.29999999999995,{"$f":"H260*G260","v":3385.7999999999997},"450063, г. Уфа, ПАО АНК \"Башнефть\" \"Башнефть-Новойл\""]
["Вспомогательные материалы","ПАО АНК \"Башнефть\" \"Башнефть-Новойл\"",7,257,"Вкладыш","ШТ",12,12452,{"$f":"H261*G261","v":149424},"450063, г. Уфа, ПАО АНК \"Башнефть\" \"Башнефть-Новойл\""]
["Вспомогательные материалы","ПАО АНК \"Башнефть\" \"Башнефть-Новойл\"",7,258,"Вставка гибкая В.00.00-02","ШТ",2,210.7,{"$f":"H262*G262","v":421.4},"450063, г. Уфа, ПАО АНК \"Башнефть\" \"Башнефть-Новойл\""]
["Вспомогательные материалы","ПАО АНК \"Башнефть\" \"Башнефть-Новойл\"",7,259,"Вставка гибкая В.00.00-05","ШТ",4,581.4,{"$f":"H263*G263","v":2325.6},"450063, г. Уфа, ПАО АНК \"Башнефть\" \"Башнефть-Новойл\""]
["Вспомогательные материалы","ПАО АНК \"Башнефть\" \"Башнефть-Новойл\"",7,260,"Вставка гибкая В.00.00-08","ШТ",4,646.6,{"$f":"H264*G264","v":2586.4},"450063, г. Уфа, ПАО АНК \"Башнефть\" \"Башнефть-Новойл\""]
["Вспомогательные материалы","ПАО АНК \"Башнефть\" \"Башнефть-Новойл\"",7,261,"Вставка гибкая В.00.00-12","ШТ",2,664.2,{"$f":"H265*G265","v":1328.4},"450063, г. Уфа, ПАО АНК \"Башнефть\" \"Башнефть-Новойл\""]
["Вспомогательные материалы","ПАО АНК \"Башнефть\" \"Башнефть-Новойл\"",7,262,"Вставка гибкая В.00.00-12","ШТ",4,885.8,{"$f":"H266*G266","v":3543.2},"450063, г. Уфа, ПАО АНК \"Башнефть\" \"Башнефть-Новойл\""]
["Вспомогательные материалы","ПАО АНК \"Башнефть\" \"Башнефть-Новойл\"",7,263,"Вставка гибкая ВГ-В-4.5-Н-УХЛ","ШТ",1,160.5,{"$f":"H267*G267","v":160.5},"450063, г. Уфа, ПАО АНК \"Башнефть\" \"Башнефть-Новойл\""]
["Вспомогательные материалы","ПАО АНК \"Башнефть\" \"Башнефть-Новойл\"",7,264,"Вставка гибкая ВГ-Н-4.5-Н-УХЛ","ШТ",1,176.5,{"$f":"H268*G268","v":176.5},"450063, г. Уфа, ПАО АНК \"Башнефть\" \"Башнефть-Новойл\""]
["Вспомогательные материалы","ПАО АНК \"Башнефть\" \"Башнефть-Новойл\"",7,265,"Вставка гибкая ВГТ 700х700","ШТ",4,3551.1,{"$f":"H269*G269","v":14204.4},"450063, г. Уфа, ПАО АНК \"Башнефть\" \"Башнефть-Новойл\""]
["Вспомогательные материалы","ПАО АНК \"Башнефть\" \"Башнефть-Новойл\"",7,266,"Вставка гибкая ВГТ 702х293","ШТ",2,2682,{"$f":"H270*G270","v":5364},"450063, г. Уфа, ПАО АНК \"Башнефть\" \"Башнефть-Новойл\""]
["Вспомогательные материалы","ПАО АНК \"Башнефть\" \"Башнефть-Новойл\"",7,267,"Вставка гибкая ВГТ Ду 870","ШТ",2,3238.2,{"$f":"H271*G271","v":6476.4},"450063, г. Уфа, ПАО АНК \"Башнефть\" \"Башнефть-Новойл\""]
["Вспомогательные материалы","ПАО АНК \"Башнефть\" \"Башнефть-Новойл\"",7,268,"Вставка гибкая Н.00.00-02","ШТ",2,186.3,{"$f":"H272*G272","v":372.6},"450063, г. Уфа, ПАО АНК \"Башнефть\" \"Башнефть-Новойл\""]
["Вспомогательные материалы","ПАО АНК \"Башнефть\" \"Башнефть-Новойл\"",7,269,"Вставка гибкая Н.00.00-03","ШТ",4,137.80000000000001,{"$f":"H273*G273","v":551.20000000000005},"450063, г. Уфа, ПАО АНК \"Башнефть\" \"Башнефть-Новойл\""]
["Вспомогательные материалы","ПАО АНК \"Башнефть\" \"Башнефть-Новойл\"",7,270,"Вставка гибкая Н.00.00-08","ШТ",1,199,{"$f":"H274*G274","v":199},"450063, г. Уфа, ПАО АНК \"Башнефть\" \"Башнефть-Новойл\""]
["Вспомогательные материалы","ПАО АНК \"Башнефть\" \"Башнефть-Новойл\"",7,271,"Вставка гибкая Н.00.00-08","ШТ",4,160.5,{"$f":"H275*G275","v":642},"450063, г. Уфа, ПАО АНК \"Башнефть\" \"Башнефть-Новойл\""]
["Вспомогательные материалы","ПАО АНК \"Башнефть\" \"Башнефть-Новойл\"",7,272,"Вставка гибкая Н.00.00-11","ШТ",1,786.3,{"$f":"H276*G276","v":786.3},"450063, г. Уфа, ПАО АНК \"Башнефть\" \"Башнефть-Новойл\""]
["Вспомогательные материалы","ПАО АНК \"Башнефть\" \"Башнефть-Новойл\"",7,273,"Вставка гибкая Н.00.00-15","ШТ",4,599.9,{"$f":"H277*G277","v":2399.6},"450063, г. Уфа, ПАО АНК \"Башнефть\" \"Башнефть-Новойл\""]
["Вспомогательные материалы","ПАО АНК \"Башнефть\" \"Башнефть-Новойл\"",7,274,"Вставка термостойкая ВГТ-2-7.1-600","ШТ",1,1765.1,{"$f":"H278*G278","v":1765.1},"450063, г. Уфа, ПАО АНК \"Башнефть\" \"Башнефть-Новойл\""]
["Вспомогательные материалы","ПАО АНК \"Башнефть\" \"Башнефть-Новойл\"",7,275,"Вставка термостойкая ВГТ-3-7.1-600","ШТ",1,1700.9,{"$f":"H279*G279","v":1700.9},"450063, г. Уфа, ПАО АНК \"Башнефть\" \"Башнефть-Новойл\""]
["Вспомогательные материалы","ПАО АНК \"Башнефть\" \"Башнефть-Новойл\"",7,276,"Вставка фильтрующая KF3 70-40","ШТ",1,405.5,{"$f":"H280*G280","v":405.5},"450063, г. Уфа, ПАО АНК \"Башнефть\" \"Башнефть-Новойл\""]
["Вспомогательные материалы","ПАО АНК \"Башнефть\" \"Башнефть-Новойл\"",7,277,"Вставка фильтрующая KF3 70-40","ШТ",1,438.6,{"$f":"H281*G281","v":438.6},"450063, г. Уфа, ПАО АНК \"Башнефть\" \"Башнефть-Новойл\""]
["Вспомогательные материалы","ПАО АНК \"Башнефть\" \"Башнефть-Новойл\"",7,278,"Вставка фильтрующая KF3 70-40","ШТ",5,405.5,{"$f":"H282*G282","v":2027.5},"450063, г. Уфа, ПАО АНК \"Башнефть\" \"Башнефть-Новойл\""]
["Вспомогательные материалы","ПАО АНК \"Башнефть\" \"Башнефть-Новойл\"",7,279,"Вставка фильтрующая KF3 70-40","ШТ",5,533.20000000000005,{"$f":"H283*G283","v":2666},"450063, г. Уфа, ПАО АНК \"Башнефть\" \"Башнефть-Новойл\""]
["Вспомогательные материалы","ПАО АНК \"Башнефть\" \"Башнефть-Новойл\"",7,280,"Вставка фильтрующая KF3 70-40","ШТ",1,405.5,{"$f":"H284*G284","v":405.5},"450063, г. Уфа, ПАО АНК \"Башнефть\" \"Башнефть-Новойл\""]
["Вспомогательные материалы","ПАО АНК \"Башнефть\" \"Башнефть-Новойл\"",7,281,"Вставка фильтрующая VF3 50-25","ШТ",2,596.9,{"$f":"H285*G285","v":1193.8},"450063, г. Уфа, ПАО АНК \"Башнефть\" \"Башнефть-Новойл\""]
["Вспомогательные материалы","ПАО АНК \"Башнефть\" \"Башнефть-Новойл\"",7,282,"Вставка фильтрующая VFK 80-50","ШТ",2,963.5,{"$f":"H286*G286","v":1927},"450063, г. Уфа, ПАО АНК \"Башнефть\" \"Башнефть-Новойл\""]
["Вспомогательные материалы","ПАО АНК \"Башнефть\" \"Башнефть-Новойл\"",7,283,"Головка JUMO dTRANS T01 90/00387706","ШТ",69,86.6,{"$f":"H287*G287","v":5975.4},"450063, г. Уфа, ПАО АНК \"Башнефть\" \"Башнефть-Новойл\""]
["Вспомогательные материалы","ПАО АНК \"Башнефть\" \"Башнефть-Новойл\"",7,284,"ГТ-702-50-33х2-М20х1.5-12Х18Н10Т-120","ШТ",1,2439.9,{"$f":"H288*G288","v":2439.9},"450063, г. Уфа, ПАО АНК \"Башнефть\" \"Башнефть-Новойл\""]
["Вспомогательные материалы","ПАО АНК \"Башнефть\" \"Башнефть-Новойл\"",7,285,"ДА2005СГ1Ex (-1...0...3)кгс/см2","ШТ",2,6214.3,{"$f":"H289*G289","v":12428.6},"450063, г. Уфа, ПАО АНК \"Башнефть\" \"Башнефть-Новойл\""]
["Вспомогательные материалы","ПАО АНК \"Башнефть\" \"Башнефть-Новойл\"",7,286,"ДА2005СГ1Ex (-1...0...3)кгс/см2","ШТ",3,6214.3,{"$f":"H290*G290","v":18642.900000000001},"450063, г. Уфа, ПАО АНК \"Башнефть\" \"Башнефть-Новойл\""]
["Вспомогательные материалы","ПАО АНК \"Башнефть\" \"Башнефть-Новойл\"",7,287,"Дроссель двигателя 90А VW3A5103","ШТ",7,13924.7,{"$f":"H291*G291","v":97472.900000000009},"450063, г. Уфа, ПАО АНК \"Башнефть\" \"Башнефть-Новойл\""]
["Вспомогательные материалы","ПАО АНК \"Башнефть\" \"Башнефть-Новойл\"",7,288,"Дроссель двигателя 90А VW3A5103","ШТ",7,13924.7,{"$f":"H292*G292","v":97472.900000000009},"450063, г. Уфа, ПАО АНК \"Башнефть\" \"Башнефть-Новойл\""]
["Вспомогательные материалы","ПАО АНК \"Башнефть\" \"Башнефть-Новойл\"",7,289,"Звездочка 4.248.045","ШТ",5,2138,{"$f":"H293*G293","v":10690},"450063, г. Уфа, ПАО АНК \"Башнефть\" \"Башнефть-Новойл\""]
["Вспомогательные материалы","ПАО АНК \"Башнефть\" \"Башнефть-Новойл\"",7,290,"Зонт вытяжной D100","ШТ",1,88.6,{"$f":"H294*G294","v":88.6},"450063, г. Уфа, ПАО АНК \"Башнефть\" \"Башнефть-Новойл\""]
["Вспомогательные материалы","ПАО АНК \"Башнефть\" \"Башнефть-Новойл\"",7,291,"Зонт вытяжной D160","ШТ",3,117.6,{"$f":"H295*G295","v":352.79999999999995},"450063, г. Уфа, ПАО АНК \"Башнефть\" \"Башнефть-Новойл\""]
["Вспомогательные материалы","ПАО АНК \"Башнефть\" \"Башнефть-Новойл\"",7,292,"Зонт вытяжной D200","ШТ",1,130.9,{"$f":"H296*G296","v":130.9},"450063, г. Уфа, ПАО АНК \"Башнефть\" \"Башнефть-Новойл\""]
["Вспомогательные материалы","ПАО АНК \"Башнефть\" \"Башнефть-Новойл\"",7,293,"Зонт вытяжной D250","ШТ",1,141.6,{"$f":"H297*G297","v":141.6},"450063, г. Уфа, ПАО АНК \"Башнефть\" \"Башнефть-Новойл\""]
["Вспомогательные материалы","ПАО АНК \"Башнефть\" \"Башнефть-Новойл\"",7,294,"Зонт вытяжной D315мм","ШТ",3,192.4,{"$f":"H298*G298","v":577.20000000000005},"450063, г. Уфа, ПАО АНК \"Башнефть\" \"Башнефть-Новойл\""]
["Вспомогательные материалы","ПАО АНК \"Башнефть\" \"Башнефть-Новойл\"",7,295,"Зонт вытяжной ЗК.00.000-06 с.5.904-51 в1","ШТ",1,590.6,{"$f":"H299*G299","v":590.6},"450063, г. Уфа, ПАО АНК \"Башнефть\" \"Башнефть-Новойл\""]
["Вспомогательные материалы","ПАО АНК \"Башнефть\" \"Башнефть-Новойл\"",7,296,"Зонт круглый ЗК.00.000 D160","ШТ",1,63.8,{"$f":"H300*G300","v":63.8},"450063, г. Уфа, ПАО АНК \"Башнефть\" \"Башнефть-Новойл\""]
["Вспомогательные материалы","ПАО АНК \"Башнефть\" \"Башнефть-Новойл\"",7,297,"Импеллер РДКН.102.002.008-09","ШТ",3,13549.6,{"$f":"H301*G301","v":40648.800000000003},"450063, г. Уфа, ПАО АНК \"Башнефть\" \"Башнефть-Новойл\""]
["Вспомогательные материалы","ПАО АНК \"Башнефть\" \"Башнефть-Новойл\"",7,298,"Кабель CCA772","ШТ",1,1598.5,{"$f":"H302*G302","v":1598.5},"450063, г. Уфа, ПАО АНК \"Башнефть\" \"Башнефть-Новойл\""]
["Вспомогательные материалы","ПАО АНК \"Башнефть\" \"Башнефть-Новойл\"",7,299,"Кабель CCA772","ШТ",1,1598.5,{"$f":"H303*G303","v":1598.5},"450063, г. Уфа, ПАО АНК \"Башнефть\" \"Башнефть-Новойл\""]
["Вспомогательные материалы","ПАО АНК \"Башнефть\" \"Башнефть-Новойл\"",7,300,"Кабель CCA772","ШТ",1,1598.5,{"$f":"H304*G304","v":1598.5},"450063, г. Уфа, ПАО АНК \"Башнефть\" \"Башнефть-Новойл\""]
["Вспомогательные материалы","ПАО АНК \"Башнефть\" \"Башнефть-Новойл\"",7,301,"Кабель CCA783","ШТ",1,1333.1,{"$f":"H305*G305","v":1333.1},"450063, г. Уфа, ПАО АНК \"Башнефть\" \"Башнефть-Новойл\""]
["Вспомогательные материалы","ПАО АНК \"Башнефть\" \"Башнефть-Новойл\"",7,302,"Карта Schneider Electric VW3A3201","ШТ",6,5014.8,{"$f":"H306*G306","v":30088.800000000003},"450063, г. Уфа, ПАО АНК \"Башнефть\" \"Башнефть-Новойл\""]
["Вспомогательные материалы","ПАО АНК \"Башнефть\" \"Башнефть-Новойл\"",7,303,"Карта расшир.VW3A3202 Schneider Electric","ШТ",6,10684.8,{"$f":"H307*G307","v":64108.799999999996},"450063, г. Уфа, ПАО АНК \"Башнефть\" \"Башнефть-Новойл\""]
["Вспомогательные материалы","ПАО АНК \"Башнефть\" \"Башнефть-Новойл\"",7,304,"Кожух Shneider Electric VW3A9612","ШТ",7,12977.1,{"$f":"H308*G308","v":90839.7},"450063, г. Уфа, ПАО АНК \"Башнефть\" \"Башнефть-Новойл\""]
["Вспомогательные материалы","ПАО АНК \"Башнефть\" \"Башнефть-Новойл\"",7,305,"Корпус 59800900 д/Mettler-Toledo кмп1","КМП",2,56860.3,{"$f":"H309*G309","v":113720.6},"450063, г. Уфа, ПАО АНК \"Башнефть\" \"Башнефть-Новойл\""]
["Вспомогательные материалы","ПАО АНК \"Башнефть\" \"Башнефть-Новойл\"",7,306,"Корпус 59800900 д/Mettler-Toledo кмп1","КМП",1,56860.3,{"$f":"H310*G310","v":56860.3},"450063, г. Уфа, ПАО АНК \"Башнефть\" \"Башнефть-Новойл\""]
["Вспомогательные материалы","ПАО АНК \"Башнефть\" \"Башнефть-Новойл\"",7,307,"КТХА-04.06-062-к2-Н-С10-6-500/2000","ШТ",53,1510,{"$f":"H311*G311","v":80030},"450063, г. Уфа, ПАО АНК \"Башнефть\" \"Башнефть-Новойл\""]
["Вспомогательные материалы","ПАО АНК \"Башнефть\" \"Башнефть-Новойл\"",7,308,"Манжета ч.S1-T ПУ 40х50х5,5","ШТ",6,2673.7,{"$f":"H312*G312","v":16042.199999999999},"450063, г. Уфа, ПАО АНК \"Башнефть\" \"Башнефть-Новойл\""]
["Вспомогательные материалы","ПАО АНК \"Башнефть\" \"Башнефть-Новойл\"",7,309,"Манжета ч.S1-T ПУ 40х50х5,5","ШТ",5,2673.7,{"$f":"H313*G313","v":13368.5},"450063, г. Уфа, ПАО АНК \"Башнефть\" \"Башнефть-Новойл\""]
["Вспомогательные материалы","ПАО АНК \"Башнефть\" \"Башнефть-Новойл\"",7,310,"Манжета ч.S1-T ПУ 40х50х5,5","ШТ",1,2646,{"$f":"H314*G314","v":2646},"450063, г. Уфа, ПАО АНК \"Башнефть\" \"Башнефть-Новойл\""]
["Вспомогательные материалы","ПАО АНК \"Башнефть\" \"Башнефть-Новойл\"",7,311,"Ниппель Siemens арт. M56340-A0008","ШТ",4,505.7,{"$f":"H315*G315","v":2022.8},"450063, г. Уфа, ПАО АНК \"Башнефть\" \"Башнефть-Новойл\""]
["Вспомогательные материалы","ПАО АНК \"Башнефть\" \"Башнефть-Новойл\"",7,312,"Пластина направляющая LEK002-050040-00","ШТ",4,3596.5,{"$f":"H316*G316","v":14386},"450063, г. Уфа, ПАО АНК \"Башнефть\" \"Башнефть-Новойл\""]
["Вспомогательные материалы","ПАО АНК \"Башнефть\" \"Башнефть-Новойл\"",7,313,"Пластина направляющая LEK003-000050-00","ШТ",4,3382.9,{"$f":"H317*G317","v":13531.6},"450063, г. Уфа, ПАО АНК \"Башнефть\" \"Башнефть-Новойл\""]
["Вспомогательные материалы","ПАО АНК \"Башнефть\" \"Башнефть-Новойл\"",7,314,"Пластина направляющая LEK003-000050-00","ШТ",2,3382.9,{"$f":"H318*G318","v":6765.8},"450063, г. Уфа, ПАО АНК \"Башнефть\" \"Башнефть-Новойл\""]
["Вспомогательные материалы","ПАО АНК \"Башнефть\" \"Башнефть-Новойл\"",7,315,"Развервитель-сплиттер 5bites LY-SB26B-A","ШТ",40,200,{"$f":"H319*G319","v":8000},"450063, г. Уфа, ПАО АНК \"Башнефть\" \"Башнефть-Новойл\""]
["Вспомогательные материалы","ПАО АНК \"Башнефть\" \"Башнефть-Новойл\"",7,316,"Решетка вентиляционная Р 150","ШТ",2,150,{"$f":"H320*G320","v":300},"450063, г. Уфа, ПАО АНК \"Башнефть\" \"Башнефть-Новойл\""]
["Вспомогательные материалы","ПАО АНК \"Башнефть\" \"Башнефть-Новойл\"",7,317,"Решетка вентиляционная Р 200","ШТ",95,50,{"$f":"H321*G321","v":4750},"450063, г. Уфа, ПАО АНК \"Башнефть\" \"Башнефть-Новойл\""]
["Вспомогательные материалы","ПАО АНК \"Башнефть\" \"Башнефть-Новойл\"",7,318,"Решетка вентиляционная Р 200","ШТ",1,40,{"$f":"H322*G322","v":40},"450063, г. Уфа, ПАО АНК \"Башнефть\" \"Башнефть-Новойл\""]
["Вспомогательные материалы","ПАО АНК \"Башнефть\" \"Башнефть-Новойл\"",7,319,"Решетка вентиляционная Р 300","ШТ",6,160,{"$f":"H323*G323","v":960},"450063, г. Уфа, ПАО АНК \"Башнефть\" \"Башнефть-Новойл\""]
["Вспомогательные материалы","ПАО АНК \"Башнефть\" \"Башнефть-Новойл\"",7,320,"Термостат QAF81.3","ШТ",3,3290,{"$f":"H324*G324","v":9870},"450063, г. Уфа, ПАО АНК \"Башнефть\" \"Башнефть-Новойл\""]
["Вспомогательные материалы","ПАО АНК \"Башнефть\" \"Башнефть-Новойл\"",7,321,"Устройство противовзрывное УЗС-1","ШТ",1,7850,{"$f":"H325*G325","v":7850},"450063, г. Уфа, ПАО АНК \"Башнефть\" \"Башнефть-Новойл\""]
["Вспомогательные материалы","ПАО АНК \"Башнефть\" \"Башнефть-Новойл\"",7,322,"Хвостовик компрессора АКГ73/40","ШТ",8,6560,{"$f":"H326*G326","v":52480},"450063, г. Уфа, ПАО АНК \"Башнефть\" \"Башнефть-Новойл\""]
["Вспомогательные материалы","ПАО АНК \"Башнефть\" \"Башнефть-Новойл\"",7,323,"Шарик 6.35 G40 +16","ШТ",1,0.6,{"$f":"H327*G327","v":0.6},"450063, г. Уфа, ПАО АНК \"Башнефть\" \"Башнефть-Новойл\""]
["Вспомогательные материалы","ПАО АНК \"Башнефть\" \"Башнефть-Новойл\"",7,324,"Шток I ступени 167-03-02","ШТ",8,5760,{"$f":"H328*G328","v":46080},"450063, г. Уфа, ПАО АНК \"Башнефть\" \"Башнефть-Новойл\""]
["Гайки","ПАО АНК \"Башнефть\" \"Башнефть-Новойл\"",8,325,"Гайка M36 20","КГ",66,86.6,{"$f":"H329*G329","v":5715.5999999999995},"450063, г. Уфа, ПАО АНК \"Башнефть\" \"Башнефть-Новойл\""]
["Гайки","ПАО АНК \"Башнефть\" \"Башнефть-Новойл\"",8,326,"Гайка M5 20 оц.","ШТ",3,0.2,{"$f":"H330*G330","v":0.60000000000000009},"450063, г. Уфа, ПАО АНК \"Башнефть\" \"Башнефть-Новойл\""]
["Гайки","ПАО АНК \"Башнефть\" \"Башнефть-Новойл\"",8,327,"Гайка M68 35","ШТ",2,1153.9000000000001,{"$f":"H331*G331","v":2307.8000000000002},"450063, г. Уфа, ПАО АНК \"Башнефть\" \"Башнефть-Новойл\""]
["Гайки","ПАО АНК \"Башнефть\" \"Башнефть-Новойл\"",8,328,"Гайка M68 35","ШТ",2,1153.9000000000001,{"$f":"H332*G332","v":2307.8000000000002},"450063, г. Уфа, ПАО АНК \"Башнефть\" \"Башнефть-Новойл\""]
["Гайки","ПАО АНК \"Башнефть\" \"Башнефть-Новойл\"",8,329,"Гайка М10-6H.40Х.016","КГ",55,2056,{"$f":"H333*G333","v":113080},"450063, г. Уфа, ПАО АНК \"Башнефть\" \"Башнефть-Новойл\""]
["Гайки","ПАО АНК \"Башнефть\" \"Башнефть-Новойл\"",8,330,"Гайка М10-6Н.5.016","КГ",4,681.7,{"$f":"H334*G334","v":2726.8},"450063, г. Уфа, ПАО АНК \"Башнефть\" \"Башнефть-Новойл\""]
["Гайки","ПАО АНК \"Башнефть\" \"Башнефть-Новойл\"",8,331,"Гайка М10-6Н.8.019","КГ",497,70.3,{"$f":"H335*G335","v":34939.1},"450063, г. Уфа, ПАО АНК \"Башнефть\" \"Башнефть-Новойл\""]
["Гайки","ПАО АНК \"Башнефть\" \"Башнефть-Новойл\"",8,332,"Гайка М10-6Н.8.019","КГ",1,681.7,{"$f":"H336*G336","v":681.7},"450063, г. Уфа, ПАО АНК \"Башнефть\" \"Башнефть-Новойл\""]
["Гайки","ПАО АНК \"Башнефть\" \"Башнефть-Новойл\"",8,333,"Гайка М10-7H 25","ШТ",10,1,{"$f":"H337*G337","v":10},"450063, г. Уфа, ПАО АНК \"Башнефть\" \"Башнефть-Новойл\""]
["Гайки","ПАО АНК \"Башнефть\" \"Башнефть-Новойл\"",8,334,"Гайка М22 12Х18Н10Т ГОСТ 9064","ШТ",1197,87.3,{"$f":"H338*G338","v":104498.09999999999},"450063, г. Уфа, ПАО АНК \"Башнефть\" \"Башнефть-Новойл\""]
["Гайки","ПАО АНК \"Башнефть\" \"Башнефть-Новойл\"",8,335,"Гайка М22.6 ГОСТ 5915","КГ",5,61.8,{"$f":"H339*G339","v":309},"450063, г. Уфа, ПАО АНК \"Башнефть\" \"Башнефть-Новойл\""]
["Гайки","ПАО АНК \"Башнефть\" \"Башнефть-Новойл\"",8,336,"Гайка М30-6Н.5.20","КГ",0.03,72,{"$f":"H340*G340","v":2.16},"450063, г. Уфа, ПАО АНК \"Башнефть\" \"Башнефть-Новойл\""]
["Гайки","ПАО АНК \"Башнефть\" \"Башнефть-Новойл\"",8,337,"Гайка М30х2,5-7H.40Х","КГ",30,262.7,{"$f":"H341*G341","v":7881},"450063, г. Уфа, ПАО АНК \"Башнефть\" \"Башнефть-Новойл\""]
["Гайки","ПАО АНК \"Башнефть\" \"Башнефть-Новойл\"",8,338,"Гайка М36 Вст3пс2 ГОСТ 5915","КГ",8,84.2,{"$f":"H342*G342","v":673.6},"450063, г. Уфа, ПАО АНК \"Башнефть\" \"Башнефть-Новойл\""]
["Гайки","ПАО АНК \"Башнефть\" \"Башнефть-Новойл\"",8,339,"Гайка М36-6Н.5","КГ",163.25,67.8,{"$f":"H343*G343","v":11068.35},"450063, г. Уфа, ПАО АНК \"Башнефть\" \"Башнефть-Новойл\""]
["Гайки","ПАО АНК \"Башнефть\" \"Башнефть-Новойл\"",8,340,"Гайка М36-6Н.6","КГ",10,66.3,{"$f":"H344*G344","v":663},"450063, г. Уфа, ПАО АНК \"Башнефть\" \"Башнефть-Новойл\""]
["Гайки","ПАО АНК \"Башнефть\" \"Башнефть-Новойл\"",8,341,"Гайка М36-6Н.6","КГ",35,71.900000000000006,{"$f":"H345*G345","v":2516.5},"450063, г. Уфа, ПАО АНК \"Башнефть\" \"Башнефть-Новойл\""]
["Гайки","ПАО АНК \"Башнефть\" \"Башнефть-Новойл\"",8,342,"Гайка М4.6 оц. ГОСТ 5915","ШТ",140,0.1,{"$f":"H346*G346","v":14},"450063, г. Уфа, ПАО АНК \"Башнефть\" \"Башнефть-Новойл\""]
["Гайки","ПАО АНК \"Башнефть\" \"Башнефть-Новойл\"",8,343,"Гайка М42-6H.5.25","КГ",37,92.2,{"$f":"H347*G347","v":3411.4},"450063, г. Уфа, ПАО АНК \"Башнефть\" \"Башнефть-Новойл\""]
["Гайки","ПАО АНК \"Башнефть\" \"Башнефть-Новойл\"",8,344,"Гайка М42LH-7H 25 ОСТ 26-2041","ШТ",2,209.7,{"$f":"H348*G348","v":419.4},"450063, г. Уфа, ПАО АНК \"Башнефть\" \"Башнефть-Новойл\""]
["Гайки","ПАО АНК \"Башнефть\" \"Башнефть-Новойл\"",8,345,"Гайка М5.6 ГОСТ 5915","КГ",23,36.700000000000003,{"$f":"H349*G349","v":844.1},"450063, г. Уфа, ПАО АНК \"Башнефть\" \"Башнефть-Новойл\""]
["Гайки","ПАО АНК \"Башнефть\" \"Башнефть-Новойл\"",8,346,"Гайка М5.6 ГОСТ 5915","КГ",30,36.700000000000003,{"$f":"H350*G350","v":1101},"450063, г. Уфа, ПАО АНК \"Башнефть\" \"Башнефть-Новойл\""]
["Гайки","ПАО АНК \"Башнефть\" \"Башнефть-Новойл\"",8,347,"Гайка М6 с покрытием","КГ",1.5,2951.7,{"$f":"H351*G351","v":4427.5499999999993},"450063, г. Уфа, ПАО АНК \"Башнефть\" \"Башнефть-Новойл\""]
["Гайки","ПАО АНК \"Башнефть\" \"Башнефть-Новойл\"",8,348,"Гайка М6 с покрытием","КГ",1.5,2951.7,{"$f":"H352*G352","v":4427.5499999999993},"450063, г. Уфа, ПАО АНК \"Башнефть\" \"Башнефть-Новойл\""]
["Гайки","ПАО АНК \"Башнефть\" \"Башнефть-Новойл\"",8,349,"Гайка М6 с покрытием","КГ",1.5,2951.7,{"$f":"H353*G353","v":4427.5499999999993},"450063, г. Уфа, ПАО АНК \"Башнефть\" \"Башнефть-Новойл\""]
["Гайки","ПАО АНК \"Башнефть\" \"Башнефть-Новойл\"",8,350,"Гайка М6 с покрытием","КГ",1.5,2951.7,{"$f":"H354*G354","v":4427.5499999999993},"450063, г. Уфа, ПАО АНК \"Башнефть\" \"Башнефть-Новойл\""]
["Гайки","ПАО АНК \"Башнефть\" \"Башнефть-Новойл\"",8,351,"Гайка М6 с покрытием","КГ",1.5,2951.7,{"$f":"H355*G355","v":4427.5499999999993},"450063, г. Уфа, ПАО АНК \"Башнефть\" \"Башнефть-Новойл\""]
["Гайки","ПАО АНК \"Башнефть\" \"Башнефть-Новойл\"",8,352,"Гайка М6 с покрытием","КГ",1.5,2951.7,{"$f":"H356*G356","v":4427.5499999999993},"450063, г. Уфа, ПАО АНК \"Башнефть\" \"Башнефть-Новойл\""]
["Гайки","ПАО АНК \"Башнефть\" \"Башнефть-Новойл\"",8,353,"Гайка М6 с покрытием","КГ",1.5,2951.7,{"$f":"H357*G357","v":4427.5499999999993},"450063, г. Уфа, ПАО АНК \"Башнефть\" \"Башнефть-Новойл\""]
["Гайки","ПАО АНК \"Башнефть\" \"Башнефть-Новойл\"",8,354,"Гайка М6 с покрытием","КГ",1.5,2951.7,{"$f":"H358*G358","v":4427.5499999999993},"450063, г. Уфа, ПАО АНК \"Башнефть\" \"Башнефть-Новойл\""]
["Гайки","ПАО АНК \"Башнефть\" \"Башнефть-Новойл\"",8,355,"Гайка М6 с покрытием","КГ",1.5,2951.7,{"$f":"H359*G359","v":4427.5499999999993},"450063, г. Уфа, ПАО АНК \"Башнефть\" \"Башнефть-Новойл\""]
["Гайки","ПАО АНК \"Башнефть\" \"Башнефть-Новойл\"",8,356,"Гайка М6 с покрытием","КГ",1.5,2951.7,{"$f":"H360*G360","v":4427.5499999999993},"450063, г. Уфа, ПАО АНК \"Башнефть\" \"Башнефть-Новойл\""]
["Гайки","ПАО АНК \"Башнефть\" \"Башнефть-Новойл\"",8,357,"Гайка М6 с покрытием","КГ",1.5,2951.7,{"$f":"H361*G361","v":4427.5499999999993},"450063, г. Уфа, ПАО АНК \"Башнефть\" \"Башнефть-Новойл\""]
["Гайки","ПАО АНК \"Башнефть\" \"Башнефть-Новойл\"",8,358,"Гайка М6 с покрытием","КГ",1.5,2951.7,{"$f":"H362*G362","v":4427.5499999999993},"450063, г. Уфа, ПАО АНК \"Башнефть\" \"Башнефть-Новойл\""]
["Гайки","ПАО АНК \"Башнефть\" \"Башнефть-Новойл\"",8,359,"Гайка М6 с покрытием","КГ",1.5,2951.7,{"$f":"H363*G363","v":4427.5499999999993},"450063, г. Уфа, ПАО АНК \"Башнефть\" \"Башнефть-Новойл\""]
["Гайки","ПАО АНК \"Башнефть\" \"Башнефть-Новойл\"",8,360,"Гайка М6 с покрытием","КГ",0.5,2951.7,{"$f":"H364*G364","v":1475.85},"450063, г. Уфа, ПАО АНК \"Башнефть\" \"Башнефть-Новойл\""]
["Гайки","ПАО АНК \"Башнефть\" \"Башнефть-Новойл\"",8,361,"Гайка М6-6Н.6","КГ",0.7,5639.7,{"$f":"H365*G365","v":3947.7899999999995},"450063, г. Уфа, ПАО АНК \"Башнефть\" \"Башнефть-Новойл\""]
["Гайки","ПАО АНК \"Башнефть\" \"Башнефть-Новойл\"",8,362,"Гайка М6-6Н.6","КГ",27.795000000000002,52.5,{"$f":"H366*G366","v":1459.2375000000002},"450063, г. Уфа, ПАО АНК \"Башнефть\" \"Башнефть-Новойл\""]
["Гайки","ПАО АНК \"Башнефть\" \"Башнефть-Новойл\"",8,363,"Гайка М6-6Н.6","КГ",1.9,52.5,{"$f":"H367*G367","v":99.75},"450063, г. Уфа, ПАО АНК \"Башнефть\" \"Башнефть-Новойл\""]
["Гайки","ПАО АНК \"Башнефть\" \"Башнефть-Новойл\"",8,364,"Гайка М6-6Н.6","КГ",0.1,52.5,{"$f":"H368*G368","v":5.25},"450063, г. Уфа, ПАО АНК \"Башнефть\" \"Башнефть-Новойл\""]
["Гайки","ПАО АНК \"Башнефть\" \"Башнефть-Новойл\"",8,365,"Гайка оцинкованная М6","КГ",44.6,98.5,{"$f":"H369*G369","v":4393.1000000000004},"450063, г. Уфа, ПАО АНК \"Башнефть\" \"Башнефть-Новойл\""]
["Гайки","ПАО АНК \"Башнефть\" \"Башнефть-Новойл\"",8,366,"Гайка СМ111200 DKC М12","ШТ",50,1.3,{"$f":"H370*G370","v":65},"450063, г. Уфа, ПАО АНК \"Башнефть\" \"Башнефть-Новойл\""]
["Гайки","ПАО АНК \"Башнефть\" \"Башнефть-Новойл\"",8,367,"Контргайка 15","ШТ",5,12,{"$f":"H371*G371","v":60},"450063, г. Уфа, ПАО АНК \"Башнефть\" \"Башнефть-Новойл\""]
["Гайки","ПАО АНК \"Башнефть\" \"Башнефть-Новойл\"",8,368,"Контргайка 15","ШТ",100,36.9,{"$f":"H372*G372","v":3690},"450063, г. Уфа, ПАО АНК \"Башнефть\" \"Башнефть-Новойл\""]
["Гайки","ПАО АНК \"Башнефть\" \"Башнефть-Новойл\"",8,369,"Контргайка 15","ШТ",15,12,{"$f":"H373*G373","v":180},"450063, г. Уфа, ПАО АНК \"Башнефть\" \"Башнефть-Новойл\""]
["Гайки","ПАО АНК \"Башнефть\" \"Башнефть-Новойл\"",8,370,"Контргайка 20","ШТ",20,16,{"$f":"H374*G374","v":320},"450063, г. Уфа, ПАО АНК \"Башнефть\" \"Башнефть-Новойл\""]
["Гайки","ПАО АНК \"Башнефть\" \"Башнефть-Новойл\"",8,371,"Контргайка 20","ШТ",5,57.9,{"$f":"H375*G375","v":289.5},"450063, г. Уфа, ПАО АНК \"Башнефть\" \"Башнефть-Новойл\""]
["Гайки","ПАО АНК \"Башнефть\" \"Башнефть-Новойл\"",8,372,"Контргайка 20","ШТ",100,13.9,{"$f":"H376*G376","v":1390},"450063, г. Уфа, ПАО АНК \"Башнефть\" \"Башнефть-Новойл\""]
["Гайки","ПАО АНК \"Башнефть\" \"Башнефть-Новойл\"",8,373,"Контргайка 20","ШТ",100,16,{"$f":"H377*G377","v":1600},"450063, г. Уфа, ПАО АНК \"Башнефть\" \"Башнефть-Новойл\""]
["Гайки","ПАО АНК \"Башнефть\" \"Башнефть-Новойл\"",8,374,"Контргайка 25-Ц","ШТ",5,27.4,{"$f":"H378*G378","v":137},"450063, г. Уфа, ПАО АНК \"Башнефть\" \"Башнефть-Новойл\""]
["Гайки","ПАО АНК \"Башнефть\" \"Башнефть-Новойл\"",8,375,"Контргайка 25-Ц","ШТ",5,27.4,{"$f":"H379*G379","v":137},"450063, г. Уфа, ПАО АНК \"Башнефть\" \"Башнефть-Новойл\""]
["Гайки","ПАО АНК \"Башнефть\" \"Башнефть-Новойл\"",8,376,"Контргайка 25-Ц","ШТ",5,27.4,{"$f":"H380*G380","v":137},"450063, г. Уфа, ПАО АНК \"Башнефть\" \"Башнефть-Новойл\""]
["Гайки","ПАО АНК \"Башнефть\" \"Башнефть-Новойл\"",8,377,"Контргайка 32","ШТ",5,41.2,{"$f":"H381*G381","v":206},"450063, г. Уфа, ПАО АНК \"Башнефть\" \"Башнефть-Новойл\""]
["Гильзы","ПАО АНК \"Башнефть\" \"Башнефть-Новойл\"",9,378,"Гильза 12Х18Н10Т Х8/90-А-2Г эск.447","ШТ",1,2834.4,{"$f":"H382*G382","v":2834.4},"450063, г. Уфа, ПАО АНК \"Башнефть\" \"Башнефть-Новойл\""]
["Гильзы","ПАО АНК \"Башнефть\" \"Башнефть-Новойл\"",9,379,"Гильза 2004-01-00-Н10-800мм","ШТ",1,5154.8,{"$f":"H383*G383","v":5154.8},"450063, г. Уфа, ПАО АНК \"Башнефть\" \"Башнефть-Новойл\""]
["Гильзы","ПАО АНК \"Башнефть\" \"Башнефть-Новойл\"",9,380,"Гильза Бр.АЖ9-4 РПН2х30 эск.443","ШТ",3,6463.8,{"$f":"H384*G384","v":19391.400000000001},"450063, г. Уфа, ПАО АНК \"Башнефть\" \"Башнефть-Новойл\""]
["Гильзы","ПАО АНК \"Башнефть\" \"Башнефть-Новойл\"",9,381,"Гильза ГЗР-01-G3/4-80-12Х18Н10Т","ШТ",1,954.1,{"$f":"H385*G385","v":954.1},"450063, г. Уфа, ПАО АНК \"Башнефть\" \"Башнефть-Новойл\""]
["Гильзы","ПАО АНК \"Башнефть\" \"Башнефть-Новойл\"",9,382,"Гильза ГЗР-02-М27х2-630-12Х18Н10Т","ШТ",3,5335.1,{"$f":"H386*G386","v":16005.300000000001},"450063, г. Уфа, ПАО АНК \"Башнефть\" \"Башнефть-Новойл\""]
["Гильзы","ПАО АНК \"Башнефть\" \"Башнефть-Новойл\"",9,383,"Гильза ГЗ-РЦ.1/М20х1,5-120-11-С10","ШТ",1,1215.5,{"$f":"H387*G387","v":1215.5},"450063, г. Уфа, ПАО АНК \"Башнефть\" \"Башнефть-Новойл\""]
["Гильзы","ПАО АНК \"Башнефть\" \"Башнефть-Новойл\"",9,384,"Гильза защитн. ч.Н12.2.240.01.0607 95Х18","ШТ",2,6013.7,{"$f":"H388*G388","v":12027.4},"450063, г. Уфа, ПАО АНК \"Башнефть\" \"Башнефть-Новойл\""]
["Гильзы","ПАО АНК \"Башнефть\" \"Башнефть-Новойл\"",9,385,"Гильза защитн.ч.Н12.2.240.01.0609 95Х18","ШТ",2,6140.8,{"$f":"H389*G389","v":12281.6},"450063, г. Уфа, ПАО АНК \"Башнефть\" \"Башнефть-Новойл\""]
["Гильзы","ПАО АНК \"Башнефть\" \"Башнефть-Новойл\"",9,386,"Гильза защитная 8-1-4М 30Х13","ШТ",1,4913.1000000000004,{"$f":"H390*G390","v":4913.1000000000004},"450063, г. Уфа, ПАО АНК \"Башнефть\" \"Башнефть-Новойл\""]
["Гильзы","ПАО АНК \"Башнефть\" \"Башнефть-Новойл\"",9,387,"Гильза защитная 8-1-4М 30Х13","ШТ",1,5440.3,{"$f":"H391*G391","v":5440.3},"450063, г. Уфа, ПАО АНК \"Башнефть\" \"Башнефть-Новойл\""]
["Гильзы","ПАО АНК \"Башнефть\" \"Башнефть-Новойл\"",9,388,"Гильза защитная левая ч.Н22-1-5","ШТ",1,5071.2,{"$f":"H392*G392","v":5071.2},"450063, г. Уфа, ПАО АНК \"Башнефть\" \"Башнефть-Новойл\""]
["Гильзы","ПАО АНК \"Башнефть\" \"Башнефть-Новойл\"",9,389,"Гильза защитная левая ч.Н22-1-5","ШТ",1,5071.2,{"$f":"H393*G393","v":5071.2},"450063, г. Уфа, ПАО АНК \"Башнефть\" \"Башнефть-Новойл\""]
["Гильзы","ПАО АНК \"Башнефть\" \"Башнефть-Новойл\"",9,390,"Гильза защитная НК65/35-240 эск. 409","ШТ",3,2462.8000000000002,{"$f":"H394*G394","v":7388.4000000000005},"450063, г. Уфа, ПАО АНК \"Башнефть\" \"Башнефть-Новойл\""]
["Гильзы","ПАО АНК \"Башнефть\" \"Башнефть-Новойл\"",9,391,"Гильза защитная правая ч.Н22-1-4","ШТ",1,5944.2,{"$f":"H395*G395","v":5944.2},"450063, г. Уфа, ПАО АНК \"Башнефть\" \"Башнефть-Новойл\""]
["Гильзы","ПАО АНК \"Башнефть\" \"Башнефть-Новойл\"",9,392,"Гильза защитная правая ч.Н22-1-4","ШТ",1,5836.3,{"$f":"H396*G396","v":5836.3},"450063, г. Уфа, ПАО АНК \"Башнефть\" \"Башнефть-Новойл\""]
["Гильзы","ПАО АНК \"Башнефть\" \"Башнефть-Новойл\"",9,393,"Гильза защитная ч.260.11 95Х18","ШТ",5,6889.6,{"$f":"H397*G397","v":34448},"450063, г. Уфа, ПАО АНК \"Башнефть\" \"Башнефть-Новойл\""]
["Гильзы","ПАО АНК \"Башнефть\" \"Башнефть-Новойл\"",9,394,"Гильза защитная ч.33-1-8","ШТ",1,3712.2,{"$f":"H398*G398","v":3712.2},"450063, г. Уфа, ПАО АНК \"Башнефть\" \"Башнефть-Новойл\""]
["Гильзы","ПАО АНК \"Башнефть\" \"Башнефть-Новойл\"",9,395,"Гильза защитная ч.710.07-01","ШТ",7,10235.700000000001,{"$f":"H399*G399","v":71649.900000000009},"450063, г. Уфа, ПАО АНК \"Башнефть\" \"Башнефть-Новойл\""]
["Гильзы","ПАО АНК \"Башнефть\" \"Башнефть-Новойл\"",9,396,"Гильза защитная ч.710.07-01","ШТ",5,8932.2999999999993,{"$f":"H400*G400","v":44661.5},"450063, г. Уфа, ПАО АНК \"Башнефть\" \"Башнефть-Новойл\""]
["Гильзы","ПАО АНК \"Башнефть\" \"Башнефть-Новойл\"",9,397,"Гильза защитная ч.710.07-01","ШТ",1,8908.7999999999993,{"$f":"H401*G401","v":8908.7999999999993},"450063, г. Уфа, ПАО АНК \"Башнефть\" \"Башнефть-Новойл\""]
["Гильзы","ПАО АНК \"Башнефть\" \"Башнефть-Новойл\"",9,398,"Гильза защитная ч.710.07-01","ШТ",1,10235.700000000001,{"$f":"H402*G402","v":10235.700000000001},"450063, г. Уфа, ПАО АНК \"Башнефть\" \"Башнефть-Новойл\""]
["Гильзы","ПАО АНК \"Башнефть\" \"Башнефть-Новойл\"",9,399,"Гильза защитная ч.710.58","ШТ",5,8484.4,{"$f":"H403*G403","v":42422},"450063, г. Уфа, ПАО АНК \"Башнефть\" \"Башнефть-Новойл\""]
["Гильзы","ПАО АНК \"Башнефть\" \"Башнефть-Новойл\"",9,400,"Гильза защитная ч.710.58","ШТ",1,8117.7,{"$f":"H404*G404","v":8117.7},"450063, г. Уфа, ПАО АНК \"Башнефть\" \"Башнефть-Новойл\""]
["Гильзы","ПАО АНК \"Башнефть\" \"Башнефть-Новойл\"",9,401,"Гильза защитная ч.710.58","ШТ",3,12581.9,{"$f":"H405*G405","v":37745.699999999997},"450063, г. Уфа, ПАО АНК \"Башнефть\" \"Башнефть-Новойл\""]
["Гильзы","ПАО АНК \"Башнефть\" \"Башнефть-Новойл\"",9,402,"Гильза защитная ч.Н12.2.240.01.0607 40Х","ШТ",3,2980.2,{"$f":"H406*G406","v":8940.5999999999985},"450063, г. Уфа, ПАО АНК \"Башнефть\" \"Башнефть-Новойл\""]
["Гильзы","ПАО АНК \"Башнефть\" \"Башнефть-Новойл\"",9,403,"Гильза защитная эск.3В-200х2 95Х18","ШТ",2,4943.5,{"$f":"H407*G407","v":9887},"450063, г. Уфа, ПАО АНК \"Башнефть\" \"Башнефть-Новойл\""]
["Гильзы","ПАО АНК \"Башнефть\" \"Башнефть-Новойл\"",9,404,"Гильза защитная эск.450 12Х18Н10Т","ШТ",1,2834.4,{"$f":"H408*G408","v":2834.4},"450063, г. Уфа, ПАО АНК \"Башнефть\" \"Башнефть-Новойл\""]
["Гильзы","ПАО АНК \"Башнефть\" \"Башнефть-Новойл\"",9,405,"Гильза ч.710.06-02","ШТ",2,5245.4,{"$f":"H409*G409","v":10490.8},"450063, г. Уфа, ПАО АНК \"Башнефть\" \"Башнефть-Новойл\""]
["Гильзы","ПАО АНК \"Башнефть\" \"Башнефть-Новойл\"",9,406,"Гильза ч.Н12.100.01.105","ШТ",2,1928.2,{"$f":"H410*G410","v":3856.4},"450063, г. Уфа, ПАО АНК \"Башнефть\" \"Башнефть-Новойл\""]
["Гильзы","ПАО АНК \"Башнефть\" \"Башнефть-Новойл\"",9,407,"Гильза ч.Н12.100.01.105","ШТ",5,1929.6,{"$f":"H411*G411","v":9648},"450063, г. Уфа, ПАО АНК \"Башнефть\" \"Башнефть-Новойл\""]
["Гильзы","ПАО АНК \"Башнефть\" \"Башнефть-Новойл\"",9,408,"Гильза ч.Н12.100.01.105","ШТ",2,2882.5,{"$f":"H412*G412","v":5765},"450063, г. Уфа, ПАО АНК \"Башнефть\" \"Башнефть-Новойл\""]
["Гильзы","ПАО АНК \"Башнефть\" \"Башнефть-Новойл\"",9,409,"Гильза ч.Н12.100.01.106","ШТ",1,1411.6,{"$f":"H413*G413","v":1411.6},"450063, г. Уфа, ПАО АНК \"Башнефть\" \"Башнефть-Новойл\""]
["Гильзы","ПАО АНК \"Башнефть\" \"Башнефть-Новойл\"",9,410,"Гильза ч.Н12.100.01.106","ШТ",1,1411.6,{"$f":"H414*G414","v":1411.6},"450063, г. Уфа, ПАО АНК \"Башнефть\" \"Башнефть-Новойл\""]
["Гильзы","ПАО АНК \"Башнефть\" \"Башнефть-Новойл\"",9,411,"Гильза ЮНКЖ 018-Смф-35-500/320","ШТ",1,2561.8000000000002,{"$f":"H415*G415","v":2561.8000000000002},"450063, г. Уфа, ПАО АНК \"Башнефть\" \"Башнефть-Новойл\""]
["Гильзы","ПАО АНК \"Башнефть\" \"Башнефть-Новойл\"",9,412,"Гильза ЮНКЖ 019.RF-150-1.1/2-С10-16-500","ШТ",2,3154.5,{"$f":"H416*G416","v":6309},"450063, г. Уфа, ПАО АНК \"Башнефть\" \"Башнефть-Новойл\""]
["Гильзы","ПАО АНК \"Башнефть\" \"Башнефть-Новойл\"",9,413,"Гильза200.004.00-06/М33х2-М20х1,5-80-Н10","ШТ",1,1899,{"$f":"H417*G417","v":1899},"450063, г. Уфа, ПАО АНК \"Башнефть\" \"Башнефть-Новойл\""]
["Гильзы","ПАО АНК \"Башнефть\" \"Башнефть-Новойл\"",9,414,"Х Гильза ч.710.57","ШТ",2,2690,{"$f":"H418*G418","v":5380},"450063, г. Уфа, ПАО АНК \"Башнефть\" \"Башнефть-Новойл\""]
["Гильзы","ПАО АНК \"Башнефть\" \"Башнефть-Новойл\"",9,415,"Х Гильза ч.710.57","ШТ",1,2650,{"$f":"H419*G419","v":2650},"450063, г. Уфа, ПАО АНК \"Башнефть\" \"Башнефть-Новойл\""]
["Гильзы","ПАО АНК \"Башнефть\" \"Башнефть-Новойл\"",9,416,"Х Гильза ч.710.57","ШТ",3,2670,{"$f":"H420*G420","v":8010},"450063, г. Уфа, ПАО АНК \"Башнефть\" \"Башнефть-Новойл\""]
["Грундбукса ","ПАО АНК \"Башнефть\" \"Башнефть-Новойл\"",10,417,"Грундбукса поз.1 к 90СД-2","ШТ",2,3772.4,{"$f":"H421*G421","v":7544.8},"450063, г. Уфа, ПАО АНК \"Башнефть\" \"Башнефть-Новойл\""]
["Грундбукса ","ПАО АНК \"Башнефть\" \"Башнефть-Новойл\"",10,418,"Грундбукса поз.1.1 к 52СД-Н","ШТ",2,6711.9,{"$f":"H422*G422","v":13423.8},"450063, г. Уфа, ПАО АНК \"Башнефть\" \"Башнефть-Новойл\""]
["Грундбукса ","ПАО АНК \"Башнефть\" \"Башнефть-Новойл\"",10,419,"Грундбукса поз.1.1 к 90СД-Н","ШТ",2,6929.6,{"$f":"H423*G423","v":13859.2},"450063, г. Уфа, ПАО АНК \"Башнефть\" \"Башнефть-Новойл\""]
["Грундбукса ","ПАО АНК \"Башнефть\" \"Башнефть-Новойл\"",10,420,"Грундбукса поз.11 к 90СД-Н","ШТ",2,3473.8,{"$f":"H424*G424","v":6947.6},"450063, г. Уфа, ПАО АНК \"Башнефть\" \"Башнефть-Новойл\""]
["Грундбукса ","ПАО АНК \"Башнефть\" \"Башнефть-Новойл\"",10,421,"Грундбукса поз.16 к 60СД-Н","ШТ",3,2394.6,{"$f":"H425*G425","v":7183.7999999999993},"450063, г. Уфа, ПАО АНК \"Башнефть\" \"Башнефть-Новойл\""]
["Грундбукса ","ПАО АНК \"Башнефть\" \"Башнефть-Новойл\"",10,422,"Грундбукса поз.16 к 90СД-Н","ШТ",2,4459.3999999999996,{"$f":"H426*G426","v":8918.7999999999993},"450063, г. Уфа, ПАО АНК \"Башнефть\" \"Башнефть-Новойл\""]
["Грундбукса ","ПАО АНК \"Башнефть\" \"Башнефть-Новойл\"",10,423,"Грундбукса поз.16 к 90СД-Н","ШТ",2,5049.3,{"$f":"H427*G427","v":10098.6},"450063, г. Уфа, ПАО АНК \"Башнефть\" \"Башнефть-Новойл\""]
["Грундбукса ","ПАО АНК \"Башнефть\" \"Башнефть-Новойл\"",10,424,"Грундбукса поз.2.2 к 40СД-Н","ШТ",2,5251.1,{"$f":"H428*G428","v":10502.2},"450063, г. Уфа, ПАО АНК \"Башнефть\" \"Башнефть-Новойл\""]
["Грундбукса ","ПАО АНК \"Башнефть\" \"Башнефть-Новойл\"",10,425,"Грундбукса поз.2.2 к 40СД-Н","ШТ",1,4637.6000000000004,{"$f":"H429*G429","v":4637.6000000000004},"450063, г. Уфа, ПАО АНК \"Башнефть\" \"Башнефть-Новойл\""]
["Грундбукса ","ПАО АНК \"Башнефть\" \"Башнефть-Новойл\"",10,426,"Грундбукса поз.25 к 90СД-2","ШТ",2,2985.3,{"$f":"H430*G430","v":5970.6},"450063, г. Уфа, ПАО АНК \"Башнефть\" \"Башнефть-Новойл\""]
["Грундбукса ","ПАО АНК \"Башнефть\" \"Башнефть-Новойл\"",10,427,"Грундбукса поз.6 к 40СД-Н","ШТ",8,5994.3,{"$f":"H431*G431","v":47954.400000000001},"450063, г. Уфа, ПАО АНК \"Башнефть\" \"Башнефть-Новойл\""]
["Грундбукса ","ПАО АНК \"Башнефть\" \"Башнефть-Новойл\"",10,428,"Грундбукса поз.6 к 40СД-Н","ШТ",1,5294,{"$f":"H432*G432","v":5294},"450063, г. Уфа, ПАО АНК \"Башнефть\" \"Башнефть-Новойл\""]
["Грундбукса ","ПАО АНК \"Башнефть\" \"Башнефть-Новойл\"",10,429,"Грундбукса РДКН.102.01.1-07 к 60СД-Н","ШТ",3,2890.8,{"$f":"H433*G433","v":8672.4000000000015},"450063, г. Уфа, ПАО АНК \"Башнефть\" \"Башнефть-Новойл\""]
["Грундбукса ","ПАО АНК \"Башнефть\" \"Башнефть-Новойл\"",10,430,"Грундбукса СЧ21-40 8НД6х1","ШТ",2,2058.1999999999998,{"$f":"H434*G434","v":4116.3999999999996},"450063, г. Уфа, ПАО АНК \"Башнефть\" \"Башнефть-Новойл\""]
["Грундбукса ","ПАО АНК \"Башнефть\" \"Башнефть-Новойл\"",10,431,"Грундбукса ч.2-0-7","ШТ",3,1730.4,{"$f":"H435*G435","v":5191.2000000000007},"450063, г. Уфа, ПАО АНК \"Башнефть\" \"Башнефть-Новойл\""]
["Грундбукса ","ПАО АНК \"Башнефть\" \"Башнефть-Новойл\"",10,432,"Грундбукса ч.33-0-27 40Х","ШТ",5,1422.9,{"$f":"H436*G436","v":7114.5},"450063, г. Уфа, ПАО АНК \"Башнефть\" \"Башнефть-Новойл\""]
["Грундбукса ","ПАО АНК \"Башнефть\" \"Башнефть-Новойл\"",10,433,"Грундбукса ч.726.29 40Х","ШТ",1,2241.1,{"$f":"H437*G437","v":2241.1},"450063, г. Уфа, ПАО АНК \"Башнефть\" \"Башнефть-Новойл\""]
["Грундбукса ","ПАО АНК \"Башнефть\" \"Башнефть-Новойл\"",10,434,"Грундбукса ч.726.37.01","ШТ",1,4044.6,{"$f":"H438*G438","v":4044.6},"450063, г. Уфа, ПАО АНК \"Башнефть\" \"Башнефть-Новойл\""]
["Грундбукса ","ПАО АНК \"Башнефть\" \"Башнефть-Новойл\"",10,435,"Грундбукса ч.726.43-02","ШТ",2,4380,{"$f":"H439*G439","v":8760},"450063, г. Уфа, ПАО АНК \"Башнефть\" \"Башнефть-Новойл\""]
["Грундбукса ","ПАО АНК \"Башнефть\" \"Башнефть-Новойл\"",10,436,"Грундбукса ч.726.43-02","ШТ",1,4982.5,{"$f":"H440*G440","v":4982.5},"450063, г. Уфа, ПАО АНК \"Башнефть\" \"Башнефть-Новойл\""]
["Грундбукса ","ПАО АНК \"Башнефть\" \"Башнефть-Новойл\"",10,437,"Грундбукса ч.726.44-02","ШТ",2,3910.7,{"$f":"H441*G441","v":7821.4},"450063, г. Уфа, ПАО АНК \"Башнефть\" \"Башнефть-Новойл\""]
["Грундбукса ","ПАО АНК \"Башнефть\" \"Башнефть-Новойл\"",10,438,"Грундбукса ч.726.44-02","ШТ",2,4448.6000000000004,{"$f":"H442*G442","v":8897.2000000000007},"450063, г. Уфа, ПАО АНК \"Башнефть\" \"Башнефть-Новойл\""]
["Грундбукса ","ПАО АНК \"Башнефть\" \"Башнефть-Новойл\"",10,439,"Грундбукса ч.Н1-0-8","ШТ",1,2488.9,{"$f":"H443*G443","v":2488.9},"450063, г. Уфа, ПАО АНК \"Башнефть\" \"Башнефть-Новойл\""]
["Грундбукса ","ПАО АНК \"Башнефть\" \"Башнефть-Новойл\"",10,440,"Грундбукса ч.Н1-0-9","ШТ",1,3500,{"$f":"H444*G444","v":3500},"450063, г. Уфа, ПАО АНК \"Башнефть\" \"Башнефть-Новойл\""]
["Грундбукса ","ПАО АНК \"Башнефть\" \"Башнефть-Новойл\"",10,441,"Грундбукса ч.Н1-0-9","ШТ",1,2878.4,{"$f":"H445*G445","v":2878.4},"450063, г. Уфа, ПАО АНК \"Башнефть\" \"Башнефть-Новойл\""]
["Грундбукса ","ПАО АНК \"Башнефть\" \"Башнефть-Новойл\"",10,442,"Х Грундбукса 31-04-11 СЧ32-52","ШТ",2,5880,{"$f":"H446*G446","v":11760},"450063, г. Уфа, ПАО АНК \"Башнефть\" \"Башнефть-Новойл\""]
["Грундбукса ","ПАО АНК \"Башнефть\" \"Башнефть-Новойл\"",10,443,"Х Грундбукса 31-04-12 СЧ32-52","ШТ",1,3510,{"$f":"H447*G447","v":3510},"450063, г. Уфа, ПАО АНК \"Башнефть\" \"Башнефть-Новойл\""]
["Двутавры","ПАО АНК \"Башнефть\" \"Башнефть-Новойл\"",11,444,"Двутавр 09Г2С12","КГ",403,30.1,{"$f":"H448*G448","v":12130.300000000001},"450063, г. Уфа, ПАО АНК \"Башнефть\" \"Башнефть-Новойл\""]
["Двутавры","ПАО АНК \"Башнефть\" \"Башнефть-Новойл\"",11,445,"Двутавр 36М 09Г2С12","КГ",195,47.9,{"$f":"H449*G449","v":9340.5},"450063, г. Уфа, ПАО АНК \"Башнефть\" \"Башнефть-Новойл\""]
["Двутавры","ПАО АНК \"Башнефть\" \"Башнефть-Новойл\"",11,446,"Двутавр 60Ш3 09Г2С12","КГ",31284,38.6,{"$f":"H450*G450","v":1207562.4000000001},"450063, г. Уфа, ПАО АНК \"Башнефть\" \"Башнефть-Новойл\""]
["Двутавры","ПАО АНК \"Башнефть\" \"Башнефть-Новойл\"",11,447,"Двутавр сварной 60Ш3 м12000 Ст3сп5","КГ",14184,38.6,{"$f":"H451*G451","v":547502.4},"450063, г. Уфа, ПАО АНК \"Башнефть\" \"Башнефть-Новойл\""]
["Двутавры","ПАО АНК \"Башнефть\" \"Башнефть-Новойл\"",11,448,"Двутавр сварной 60Ш3 м12000 Ст3сп5","КГ",21276,38.6,{"$f":"H452*G452","v":821253.6},"450063, г. Уфа, ПАО АНК \"Башнефть\" \"Башнефть-Новойл\""]
["Двутавры","ПАО АНК \"Башнефть\" \"Башнефть-Новойл\"",11,449,"Двутавр сварной 60Ш3 м12000 Ст3сп5","КГ",21276,38.6,{"$f":"H453*G453","v":821253.6},"450063, г. Уфа, ПАО АНК \"Башнефть\" \"Башнефть-Новойл\""]
["Двутавры","ПАО АНК \"Башнефть\" \"Башнефть-Новойл\"",11,450,"Двутавр сварной 60Ш3 м12000 Ст3сп5","КГ",21276,38.6,{"$f":"H454*G454","v":821253.6},"450063, г. Уфа, ПАО АНК \"Башнефть\" \"Башнефть-Новойл\""]
["Двутавры","ПАО АНК \"Башнефть\" \"Башнефть-Новойл\"",11,451,"Двутавр сварной 60Ш3 м12000 Ст3сп5","КГ",21276,38.6,{"$f":"H455*G455","v":821253.6},"450063, г. Уфа, ПАО АНК \"Башнефть\" \"Башнефть-Новойл\""]
["Двутавры","ПАО АНК \"Башнефть\" \"Башнефть-Новойл\"",11,452,"Двутавр сварной 60Ш3 м12000 Ст3сп5","КГ",21276,38.6,{"$f":"H456*G456","v":821253.6},"450063, г. Уфа, ПАО АНК \"Башнефть\" \"Башнефть-Новойл\""]
["Двутавры","ПАО АНК \"Башнефть\" \"Башнефть-Новойл\"",11,453,"Двутавр сварной 60Ш3 м12000 Ст3сп5","КГ",21276,38.6,{"$f":"H457*G457","v":821253.6},"450063, г. Уфа, ПАО АНК \"Башнефть\" \"Башнефть-Новойл\""]
["Двутавры","ПАО АНК \"Башнефть\" \"Башнефть-Новойл\"",11,454,"Двутавр сварной 60Ш3 м12000 Ст3сп5","КГ",21276,38.6,{"$f":"H458*G458","v":821253.6},"450063, г. Уфа, ПАО АНК \"Башнефть\" \"Башнефть-Новойл\""]
["Двутавры","ПАО АНК \"Башнефть\" \"Башнефть-Новойл\"",11,455,"Двутавр сварной 60Ш4 м12000 09Г2С12","КГ",677,38.6,{"$f":"H459*G459","v":26132.2},"450063, г. Уфа, ПАО АНК \"Башнефть\" \"Башнефть-Новойл\""]
["Двутавры","ПАО АНК \"Башнефть\" \"Башнефть-Новойл\"",11,456,"Двутавр сварной 60Ш4 м12000 09Г2С12","КГ",7570,38.6,{"$f":"H460*G460","v":292202},"450063, г. Уфа, ПАО АНК \"Башнефть\" \"Башнефть-Новойл\""]
["Двутавры","ПАО АНК \"Башнефть\" \"Башнефть-Новойл\"",11,457,"Двутавр сварной 70Б2 м12000 С255","КГ",1880,65,{"$f":"H461*G461","v":122200},"450063, г. Уфа, ПАО АНК \"Башнефть\" \"Башнефть-Новойл\""]
["Двутавры","ПАО АНК \"Башнефть\" \"Башнефть-Новойл\"",11,458,"Двутавр сварной 70Ш5 м6100 09Г2С12","КГ",2114,45.4,{"$f":"H462*G462","v":95975.599999999991},"450063, г. Уфа, ПАО АНК \"Башнефть\" \"Башнефть-Новойл\""]
["Двутавры","ПАО АНК \"Башнефть\" \"Башнефть-Новойл\"",11,459,"Двутавр сварной 70Ш5 м6100 09Г2С12","КГ",8842,45.4,{"$f":"H463*G463","v":401426.8},"450063, г. Уфа, ПАО АНК \"Башнефть\" \"Башнефть-Новойл\""]
["Двутавры","ПАО АНК \"Башнефть\" \"Башнефть-Новойл\"",11,460,"Двутавр стальной г/к 30К2 Ст3сп5","Т",3.2320000000000002,36992.300000000003,{"$f":"H464*G464","v":119559.11360000001},"450063, г. Уфа, ПАО АНК \"Башнефть\" \"Башнефть-Новойл\""]
["Двутавры","ПАО АНК \"Башнефть\" \"Башнефть-Новойл\"",11,461,"Двутавр стальной г/к 50Ш2 09Г2С12","Т",6.7,35299.699999999997,{"$f":"H465*G465","v":236507.99},"450063, г. Уфа, ПАО АНК \"Башнефть\" \"Башнефть-Новойл\""]
["Двутавры","ПАО АНК \"Башнефть\" \"Башнефть-Новойл\"",11,462,"Двутавр стальной г/к 50Ш2 09Г2С12","Т",1.671,35299.699999999997,{"$f":"H466*G466","v":58985.798699999999},"450063, г. Уфа, ПАО АНК \"Башнефть\" \"Башнефть-Новойл\""]
["Двутавры","ПАО АНК \"Башнефть\" \"Башнефть-Новойл\"",11,463,"Двутавр стальной г/к 50Ш3 09Г2С12","Т",1.8420000000000001,35299.699999999997,{"$f":"H467*G467","v":65022.047399999996},"450063, г. Уфа, ПАО АНК \"Башнефть\" \"Башнефть-Новойл\""]
["Двутавры","ПАО АНК \"Башнефть\" \"Башнефть-Новойл\"",11,464,"Двутавр стальной г/к 50Ш3 09Г2С12","Т",3.774,35299.699999999997,{"$f":"H468*G468","v":133221.06779999999},"450063, г. Уфа, ПАО АНК \"Башнефть\" \"Башнефть-Новойл\""]
["Двутавры","ПАО АНК \"Башнефть\" \"Башнефть-Новойл\"",11,465,"Двутавр стальной г/к 55Б1 Ст3сп5","Т",4.1870000000000003,36740.300000000003,{"$f":"H469*G469","v":153831.63610000003},"450063, г. Уфа, ПАО АНК \"Башнефть\" \"Башнефть-Новойл\""]
["Двутавры","ПАО АНК \"Башнефть\" \"Башнефть-Новойл\"",11,466,"Двутавр стальной г/к 55Б1 Ст3сп5","Т",4.2679999999999998,36740.300000000003,{"$f":"H470*G470","v":156807.6004},"450063, г. Уфа, ПАО АНК \"Башнефть\" \"Башнефть-Новойл\""]
["Двутавры","ПАО АНК \"Башнефть\" \"Башнефть-Новойл\"",11,467,"Двутавр стальной г/к 55Б2 Ст3сп5","Т",5.992,36740.300000000003,{"$f":"H471*G471","v":220147.87760000001},"450063, г. Уфа, ПАО АНК \"Башнефть\" \"Башнефть-Новойл\""]
["Двутавры","ПАО АНК \"Башнефть\" \"Башнефть-Новойл\"",11,468,"Двутавр стальной г/к 70Ш3 09Г2С12","Т",2.7360000000000002,40199,{"$f":"H472*G472","v":109984.46400000001},"450063, г. Уфа, ПАО АНК \"Башнефть\" \"Башнефть-Новойл\""]
["Детали закладные, кроштейны, муфты","ПАО АНК \"Башнефть\" \"Башнефть-Новойл\"",12,469,"Деталь закладная МН112-6 сер. 1.400-15","ШТ",1,160,{"$f":"H473*G473","v":160},"450063, г. Уфа, ПАО АНК \"Башнефть\" \"Башнефть-Новойл\""]
["Детали закладные, кроштейны, муфты","ПАО АНК \"Башнефть\" \"Башнефть-Новойл\"",12,470,"Деталь закладная МН12 И-38","ШТ",80,273.3,{"$f":"H474*G474","v":21864},"450063, г. Уфа, ПАО АНК \"Башнефть\" \"Башнефть-Новойл\""]
["Детали закладные, кроштейны, муфты","ПАО АНК \"Башнефть\" \"Башнефть-Новойл\"",12,471,"Деталь закладная МН122-6 1.400-15","ШТ",1,444.4,{"$f":"H475*G475","v":444.4},"450063, г. Уфа, ПАО АНК \"Башнефть\" \"Башнефть-Новойл\""]
["Детали закладные, кроштейны, муфты","ПАО АНК \"Башнефть\" \"Башнефть-Новойл\"",12,472,"Деталь закладная МН15 черт. И-41","ШТ",4,273.3,{"$f":"H476*G476","v":1093.2},"450063, г. Уфа, ПАО АНК \"Башнефть\" \"Башнефть-Новойл\""]
["Детали закладные, кроштейны, муфты","ПАО АНК \"Башнефть\" \"Башнефть-Новойл\"",12,473,"Деталь закладная МН158-5 сер. 1.400-15","ШТ",1,1574.9,{"$f":"H477*G477","v":1574.9},"450063, г. Уфа, ПАО АНК \"Башнефть\" \"Башнефть-Новойл\""]
["Детали закладные, кроштейны, муфты","ПАО АНК \"Башнефть\" \"Башнефть-Новойл\"",12,474,"Деталь закладная МН5 черт. И-03","ШТ",40,74,{"$f":"H478*G478","v":2960},"450063, г. Уфа, ПАО АНК \"Башнефть\" \"Башнефть-Новойл\""]
["Детали закладные, кроштейны, муфты","ПАО АНК \"Башнефть\" \"Башнефть-Новойл\"",12,475,"Деталь закладная МН5 черт. И-03","ШТ",40,195.9,{"$f":"H479*G479","v":7836},"450063, г. Уфа, ПАО АНК \"Башнефть\" \"Башнефть-Новойл\""]
["Детали закладные, кроштейны, муфты","ПАО АНК \"Башнефть\" \"Башнефть-Новойл\"",12,476,"Деталь закладная МН545-06","ШТ",1,123.7,{"$f":"H480*G480","v":123.7},"450063, г. Уфа, ПАО АНК \"Башнефть\" \"Башнефть-Новойл\""]
["Детали закладные, кроштейны, муфты","ПАО АНК \"Башнефть\" \"Башнефть-Новойл\"",12,477,"Деталь закладная МН553-1 сер. 1.400-15","ШТ",30,260.39999999999998,{"$f":"H481*G481","v":7811.9999999999991},"450063, г. Уфа, ПАО АНК \"Башнефть\" \"Башнефть-Новойл\""]
["Детали закладные, кроштейны, муфты","ПАО АНК \"Башнефть\" \"Башнефть-Новойл\"",12,478,"Деталь закладная МН553-1.5","ШТ",20,390.6,{"$f":"H482*G482","v":7812},"450063, г. Уфа, ПАО АНК \"Башнефть\" \"Башнефть-Новойл\""]
["Детали закладные, кроштейны, муфты","ПАО АНК \"Башнефть\" \"Башнефть-Новойл\"",12,479,"Деталь закладная МН7 И-05","ШТ",12,27.6,{"$f":"H483*G483","v":331.20000000000005},"450063, г. Уфа, ПАО АНК \"Башнефть\" \"Башнефть-Новойл\""]
["Детали закладные, кроштейны, муфты","ПАО АНК \"Башнефть\" \"Башнефть-Новойл\"",12,480,"Деталь закладная МН8 черт. И-05","ШТ",112,10,{"$f":"H484*G484","v":1120},"450063, г. Уфа, ПАО АНК \"Башнефть\" \"Башнефть-Новойл\""]
["Детали закладные, кроштейны, муфты","ПАО АНК \"Башнефть\" \"Башнефть-Новойл\"",12,481,"Деталь закладная МН9 черт. И-06","ШТ",38,169.8,{"$f":"H485*G485","v":6452.4000000000005},"450063, г. Уфа, ПАО АНК \"Башнефть\" \"Башнефть-Новойл\""]
["Детали закладные, кроштейны, муфты","ПАО АНК \"Башнефть\" \"Башнефть-Новойл\"",12,482,"Кронштейн КП-58","ШТ",15,2139.3000000000002,{"$f":"H486*G486","v":32089.500000000004},"450063, г. Уфа, ПАО АНК \"Башнефть\" \"Башнефть-Новойл\""]
["Детали закладные, кроштейны, муфты","ПАО АНК \"Башнефть\" \"Башнефть-Новойл\"",12,483,"Кронштейн КП-58","ШТ",2,2144.9,{"$f":"H487*G487","v":4289.8},"450063, г. Уфа, ПАО АНК \"Башнефть\" \"Башнефть-Новойл\""]
["Детали закладные, кроштейны, муфты","ПАО АНК \"Башнефть\" \"Башнефть-Новойл\"",12,484,"Кронштейн КП-58","ШТ",2,2347.4,{"$f":"H488*G488","v":4694.8},"450063, г. Уфа, ПАО АНК \"Башнефть\" \"Башнефть-Новойл\""]
["Детали закладные, кроштейны, муфты","ПАО АНК \"Башнефть\" \"Башнефть-Новойл\"",12,485,"Кронштейн КП-58","ШТ",2,2144.9,{"$f":"H489*G489","v":4289.8},"450063, г. Уфа, ПАО АНК \"Башнефть\" \"Башнефть-Новойл\""]
["Детали закладные, кроштейны, муфты","ПАО АНК \"Башнефть\" \"Башнефть-Новойл\"",12,486,"Кронштейн КП-58","ШТ",2,2347.4,{"$f":"H490*G490","v":4694.8},"450063, г. Уфа, ПАО АНК \"Башнефть\" \"Башнефть-Новойл\""]
["Детали закладные, кроштейны, муфты","ПАО АНК \"Башнефть\" \"Башнефть-Новойл\"",12,487,"Кронштейн КП-58","ШТ",4,2347.4,{"$f":"H491*G491","v":9389.6},"450063, г. Уфа, ПАО АНК \"Башнефть\" \"Башнефть-Новойл\""]
["Детали закладные, кроштейны, муфты","ПАО АНК \"Башнефть\" \"Башнефть-Новойл\"",12,488,"Кронштейн КП-58","ШТ",3,2270.1999999999998,{"$f":"H492*G492","v":6810.5999999999995},"450063, г. Уфа, ПАО АНК \"Башнефть\" \"Башнефть-Новойл\""]
["Детали закладные, кроштейны, муфты","ПАО АНК \"Башнефть\" \"Башнефть-Новойл\"",12,489,"Кронштейн ч.4.2-163 ДМПК-100АМ","ШТ",73,433.1,{"$f":"H493*G493","v":31616.300000000003},"450063, г. Уфа, ПАО АНК \"Башнефть\" \"Башнефть-Новойл\""]
["Детали закладные, кроштейны, муфты","ПАО АНК \"Башнефть\" \"Башнефть-Новойл\"",12,490,"Муфта перех.прив. ПП-04.200 Ст20","ШТ",18,87.6,{"$f":"H494*G494","v":1576.8},"450063, г. Уфа, ПАО АНК \"Башнефть\" \"Башнефть-Новойл\""]
["Детали закладные, кроштейны, муфты","ПАО АНК \"Башнефть\" \"Башнефть-Новойл\"",12,491,"Муфта ПП-02.200 Ст.20","ШТ",4,94,{"$f":"H495*G495","v":376},"450063, г. Уфа, ПАО АНК \"Башнефть\" \"Башнефть-Новойл\""]
["Детали закладные, кроштейны, муфты","ПАО АНК \"Башнефть\" \"Башнефть-Новойл\"",12,492,"Муфта ПП-02.200 Ст.20","ШТ",5,94,{"$f":"H496*G496","v":470},"450063, г. Уфа, ПАО АНК \"Башнефть\" \"Башнефть-Новойл\""]
["Детали закладные, кроштейны, муфты","ПАО АНК \"Башнефть\" \"Башнефть-Новойл\"",12,493,"Муфта ПП-02.200 Ст.20","ШТ",4,94,{"$f":"H497*G497","v":376},"450063, г. Уфа, ПАО АНК \"Башнефть\" \"Башнефть-Новойл\""]
["Детали закладные, кроштейны, муфты","ПАО АНК \"Башнефть\" \"Башнефть-Новойл\"",12,494,"Муфта ПП-02.200 Ст.20","ШТ",5,94,{"$f":"H498*G498","v":470},"450063, г. Уфа, ПАО АНК \"Башнефть\" \"Башнефть-Новойл\""]
["Детали закладные, кроштейны, муфты","ПАО АНК \"Башнефть\" \"Башнефть-Новойл\"",12,495,"Муфта ПП-02.200 Ст.20","ШТ",5,94,{"$f":"H499*G499","v":470},"450063, г. Уфа, ПАО АНК \"Башнефть\" \"Башнефть-Новойл\""]
["Детали закладные, кроштейны, муфты","ПАО АНК \"Башнефть\" \"Башнефть-Новойл\"",12,496,"Муфта ПП-02.200 Ст.20","ШТ",5,94,{"$f":"H500*G500","v":470},"450063, г. Уфа, ПАО АНК \"Башнефть\" \"Башнефть-Новойл\""]
["Детали закладные, кроштейны, муфты","ПАО АНК \"Башнефть\" \"Башнефть-Новойл\"",12,497,"Муфта ПП-02.200 Ст.20","ШТ",5,94,{"$f":"H501*G501","v":470},"450063, г. Уфа, ПАО АНК \"Башнефть\" \"Башнефть-Новойл\""]
["Детали закладные, кроштейны, муфты","ПАО АНК \"Башнефть\" \"Башнефть-Новойл\"",12,498,"Муфта ПП-02.200 Ст.20","ШТ",2,94,{"$f":"H502*G502","v":188},"450063, г. Уфа, ПАО АНК \"Башнефть\" \"Башнефть-Новойл\""]
["Детали закладные, кроштейны, муфты","ПАО АНК \"Башнефть\" \"Башнефть-Новойл\"",12,499,"Муфта ПП-02.200 Ст.20","ШТ",15,94,{"$f":"H503*G503","v":1410},"450063, г. Уфа, ПАО АНК \"Башнефть\" \"Башнефть-Новойл\""]
["Детали закладные, кроштейны, муфты","ПАО АНК \"Башнефть\" \"Башнефть-Новойл\"",12,500,"Муфта ПП-02.200 Ст.20","ШТ",10,94,{"$f":"H504*G504","v":940},"450063, г. Уфа, ПАО АНК \"Башнефть\" \"Башнефть-Новойл\""]
["Детали закладные, кроштейны, муфты","ПАО АНК \"Башнефть\" \"Башнефть-Новойл\"",12,501,"Муфта ПП-02.200 Ст.20","ШТ",10,94,{"$f":"H505*G505","v":940},"450063, г. Уфа, ПАО АНК \"Башнефть\" \"Башнефть-Новойл\""]
["Детали закладные, кроштейны, муфты","ПАО АНК \"Башнефть\" \"Башнефть-Новойл\"",12,502,"Муфта ПП-02.200 Ст.20","ШТ",10,94,{"$f":"H506*G506","v":940},"450063, г. Уфа, ПАО АНК \"Башнефть\" \"Башнефть-Новойл\""]
["Детали закладные, кроштейны, муфты","ПАО АНК \"Башнефть\" \"Башнефть-Новойл\"",12,503,"Муфта ПП-02.200 Ст.20","ШТ",10,94,{"$f":"H507*G507","v":940},"450063, г. Уфа, ПАО АНК \"Башнефть\" \"Башнефть-Новойл\""]
["Детали закладные, кроштейны, муфты","ПАО АНК \"Башнефть\" \"Башнефть-Новойл\"",12,504,"Муфта ПП-02.200 Ст.20","ШТ",5,94,{"$f":"H508*G508","v":470},"450063, г. Уфа, ПАО АНК \"Башнефть\" \"Башнефть-Новойл\""]
["Детали закладные, кроштейны, муфты","ПАО АНК \"Башнефть\" \"Башнефть-Новойл\"",12,505,"Муфта ПП-03.200 Ст.20","ШТ",24,120.9,{"$f":"H509*G509","v":2901.6000000000004},"450063, г. Уфа, ПАО АНК \"Башнефть\" \"Башнефть-Новойл\""]
["Детали закладные, кроштейны, муфты","ПАО АНК \"Башнефть\" \"Башнефть-Новойл\"",12,506,"Муфта ПП-03.200 Ст.20","ШТ",2,71.599999999999994,{"$f":"H510*G510","v":143.19999999999999},"450063, г. Уфа, ПАО АНК \"Башнефть\" \"Башнефть-Новойл\""]
["Детали закладные, кроштейны, муфты","ПАО АНК \"Башнефть\" \"Башнефть-Новойл\"",12,507,"Муфта ПП-03.200 Ст.20","ШТ",8,71.8,{"$f":"H511*G511","v":574.4},"450063, г. Уфа, ПАО АНК \"Башнефть\" \"Башнефть-Новойл\""]
["Детали закладные, кроштейны, муфты","ПАО АНК \"Башнефть\" \"Башнефть-Новойл\"",12,508,"Муфта соедин.привар. СП-02.200 Ст20","ШТ",1,57.1,{"$f":"H512*G512","v":57.1},"450063, г. Уфа, ПАО АНК \"Башнефть\" \"Башнефть-Новойл\""]
["Детали закладные, кроштейны, муфты","ПАО АНК \"Башнефть\" \"Башнефть-Новойл\"",12,509,"Муфта соедин.привар. СП-02.200 Ст20","ШТ",9,56.1,{"$f":"H513*G513","v":504.90000000000003},"450063, г. Уфа, ПАО АНК \"Башнефть\" \"Башнефть-Новойл\""]
["Детали закладные, кроштейны, муфты","ПАО АНК \"Башнефть\" \"Башнефть-Новойл\"",12,510,"Муфта соедин.приварСП-01.200 12Х18Н10Т","ШТ",20,280.39999999999998,{"$f":"H514*G514","v":5608},"450063, г. Уфа, ПАО АНК \"Башнефть\" \"Башнефть-Новойл\""]
["Детали закладные, кроштейны, муфты","ПАО АНК \"Башнефть\" \"Башнефть-Новойл\"",12,511,"Муфта соедин.приварСП-01.200 12Х18Н10Т","ШТ",14,161.80000000000001,{"$f":"H515*G515","v":2265.2000000000003},"450063, г. Уфа, ПАО АНК \"Башнефть\" \"Башнефть-Новойл\""]
["Детали закладные, кроштейны, муфты","ПАО АНК \"Башнефть\" \"Башнефть-Новойл\"",12,512,"Муфта СР-03.200 Ст.20","ШТ",43,94.4,{"$f":"H516*G516","v":4059.2000000000003},"450063, г. Уфа, ПАО АНК \"Башнефть\" \"Башнефть-Новойл\""]
["Детали закладные, кроштейны, муфты","ПАО АНК \"Башнефть\" \"Башнефть-Новойл\"",12,513,"Муфта СР-03.200 Ст.20","ШТ",30,92.6,{"$f":"H517*G517","v":2778},"450063, г. Уфа, ПАО АНК \"Башнефть\" \"Башнефть-Новойл\""]
["Детали закладные, кроштейны, муфты","ПАО АНК \"Башнефть\" \"Башнефть-Новойл\"",12,514,"Муфта СР-03.200 Ст.20","ШТ",3,90.8,{"$f":"H518*G518","v":272.39999999999998},"450063, г. Уфа, ПАО АНК \"Башнефть\" \"Башнефть-Новойл\""]
["Детали закладные, кроштейны, муфты","ПАО АНК \"Башнефть\" \"Башнефть-Новойл\"",12,515,"Муфта СР-03.200 Ст.20","ШТ",23,94.4,{"$f":"H519*G519","v":2171.2000000000003},"450063, г. Уфа, ПАО АНК \"Башнефть\" \"Башнефть-Новойл\""]
["Детали закладные, кроштейны, муфты","ПАО АНК \"Башнефть\" \"Башнефть-Новойл\"",12,516,"Муфта СР-03.200 Ст.20","ШТ",1,94.4,{"$f":"H520*G520","v":94.4},"450063, г. Уфа, ПАО АНК \"Башнефть\" \"Башнефть-Новойл\""]
["Детали закладные, кроштейны, муфты","ПАО АНК \"Башнефть\" \"Башнефть-Новойл\"",12,517,"Муфта СР-03.200 Ст.20","ШТ",15,94.4,{"$f":"H521*G521","v":1416},"450063, г. Уфа, ПАО АНК \"Башнефть\" \"Башнефть-Новойл\""]
["Детали закладные, кроштейны, муфты","ПАО АНК \"Башнефть\" \"Башнефть-Новойл\"",12,518,"Муфта стальная 40","ШТ",1,48.1,{"$f":"H522*G522","v":48.1},"450063, г. Уфа, ПАО АНК \"Башнефть\" \"Башнефть-Новойл\""]
["Детали закладные, кроштейны, муфты","ПАО АНК \"Башнефть\" \"Башнефть-Новойл\"",12,519,"Полумуфта ПМ-10-1 Ду=10 Ст20 ч.01-2009ТП","ШТ",3,30,{"$f":"H523*G523","v":90},"450063, г. Уфа, ПАО АНК \"Башнефть\" \"Башнефть-Новойл\""]
["Детали закладные, кроштейны, муфты","ПАО АНК \"Башнефть\" \"Башнефть-Новойл\"",12,520,"Полумуфта ПМ-15 20 05766528-У6.0612-3039","ШТ",4,120,{"$f":"H524*G524","v":480},"450063, г. Уфа, ПАО АНК \"Башнефть\" \"Башнефть-Новойл\""]
["Детали закладные, кроштейны, муфты","ПАО АНК \"Башнефть\" \"Башнефть-Новойл\"",12,521,"Полумуфта ПМ-15-1 Ду=15 20 пр.01-2009ТП","ШТ",8,70,{"$f":"H525*G525","v":560},"450063, г. Уфа, ПАО АНК \"Башнефть\" \"Башнефть-Новойл\""]
["Детали закладные, кроштейны, муфты","ПАО АНК \"Башнефть\" \"Башнефть-Новойл\"",12,522,"Полумуфта ПМ-15-1 Ду=15 20 пр.01-2009ТП","ШТ",3,620,{"$f":"H526*G526","v":1860},"450063, г. Уфа, ПАО АНК \"Башнефть\" \"Башнефть-Новойл\""]
["Детали закладные, кроштейны, муфты","ПАО АНК \"Башнефть\" \"Башнефть-Новойл\"",12,523,"Полумуфта ПМ-18 Ду=15 12Х18Н10Т 11-002-Т","ШТ",14,100,{"$f":"H527*G527","v":1400},"450063, г. Уфа, ПАО АНК \"Башнефть\" \"Башнефть-Новойл\""]
["Детали закладные, кроштейны, муфты","ПАО АНК \"Башнефть\" \"Башнефть-Новойл\"",12,524,"Полумуфта ПМ-18 Ду=15 12Х18Н10Т 11-002-Т","ШТ",17,100,{"$f":"H528*G528","v":1700},"450063, г. Уфа, ПАО АНК \"Башнефть\" \"Башнефть-Новойл\""]
["Детали закладные, кроштейны, муфты","ПАО АНК \"Башнефть\" \"Башнефть-Новойл\"",12,525,"Полумуфта ПМ-18 Ду=15 20 11-002-Т","ШТ",146,30,{"$f":"H529*G529","v":4380},"450063, г. Уфа, ПАО АНК \"Башнефть\" \"Башнефть-Новойл\""]
["Детали закладные, кроштейны, муфты","ПАО АНК \"Башнефть\" \"Башнефть-Новойл\"",12,526,"Полумуфта ПМ-18 Ду=15 20 П-002-Т","ШТ",20,50,{"$f":"H530*G530","v":1000},"450063, г. Уфа, ПАО АНК \"Башнефть\" \"Башнефть-Новойл\""]
["Детали закладные, кроштейны, муфты","ПАО АНК \"Башнефть\" \"Башнефть-Новойл\"",12,527,"Полумуфта ПМ-20-1 Ду=20 20 пр.01-2009ТП","ШТ",6,160,{"$f":"H531*G531","v":960},"450063, г. Уфа, ПАО АНК \"Башнефть\" \"Башнефть-Новойл\""]
["Детали закладные, кроштейны, муфты","ПАО АНК \"Башнефть\" \"Башнефть-Новойл\"",12,528,"Полумуфта ПМ-20-1 Ду=20 20 пр.01-2009ТП","ШТ",15,160,{"$f":"H532*G532","v":2400},"450063, г. Уфа, ПАО АНК \"Башнефть\" \"Башнефть-Новойл\""]
["Детали закладные, кроштейны, муфты","ПАО АНК \"Башнефть\" \"Башнефть-Новойл\"",12,529,"Полумуфта ПМ-20-1 Ду=20 20 пр.01-2009ТП","ШТ",3,160,{"$f":"H533*G533","v":480},"450063, г. Уфа, ПАО АНК \"Башнефть\" \"Башнефть-Новойл\""]
["Детали закладные, кроштейны, муфты","ПАО АНК \"Башнефть\" \"Башнефть-Новойл\"",12,530,"Полумуфта ПМ-20-1 Ду=20 20 пр.01-2009ТП","ШТ",1,160,{"$f":"H534*G534","v":160},"450063, г. Уфа, ПАО АНК \"Башнефть\" \"Башнефть-Новойл\""]
["Детали закладные, кроштейны, муфты","ПАО АНК \"Башнефть\" \"Башнефть-Новойл\"",12,531,"Полумуфта ПМ-20-1 Ду=20 20 пр.01-2009ТП","ШТ",1,160,{"$f":"H535*G535","v":160},"450063, г. Уфа, ПАО АНК \"Башнефть\" \"Башнефть-Новойл\""]
["Детали закладные, кроштейны, муфты","ПАО АНК \"Башнефть\" \"Башнефть-Новойл\"",12,532,"Полумуфта ПМ-25 Ду=20 12Х18Н10Т 11-002-Т","ШТ",21,140,{"$f":"H536*G536","v":2940},"450063, г. Уфа, ПАО АНК \"Башнефть\" \"Башнефть-Новойл\""]
["Детали закладные, кроштейны, муфты","ПАО АНК \"Башнефть\" \"Башнефть-Новойл\"",12,533,"Полумуфта ПМ-25 Ду=20 20 11-002-Т","ШТ",4,40,{"$f":"H537*G537","v":160},"450063, г. Уфа, ПАО АНК \"Башнефть\" \"Башнефть-Новойл\""]
["Детали закладные, кроштейны, муфты","ПАО АНК \"Башнефть\" \"Башнефть-Новойл\"",12,534,"Полумуфта ПМ-25 Ду=20 20 11-002-Т","ШТ",14,40,{"$f":"H538*G538","v":560},"450063, г. Уфа, ПАО АНК \"Башнефть\" \"Башнефть-Новойл\""]
["Детали закладные, кроштейны, муфты","ПАО АНК \"Башнефть\" \"Башнефть-Новойл\"",12,535,"Полумуфта ПМ-25 Ду=20 20 11-002-Т","ШТ",196,40,{"$f":"H539*G539","v":7840},"450063, г. Уфа, ПАО АНК \"Башнефть\" \"Башнефть-Новойл\""]
["Детали закладные, кроштейны, муфты","ПАО АНК \"Башнефть\" \"Башнефть-Новойл\"",12,536,"Полумуфта ПМ-25 Ду=20 20 П-002-Т","ШТ",3,60,{"$f":"H540*G540","v":180},"450063, г. Уфа, ПАО АНК \"Башнефть\" \"Башнефть-Новойл\""]
["Детали закладные, кроштейны, муфты","ПАО АНК \"Башнефть\" \"Башнефть-Новойл\"",12,537,"Полумуфта ПМ-25 Ст20","ШТ",6,160,{"$f":"H541*G541","v":960},"450063, г. Уфа, ПАО АНК \"Башнефть\" \"Башнефть-Новойл\""]
["Детали закладные, кроштейны, муфты","ПАО АНК \"Башнефть\" \"Башнефть-Новойл\"",12,538,"Полумуфта ПМ-25-3 Ч.01.2009ВО","ШТ",1,150,{"$f":"H542*G542","v":150},"450063, г. Уфа, ПАО АНК \"Башнефть\" \"Башнефть-Новойл\""]
["Детали закладные, кроштейны, муфты","ПАО АНК \"Башнефть\" \"Башнефть-Новойл\"",12,539,"Элемент доб. Д-2 1.450.3-7.94","ШТ",4,20,{"$f":"H543*G543","v":80},"450063, г. Уфа, ПАО АНК \"Башнефть\" \"Башнефть-Новойл\""]
["Детали закладные, кроштейны, муфты","ПАО АНК \"Башнефть\" \"Башнефть-Новойл\"",12,540,"Элемент доб. Д5Г-1 1.450.3-7.94","ШТ",2,40,{"$f":"H544*G544","v":80},"450063, г. Уфа, ПАО АНК \"Башнефть\" \"Башнефть-Новойл\""]
["Детали закладные, кроштейны, муфты","ПАО АНК \"Башнефть\" \"Башнефть-Новойл\"",12,541,"Элемент доб. Д5Г-1 1.450.3-7.94","ШТ",2,40,{"$f":"H545*G545","v":80},"450063, г. Уфа, ПАО АНК \"Башнефть\" \"Башнефть-Новойл\""]
["Детали закладные, кроштейны, муфты","ПАО АНК \"Башнефть\" \"Башнефть-Новойл\"",12,542,"Элемент доборный Д1Г","ШТ",2,260,{"$f":"H546*G546","v":520},"450063, г. Уфа, ПАО АНК \"Башнефть\" \"Башнефть-Новойл\""]
["Детали закладные, кроштейны, муфты","ПАО АНК \"Башнефть\" \"Башнефть-Новойл\"",12,543,"Элемент доборный Д1Г-1","ШТ",16,40,{"$f":"H547*G547","v":640},"450063, г. Уфа, ПАО АНК \"Башнефть\" \"Башнефть-Новойл\""]
["Детали закладные, кроштейны, муфты","ПАО АНК \"Башнефть\" \"Башнефть-Новойл\"",12,544,"Элемент доборный Д1Г-1","ШТ",2,40,{"$f":"H548*G548","v":80},"450063, г. Уфа, ПАО АНК \"Башнефть\" \"Башнефть-Новойл\""]
["Детали закладные, кроштейны, муфты","ПАО АНК \"Башнефть\" \"Башнефть-Новойл\"",12,545,"Элемент доборный Д1Г-1","ШТ",24,40,{"$f":"H549*G549","v":960},"450063, г. Уфа, ПАО АНК \"Башнефть\" \"Башнефть-Новойл\""]
["Детали закладные, кроштейны, муфты","ПАО АНК \"Башнефть\" \"Башнефть-Новойл\"",12,546,"Элемент доборный Д1Г-1","ШТ",32,40,{"$f":"H550*G550","v":1280},"450063, г. Уфа, ПАО АНК \"Башнефть\" \"Башнефть-Новойл\""]
["Детали закладные, кроштейны, муфты","ПАО АНК \"Башнефть\" \"Башнефть-Новойл\"",12,547,"Элемент доборный Д3Г-1","ШТ",4,30,{"$f":"H551*G551","v":120},"450063, г. Уфа, ПАО АНК \"Башнефть\" \"Башнефть-Новойл\""]
["Детали закладные, кроштейны, муфты","ПАО АНК \"Башнефть\" \"Башнефть-Новойл\"",12,548,"Элемент доборный Д3Г-1","ШТ",16,30,{"$f":"H552*G552","v":480},"450063, г. Уфа, ПАО АНК \"Башнефть\" \"Башнефть-Новойл\""]
["Детали закладные, кроштейны, муфты","ПАО АНК \"Башнефть\" \"Башнефть-Новойл\"",12,549,"Элемент доборный Д3Г-1","ШТ",70,30,{"$f":"H553*G553","v":2100},"450063, г. Уфа, ПАО АНК \"Башнефть\" \"Башнефть-Новойл\""]
["Детали закладные, кроштейны, муфты","ПАО АНК \"Башнефть\" \"Башнефть-Новойл\"",12,550,"Элемент доборный Д3Г-1","ШТ",4,30,{"$f":"H554*G554","v":120},"450063, г. Уфа, ПАО АНК \"Башнефть\" \"Башнефть-Новойл\""]
["Детали закладные, кроштейны, муфты","ПАО АНК \"Башнефть\" \"Башнефть-Новойл\"",12,551,"Элемент доборный Д3Г-1","ШТ",26,30,{"$f":"H555*G555","v":780},"450063, г. Уфа, ПАО АНК \"Башнефть\" \"Башнефть-Новойл\""]
["Детали закладные, кроштейны, муфты","ПАО АНК \"Башнефть\" \"Башнефть-Новойл\"",12,552,"Элемент доборный Д3Г-1","ШТ",62,30,{"$f":"H556*G556","v":1860},"450063, г. Уфа, ПАО АНК \"Башнефть\" \"Башнефть-Новойл\""]
["Детали закладные, кроштейны, муфты","ПАО АНК \"Башнефть\" \"Башнефть-Новойл\"",12,553,"Элемент доборный Д3Г-1","ШТ",16,30,{"$f":"H557*G557","v":480},"450063, г. Уфа, ПАО АНК \"Башнефть\" \"Башнефть-Новойл\""]
["Детали закладные, кроштейны, муфты","ПАО АНК \"Башнефть\" \"Башнефть-Новойл\"",12,554,"Элемент доборный Д3Г-1","ШТ",2,260,{"$f":"H558*G558","v":520},"450063, г. Уфа, ПАО АНК \"Башнефть\" \"Башнефть-Новойл\""]
["Заглушки","ПАО АНК \"Башнефть\" \"Башнефть-Новойл\"",13,555,"Загл.пов.7-200-160 09Г2С II-Т-227","ШТ",3,5733.8,{"$f":"H559*G559","v":17201.400000000001},"450063, г. Уфа, ПАО АНК \"Башнефть\" \"Башнефть-Новойл\""]
["Заглушки","ПАО АНК \"Башнефть\" \"Башнефть-Новойл\"",13,556,"Загл.пов.ЗП(II) 40-63 20","ШТ",1,596.5,{"$f":"H560*G560","v":596.5},"450063, г. Уфа, ПАО АНК \"Башнефть\" \"Башнефть-Новойл\""]
["Заглушки","ПАО АНК \"Башнефть\" \"Башнефть-Новойл\"",13,557,"Загл.рук.ЗР (I) 65-16 20К","ШТ",2,285,{"$f":"H561*G561","v":570},"450063, г. Уфа, ПАО АНК \"Башнефть\" \"Башнефть-Новойл\""]
["Заглушки","ПАО АНК \"Башнефть\" \"Башнефть-Новойл\"",13,558,"Заглушка 1000-1,6 19","ШТ",4,41028.199999999997,{"$f":"H562*G562","v":164112.79999999999},"450063, г. Уфа, ПАО АНК \"Башнефть\" \"Башнефть-Новойл\""]
["Заглушки","ПАО АНК \"Башнефть\" \"Башнефть-Новойл\"",13,559,"Заглушка 133Х8","ШТ",12,8.8000000000000007,{"$f":"H563*G563","v":105.60000000000001},"450063, г. Уфа, ПАО АНК \"Башнефть\" \"Башнефть-Новойл\""]
["Заглушки","ПАО АНК \"Башнефть\" \"Башнефть-Новойл\"",13,560,"Заглушка 133Х8","ШТ",6,8.8000000000000007,{"$f":"H564*G564","v":52.800000000000004},"450063, г. Уфа, ПАО АНК \"Башнефть\" \"Башнефть-Новойл\""]
["Заглушки","ПАО АНК \"Башнефть\" \"Башнефть-Новойл\"",13,561,"Заглушка 219х400 20","ШТ",6,958,{"$f":"H565*G565","v":5748},"450063, г. Уфа, ПАО АНК \"Башнефть\" \"Башнефть-Новойл\""]
["Заглушки","ПАО АНК \"Башнефть\" \"Башнефть-Новойл\"",13,562,"Заглушка 2-65-4,0-20","ШТ",2,566.1,{"$f":"H566*G566","v":1132.2},"450063, г. Уфа, ПАО АНК \"Башнефть\" \"Башнефть-Новойл\""]
["Заглушки","ПАО АНК \"Башнефть\" \"Башнефть-Новойл\"",13,563,"Заглушка 3/4'х600 RTJ LF2 20 Л35-11/1000","ШТ",2,253.9,{"$f":"H567*G567","v":507.8},"450063, г. Уфа, ПАО АНК \"Башнефть\" \"Башнефть-Новойл\""]
["Заглушки","ПАО АНК \"Башнефть\" \"Башнефть-Новойл\"",13,564,"Заглушка 377х12-12Х18Н10Т","ШТ",2,507.5,{"$f":"H568*G568","v":1015},"450063, г. Уфа, ПАО АНК \"Башнефть\" \"Башнефть-Новойл\""]
["Заглушки","ПАО АНК \"Башнефть\" \"Башнефть-Новойл\"",13,565,"Заглушка 45Х4","ШТ",12,115.3,{"$f":"H569*G569","v":1383.6},"450063, г. Уфа, ПАО АНК \"Башнефть\" \"Башнефть-Новойл\""]
["Заглушки","ПАО АНК \"Башнефть\" \"Башнефть-Новойл\"",13,566,"Заглушка 45Х4","ШТ",4,115.3,{"$f":"H570*G570","v":461.2},"450063, г. Уфа, ПАО АНК \"Башнефть\" \"Башнефть-Новойл\""]
["Заглушки","ПАО АНК \"Башнефть\" \"Башнефть-Новойл\"",13,567,"Заглушка 45Х4-09Г2С","ШТ",1,99.5,{"$f":"H571*G571","v":99.5},"450063, г. Уфа, ПАО АНК \"Башнефть\" \"Башнефть-Новойл\""]
["Заглушки","ПАО АНК \"Башнефть\" \"Башнефть-Новойл\"",13,568,"Заглушка 76х3,5","ШТ",16,4,{"$f":"H572*G572","v":64},"450063, г. Уфа, ПАО АНК \"Башнефть\" \"Башнефть-Новойл\""]
["Заглушки","ПАО АНК \"Башнефть\" \"Башнефть-Новойл\"",13,569,"Заглушка 76х6 Ст20","ШТ",8,140.4,{"$f":"H573*G573","v":1123.2},"450063, г. Уфа, ПАО АНК \"Башнефть\" \"Башнефть-Новойл\""]
["Заглушки","ПАО АНК \"Башнефть\" \"Башнефть-Новойл\"",13,570,"Заглушка ввертная ЗВ-03.200 Ст20","ШТ",34,56.2,{"$f":"H574*G574","v":1910.8000000000002},"450063, г. Уфа, ПАО АНК \"Башнефть\" \"Башнефть-Новойл\""]
["Заглушки","ПАО АНК \"Башнефть\" \"Башнефть-Новойл\"",13,571,"Заглушка ЗВ-02.200 Ст.20","ШТ",1,62.9,{"$f":"H575*G575","v":62.9},"450063, г. Уфа, ПАО АНК \"Башнефть\" \"Башнефть-Новойл\""]
["Заглушки","ПАО АНК \"Башнефть\" \"Башнефть-Новойл\"",13,572,"Заглушка ЗН-02.200 Ст.20","ШТ",2,49.2,{"$f":"H576*G576","v":98.4},"450063, г. Уфа, ПАО АНК \"Башнефть\" \"Башнефть-Новойл\""]
["Заглушки","ПАО АНК \"Башнефть\" \"Башнефть-Новойл\"",13,573,"Заглушка эл. П 377х16-08Х18Н10Т","ШТ",2,9743.2000000000007,{"$f":"H577*G577","v":19486.400000000001},"450063, г. Уфа, ПАО АНК \"Башнефть\" \"Башнефть-Новойл\""]
["Заглушки","ПАО АНК \"Башнефть\" \"Башнефть-Новойл\"",13,574,"Заглушка эл. П 630х26-12Х1МФ","ШТ",2,79949.899999999994,{"$f":"H578*G578","v":159899.79999999999},"450063, г. Уфа, ПАО АНК \"Башнефть\" \"Башнефть-Новойл\""]
["Заглушки","ПАО АНК \"Башнефть\" \"Башнефть-Новойл\"",13,575,"Заглушка эл.1220х15 10Г2ФБЮ","ШТ",4,31797.8,{"$f":"H579*G579","v":127191.2},"450063, г. Уфа, ПАО АНК \"Башнефть\" \"Башнефть-Новойл\""]
["Заглушки","ПАО АНК \"Башнефть\" \"Башнефть-Новойл\"",13,576,"Заглушка эл.П76х4 Ст20 ГОСТ 17379","ШТ",2,55.9,{"$f":"H580*G580","v":111.8},"450063, г. Уфа, ПАО АНК \"Башнефть\" \"Башнефть-Новойл\""]
["Изделия по чертежам","ПАО АНК \"Башнефть\" \"Башнефть-Новойл\"",14,577,"Вилка 01","ШТ",2,429.2,{"$f":"H581*G581","v":858.4},"450063, г. Уфа, ПАО АНК \"Башнефть\" \"Башнефть-Новойл\""]
["Изделия по чертежам","ПАО АНК \"Башнефть\" \"Башнефть-Новойл\"",14,578,"Ворота метал.В-1а 2ств.3000х2500 калит.","ШТ",3,22891.200000000001,{"$f":"H582*G582","v":68673.600000000006},"450063, г. Уфа, ПАО АНК \"Башнефть\" \"Башнефть-Новойл\""]
["Изделия по чертежам","ПАО АНК \"Башнефть\" \"Башнефть-Новойл\"",14,579,"Зонд щелевой Ду50 05766528-2142-11/3-4ТП","ШТ",1,602,{"$f":"H583*G583","v":602},"450063, г. Уфа, ПАО АНК \"Башнефть\" \"Башнефть-Новойл\""]
["Изделия по чертежам","ПАО АНК \"Башнефть\" \"Башнефть-Новойл\"",14,580,"Зонд щелевой Ду80 05766528-2142-11/3-5ТП","ШТ",1,1700,{"$f":"H584*G584","v":1700},"450063, г. Уфа, ПАО АНК \"Башнефть\" \"Башнефть-Новойл\""]
["Изделия по чертежам","ПАО АНК \"Башнефть\" \"Башнефть-Новойл\"",14,581,"Зонд щелевой Ду80 05766528-2142-11/3-6ТП","ШТ",2,1700,{"$f":"H585*G585","v":3400},"450063, г. Уфа, ПАО АНК \"Башнефть\" \"Башнефть-Новойл\""]
["Изделия по чертежам","ПАО АНК \"Башнефть\" \"Башнефть-Новойл\"",14,582,"Пружина 16","ШТ",2,1930,{"$f":"H586*G586","v":3860},"450063, г. Уфа, ПАО АНК \"Башнефть\" \"Башнефть-Новойл\""]
["Изделия по чертежам","ПАО АНК \"Башнефть\" \"Башнефть-Новойл\"",14,583,"Расширитель Ду20 Ст20","ШТ",20,3840,{"$f":"H587*G587","v":76800},"450063, г. Уфа, ПАО АНК \"Башнефть\" \"Башнефть-Новойл\""]
["Изделия по чертежам","ПАО АНК \"Башнефть\" \"Башнефть-Новойл\"",14,584,"Расширитель Ду40 Ст20","ШТ",2,4720,{"$f":"H588*G588","v":9440},"450063, г. Уфа, ПАО АНК \"Башнефть\" \"Башнефть-Новойл\""]
["Изделия по чертежам","ПАО АНК \"Башнефть\" \"Башнефть-Новойл\"",14,585,"Расширитель по ОЛ №40/2-17 20 02-11-АОВ","ШТ",1,3760,{"$f":"H589*G589","v":3760},"450063, г. Уфа, ПАО АНК \"Башнефть\" \"Башнефть-Новойл\""]
["Изделия по чертежам","ПАО АНК \"Башнефть\" \"Башнефть-Новойл\"",14,586,"Расширитель по ОЛ №40/2-18 20 02-11-АХС","ШТ",4,3760,{"$f":"H590*G590","v":15040},"450063, г. Уфа, ПАО АНК \"Башнефть\" \"Башнефть-Новойл\""]
["Изделия по чертежам","ПАО АНК \"Башнефть\" \"Башнефть-Новойл\"",14,587,"Расширитель по ОЛ №40/2-19 20 02-11-АХС","ШТ",3,3760,{"$f":"H591*G591","v":11280},"450063, г. Уфа, ПАО АНК \"Башнефть\" \"Башнефть-Новойл\""]
["Изделия по чертежам","ПАО АНК \"Башнефть\" \"Башнефть-Новойл\"",14,588,"Сальник С-108-400 Ст3сп2 Т-ММ-18-90","ШТ",2,3230,{"$f":"H592*G592","v":6460},"450063, г. Уфа, ПАО АНК \"Башнефть\" \"Башнефть-Новойл\""]
["Изделия по чертежам","ПАО АНК \"Башнефть\" \"Башнефть-Новойл\"",14,589,"Труба 26\"х17.48 Ст20 ASTM A333","ПМ",1.345,2540,{"$f":"H593*G593","v":3416.2999999999997},"450063, г. Уфа, ПАО АНК \"Башнефть\" \"Башнефть-Новойл\""]
["Изделия по чертежам","ПАО АНК \"Башнефть\" \"Башнефть-Новойл\"",14,590,"Труба 57х335 Ст20 УВ 1133.00.002","ШТ",1,1260,{"$f":"H594*G594","v":1260},"450063, г. Уфа, ПАО АНК \"Башнефть\" \"Башнефть-Новойл\""]
["Изделия по чертежам","ПАО АНК \"Башнефть\" \"Башнефть-Новойл\"",14,591,"Труба алюмин. АМц 150х5 м6000 ГОСТ 18475","КГ",586,60,{"$f":"H595*G595","v":35160},"450063, г. Уфа, ПАО АНК \"Башнефть\" \"Башнефть-Новойл\""]
["Изделия по чертежам","ПАО АНК \"Башнефть\" \"Башнефть-Новойл\"",14,592,"Трубка Ст20 601-361.09-503-ТК-01-000 СБ","ШТ",2,470,{"$f":"H596*G596","v":940},"450063, г. Уфа, ПАО АНК \"Башнефть\" \"Башнефть-Новойл\""]
["Изделия по чертежам","ПАО АНК \"Башнефть\" \"Башнефть-Новойл\"",14,593,"Тяга резьбовая 07 ОСТ 24.125.107","ШТ",4,160,{"$f":"H597*G597","v":640},"450063, г. Уфа, ПАО АНК \"Башнефть\" \"Башнефть-Новойл\""]
["Изделия по чертежам","ПАО АНК \"Башнефть\" \"Башнефть-Новойл\"",14,594,"Тяга резьбовая 24 ОСТ 24.125.107","ШТ",2,310,{"$f":"H598*G598","v":620},"450063, г. Уфа, ПАО АНК \"Башнефть\" \"Башнефть-Новойл\""]
["Изделия по чертежам","ПАО АНК \"Башнефть\" \"Башнефть-Новойл\"",14,595,"Узел крепления подвески 122","ШТ",1,5690,{"$f":"H599*G599","v":5690},"450063, г. Уфа, ПАО АНК \"Башнефть\" \"Башнефть-Новойл\""]
["Изделия по чертежам","ПАО АНК \"Башнефть\" \"Башнефть-Новойл\"",14,596,"Узел крепления подвески 124","ШТ",2,5690,{"$f":"H600*G600","v":11380},"450063, г. Уфа, ПАО АНК \"Башнефть\" \"Башнефть-Новойл\""]
["Изделия по чертежам","ПАО АНК \"Башнефть\" \"Башнефть-Новойл\"",14,597,"Узел крепления подвески 27","ШТ",1,18980,{"$f":"H601*G601","v":18980},"450063, г. Уфа, ПАО АНК \"Башнефть\" \"Башнефть-Новойл\""]
["Изделия по чертежам","ПАО АНК \"Башнефть\" \"Башнефть-Новойл\"",14,598,"Узел крепления подвески 62","ШТ",4,1000,{"$f":"H602*G602","v":4000},"450063, г. Уфа, ПАО АНК \"Башнефть\" \"Башнефть-Новойл\""]
["Изделия по чертежам","ПАО АНК \"Башнефть\" \"Башнефть-Новойл\"",14,599,"Узел крепления подвески 63","ШТ",2,1210,{"$f":"H603*G603","v":2420},"450063, г. Уфа, ПАО АНК \"Башнефть\" \"Башнефть-Новойл\""]
["Изделия по чертежам","ПАО АНК \"Башнефть\" \"Башнефть-Новойл\"",14,600,"Ушко 12Х18Н9Т УФГ 326.00.006","ШТ",4,200,{"$f":"H604*G604","v":800},"450063, г. Уфа, ПАО АНК \"Башнефть\" \"Башнефть-Новойл\""]
["Изделия по чертежам","ПАО АНК \"Башнефть\" \"Башнефть-Новойл\"",14,601,"Х Пер.ПК426х12-325х10 15Х5М ГОСТ 17378","ШТ",2,22360,{"$f":"H605*G605","v":44720},"450063, г. Уфа, ПАО АНК \"Башнефть\" \"Башнефть-Новойл\""]
["Изделия по чертежам","ПАО АНК \"Башнефть\" \"Башнефть-Новойл\"",14,602,"Холодильник ХП 012-(2142)-11/3-33ТП","ШТ",1,19670,{"$f":"H606*G606","v":19670},"450063, г. Уфа, ПАО АНК \"Башнефть\" \"Башнефть-Новойл\""]
["Изделия по чертежам","ПАО АНК \"Башнефть\" \"Башнефть-Новойл\"",14,603,"Шайба др.Ду100 Ру40 09Г2С М-12-03","ШТ",1,810,{"$f":"H607*G607","v":810},"450063, г. Уфа, ПАО АНК \"Башнефть\" \"Башнефть-Новойл\""]
["Изделия по чертежам","ПАО АНК \"Башнефть\" \"Башнефть-Новойл\"",14,604,"Шайба др.Ду100 Ру40 09Г2С М-12-03","ШТ",1,810,{"$f":"H608*G608","v":810},"450063, г. Уфа, ПАО АНК \"Башнефть\" \"Башнефть-Новойл\""]
["Метизы","ПАО АНК \"Башнефть\" \"Башнефть-Новойл\"",15,605,"Винт А.М5-6GХ20.48","КГ",59.6,6.8,{"$f":"H609*G609","v":405.28},"450063, г. Уфа, ПАО АНК \"Башнефть\" \"Башнефть-Новойл\""]
["Метизы","ПАО АНК \"Башнефть\" \"Башнефть-Новойл\"",15,606,"Винт В.М4-6GХ10.58.019","КГ",0.7,88.8,{"$f":"H610*G610","v":62.16},"450063, г. Уфа, ПАО АНК \"Башнефть\" \"Башнефть-Новойл\""]
["Метизы","ПАО АНК \"Башнефть\" \"Башнефть-Новойл\"",15,607,"Винт В2.М6-6GХ30.58.016","КГ",15.5,14.1,{"$f":"H611*G611","v":218.54999999999998},"450063, г. Уфа, ПАО АНК \"Башнефть\" \"Башнефть-Новойл\""]
["Метизы","ПАО АНК \"Башнефть\" \"Башнефть-Новойл\"",15,608,"Винт высокопрочный M10х25","ШТ",2,10.5,{"$f":"H612*G612","v":21},"450063, г. Уфа, ПАО АНК \"Башнефть\" \"Башнефть-Новойл\""]
["Метизы","ПАО АНК \"Башнефть\" \"Башнефть-Новойл\"",15,609,"Винт высокопрочный M10х25","ШТ",6,10.5,{"$f":"H613*G613","v":63},"450063, г. Уфа, ПАО АНК \"Башнефть\" \"Башнефть-Новойл\""]
["Метизы","ПАО АНК \"Башнефть\" \"Башнефть-Новойл\"",15,610,"Винт М24х90 DIN 915","ШТ",50,256.2,{"$f":"H614*G614","v":12810},"450063, г. Уфа, ПАО АНК \"Башнефть\" \"Башнефть-Новойл\""]
["Метизы","ПАО АНК \"Башнефть\" \"Башнефть-Новойл\"",15,611,"Винт М3х14 ГОСТ17473","КГ",56.5,14.2,{"$f":"H615*G615","v":802.3},"450063, г. Уфа, ПАО АНК \"Башнефть\" \"Башнефть-Новойл\""]
["Метизы","ПАО АНК \"Башнефть\" \"Башнефть-Новойл\"",15,612,"Винт М4х50","КГ",44.8,73.2,{"$f":"H616*G616","v":3279.36},"450063, г. Уфа, ПАО АНК \"Башнефть\" \"Башнефть-Новойл\""]
["Метизы","ПАО АНК \"Башнефть\" \"Башнефть-Новойл\"",15,613,"Винт М4х50","КГ",14,73.2,{"$f":"H617*G617","v":1024.8},"450063, г. Уфа, ПАО АНК \"Башнефть\" \"Башнефть-Новойл\""]
["Метизы","ПАО АНК \"Башнефть\" \"Башнефть-Новойл\"",15,614,"Винт М4х50","КГ",14,73.2,{"$f":"H618*G618","v":1024.8},"450063, г. Уфа, ПАО АНК \"Башнефть\" \"Башнефть-Новойл\""]
["Метизы","ПАО АНК \"Башнефть\" \"Башнефть-Новойл\"",15,615,"Винт М6х25 ГОСТ 11651","ШТ",30,20.8,{"$f":"H619*G619","v":624},"450063, г. Уфа, ПАО АНК \"Башнефть\" \"Башнефть-Новойл\""]
["Метизы","ПАО АНК \"Башнефть\" \"Башнефть-Новойл\"",15,616,"Винт М6х25 ТУ 36.25.12-13","КГ",3.9,108.9,{"$f":"H620*G620","v":424.71000000000004},"450063, г. Уфа, ПАО АНК \"Башнефть\" \"Башнефть-Новойл\""]
["Метизы","ПАО АНК \"Башнефть\" \"Башнефть-Новойл\"",15,617,"Винт М6х25 ТУ 36.25.12-13","КГ",2,59.2,{"$f":"H621*G621","v":118.4},"450063, г. Уфа, ПАО АНК \"Башнефть\" \"Башнефть-Новойл\""]
["Метизы","ПАО АНК \"Башнефть\" \"Башнефть-Новойл\"",15,618,"Гвозди строительные 4,0Х100","КГ",147.1,35.700000000000003,{"$f":"H622*G622","v":5251.47},"450063, г. Уфа, ПАО АНК \"Башнефть\" \"Башнефть-Новойл\""]
["Метизы","ПАО АНК \"Башнефть\" \"Башнефть-Новойл\"",15,619,"Гвозди строительные 4,0Х100","КГ",2.4E-2,35.700000000000003,{"$f":"H623*G623","v":0.85680000000000012},"450063, г. Уфа, ПАО АНК \"Башнефть\" \"Башнефть-Новойл\""]
["Метизы","ПАО АНК \"Башнефть\" \"Башнефть-Новойл\"",15,620,"Гвозди строительные 4,0Х100","КГ",6.1760000000000002,35.700000000000003,{"$f":"H624*G624","v":220.48320000000001},"450063, г. Уфа, ПАО АНК \"Башнефть\" \"Башнефть-Новойл\""]
["Метизы","ПАО АНК \"Башнефть\" \"Башнефть-Новойл\"",15,621,"Гвозди строительные 4,0Х100","КГ",4.9000000000000004,35.700000000000003,{"$f":"H625*G625","v":174.93000000000004},"450063, г. Уфа, ПАО АНК \"Башнефть\" \"Башнефть-Новойл\""]
["Метизы","ПАО АНК \"Башнефть\" \"Башнефть-Новойл\"",15,622,"Гвозди строительные 4,0Х150","КГ",15,71.900000000000006,{"$f":"H626*G626","v":1078.5},"450063, г. Уфа, ПАО АНК \"Башнефть\" \"Башнефть-Новойл\""]
["Метизы","ПАО АНК \"Башнефть\" \"Башнефть-Новойл\"",15,623,"Гвозди строительные 5,0Х150","КГ",65,37.4,{"$f":"H627*G627","v":2431},"450063, г. Уфа, ПАО АНК \"Башнефть\" \"Башнефть-Новойл\""]
["Метизы","ПАО АНК \"Башнефть\" \"Башнефть-Новойл\"",15,624,"Гвозди строительные 5,0Х150","КГ",15,37.4,{"$f":"H628*G628","v":561},"450063, г. Уфа, ПАО АНК \"Башнефть\" \"Башнефть-Новойл\""]
["Метизы","ПАО АНК \"Башнефть\" \"Башнефть-Новойл\"",15,625,"Гвозди строительные 5,0Х150","КГ",8,37.4,{"$f":"H629*G629","v":299.2},"450063, г. Уфа, ПАО АНК \"Башнефть\" \"Башнефть-Новойл\""]
["Метизы","ПАО АНК \"Башнефть\" \"Башнефть-Новойл\"",15,626,"Гвозди строительные 5,0Х150","КГ",28,37.4,{"$f":"H630*G630","v":1047.2},"450063, г. Уфа, ПАО АНК \"Башнефть\" \"Башнефть-Новойл\""]
["Метизы","ПАО АНК \"Башнефть\" \"Башнефть-Новойл\"",15,627,"Гвозди строительные 5,0Х150","КГ",25,37.4,{"$f":"H631*G631","v":935},"450063, г. Уфа, ПАО АНК \"Башнефть\" \"Башнефть-Новойл\""]
["Метизы","ПАО АНК \"Башнефть\" \"Башнефть-Новойл\"",15,628,"Гвозди строительные 5,0Х150","КГ",303,37.4,{"$f":"H632*G632","v":11332.199999999999},"450063, г. Уфа, ПАО АНК \"Башнефть\" \"Башнефть-Новойл\""]
["Метизы","ПАО АНК \"Башнефть\" \"Башнефть-Новойл\"",15,629,"Гвозди строительные 6,0Х200","КГ",52.16,36.5,{"$f":"H633*G633","v":1903.84},"450063, г. Уфа, ПАО АНК \"Башнефть\" \"Башнефть-Новойл\""]
["Метизы","ПАО АНК \"Башнефть\" \"Башнефть-Новойл\"",15,630,"Гвоздь 1.8х40","КГ",10,56.8,{"$f":"H634*G634","v":568},"450063, г. Уфа, ПАО АНК \"Башнефть\" \"Башнефть-Новойл\""]
["Метизы","ПАО АНК \"Башнефть\" \"Башнефть-Новойл\"",15,631,"Гвоздь 2.2х40","КГ",8,32,{"$f":"H635*G635","v":256},"450063, г. Уфа, ПАО АНК \"Башнефть\" \"Башнефть-Новойл\""]
["Метизы","ПАО АНК \"Башнефть\" \"Башнефть-Новойл\"",15,632,"Заклепка алюминиевая 3,2х8","ШТ",6400,0.4,{"$f":"H636*G636","v":2560},"450063, г. Уфа, ПАО АНК \"Башнефть\" \"Башнефть-Новойл\""]
["Метизы","ПАО АНК \"Башнефть\" \"Башнефть-Новойл\"",15,633,"Заклепка алюминиевая 3,2х8","ШТ",300,0.4,{"$f":"H637*G637","v":120},"450063, г. Уфа, ПАО АНК \"Башнефть\" \"Башнефть-Новойл\""]
["Метизы","ПАО АНК \"Башнефть\" \"Башнефть-Новойл\"",15,634,"Заклепка алюминий 4х12","ШТ",1400,1,{"$f":"H638*G638","v":1400},"450063, г. Уфа, ПАО АНК \"Башнефть\" \"Башнефть-Новойл\""]
["Метизы","ПАО АНК \"Башнефть\" \"Башнефть-Новойл\"",15,635,"Заклепка комб. 3х10","ШТ",1600,0.5,{"$f":"H639*G639","v":800},"450063, г. Уфа, ПАО АНК \"Башнефть\" \"Башнефть-Новойл\""]
["Метизы","ПАО АНК \"Башнефть\" \"Башнефть-Новойл\"",15,636,"Заклепка комб. 4х10","ШТ",4200,0.6,{"$f":"H640*G640","v":2520},"450063, г. Уфа, ПАО АНК \"Башнефть\" \"Башнефть-Новойл\""]
["Метизы","ПАО АНК \"Башнефть\" \"Башнефть-Новойл\"",15,637,"Заклепка комб. 4х12","ШТ",682,2.9,{"$f":"H641*G641","v":1977.8},"450063, г. Уфа, ПАО АНК \"Башнефть\" \"Башнефть-Новойл\""]
["Метизы","ПАО АНК \"Башнефть\" \"Башнефть-Новойл\"",15,638,"Заклепка комб. 4х12","ШТ",1991,0.6,{"$f":"H642*G642","v":1194.5999999999999},"450063, г. Уфа, ПАО АНК \"Башнефть\" \"Башнефть-Новойл\""]
["Метизы","ПАО АНК \"Башнефть\" \"Башнефть-Новойл\"",15,639,"Заклепка комб. 4х12","ШТ",500,0.6,{"$f":"H643*G643","v":300},"450063, г. Уфа, ПАО АНК \"Башнефть\" \"Башнефть-Новойл\""]
["Метизы","ПАО АНК \"Башнефть\" \"Башнефть-Новойл\"",15,640,"Заклепка сталь 4х24","ШТ",5000,1.7,{"$f":"H644*G644","v":8500},"450063, г. Уфа, ПАО АНК \"Башнефть\" \"Башнефть-Новойл\""]
["Метизы","ПАО АНК \"Башнефть\" \"Башнефть-Новойл\"",15,641,"Саморез оц. пр/ш. по мет. 4.2х16","ТШТ",194.863,620,{"$f":"H645*G645","v":120815.06},"450063, г. Уфа, ПАО АНК \"Башнефть\" \"Башнефть-Новойл\""]
["Метизы","ПАО АНК \"Башнефть\" \"Башнефть-Новойл\"",15,642,"Шуруп 4х30 (Г1160)","КГ",15.2,20,{"$f":"H646*G646","v":304},"450063, г. Уфа, ПАО АНК \"Башнефть\" \"Башнефть-Новойл\""]
["Метизы","ПАО АНК \"Башнефть\" \"Башнефть-Новойл\"",15,643,"Шуруп Hilti S-MD01Z M4.8х19","ШТ",5360,1,{"$f":"H647*G647","v":5360},"450063, г. Уфа, ПАО АНК \"Башнефть\" \"Башнефть-Новойл\""]
["Метизы","ПАО АНК \"Башнефть\" \"Башнефть-Новойл\"",15,644,"Шуруп Hilti S-MD01Z M4.8х19","ШТ",2230,1,{"$f":"H648*G648","v":2230},"450063, г. Уфа, ПАО АНК \"Башнефть\" \"Башнефть-Новойл\""]
["Метизы","ПАО АНК \"Башнефть\" \"Башнефть-Новойл\"",15,645,"Шуруп Hilti S-MD52Z M6.3х63","ШТ",2200,4,{"$f":"H649*G649","v":8800},"450063, г. Уфа, ПАО АНК \"Башнефть\" \"Башнефть-Новойл\""]
["Метизы","ПАО АНК \"Башнефть\" \"Башнефть-Новойл\"",15,646,"Шуруп Hilti S-MD53Z M4.8х19","ШТ",550,3,{"$f":"H650*G650","v":1650},"450063, г. Уфа, ПАО АНК \"Башнефть\" \"Башнефть-Новойл\""]
["Метизы","ПАО АНК \"Башнефть\" \"Башнефть-Новойл\"",15,647,"Шуруп Hilti S-MD53Z M4.8х19","ШТ",220,3,{"$f":"H651*G651","v":660},"450063, г. Уфа, ПАО АНК \"Башнефть\" \"Башнефть-Новойл\""]
["Метизы","ПАО АНК \"Башнефть\" \"Башнефть-Новойл\"",15,648,"Шуруп Hilti S-MD55Z M5.5х63","ШТ",3480,7,{"$f":"H652*G652","v":24360},"450063, г. Уфа, ПАО АНК \"Башнефть\" \"Башнефть-Новойл\""]
["Метизы","ПАО АНК \"Башнефть\" \"Башнефть-Новойл\"",15,649,"Шуруп Hilti S-MP52Z M6.3х63","ШТ",1200,4,{"$f":"H653*G653","v":4800},"450063, г. Уфа, ПАО АНК \"Башнефть\" \"Башнефть-Новойл\""]
["Метизы","ПАО АНК \"Башнефть\" \"Башнефть-Новойл\"",15,650,"Шуруп Hilti S-MP53Z 6.5х63","ШТ",600,4,{"$f":"H654*G654","v":2400},"450063, г. Уфа, ПАО АНК \"Башнефть\" \"Башнефть-Новойл\""]
["Метизы","ПАО АНК \"Башнефть\" \"Башнефть-Новойл\"",15,651,"Шуруп S-MD25Z 5.5X38 art.00234598","ШТ",1000,4,{"$f":"H655*G655","v":4000},"450063, г. Уфа, ПАО АНК \"Башнефть\" \"Башнефть-Новойл\""]
["Метизы","ПАО АНК \"Башнефть\" \"Башнефть-Новойл\"",15,652,"Шуруп S-MD25Z 5.5X38 art.00234598","ШТ",3000,4,{"$f":"H656*G656","v":12000},"450063, г. Уфа, ПАО АНК \"Башнефть\" \"Башнефть-Новойл\""]
["Метизы","ПАО АНК \"Башнефть\" \"Башнефть-Новойл\"",15,653,"Шуруп S-MD51Z М4.8х19","ШТ",500,0.4,{"$f":"H657*G657","v":200},"450063, г. Уфа, ПАО АНК \"Башнефть\" \"Башнефть-Новойл\""]
["Метизы","ПАО АНК \"Башнефть\" \"Башнефть-Новойл\"",15,654,"Шуруп S-MD51Z М4.8х19","ШТ",200,0.4,{"$f":"H658*G658","v":80},"450063, г. Уфа, ПАО АНК \"Башнефть\" \"Башнефть-Новойл\""]
["Метизы","ПАО АНК \"Башнефть\" \"Башнефть-Новойл\"",15,655,"Шуруп М3.5Х13","КГ",58,100,{"$f":"H659*G659","v":5800},"450063, г. Уфа, ПАО АНК \"Башнефть\" \"Башнефть-Новойл\""]
["Метизы","ПАО АНК \"Башнефть\" \"Башнефть-Новойл\"",15,656,"Шуруп М3х16","КГ",19,10,{"$f":"H660*G660","v":190},"450063, г. Уфа, ПАО АНК \"Башнефть\" \"Башнефть-Новойл\""]
["Метизы","ПАО АНК \"Башнефть\" \"Башнефть-Новойл\"",15,657,"Шуруп М3х20","КГ",17.100000000000001,10,{"$f":"H661*G661","v":171},"450063, г. Уфа, ПАО АНК \"Башнефть\" \"Башнефть-Новойл\""]
["Метизы","ПАО АНК \"Башнефть\" \"Башнефть-Новойл\"",15,658,"Шуруп М3х35 оц.","КГ",0.5,1800,{"$f":"H662*G662","v":900},"450063, г. Уфа, ПАО АНК \"Башнефть\" \"Башнефть-Новойл\""]
["Метизы","ПАО АНК \"Башнефть\" \"Башнефть-Новойл\"",15,659,"Шуруп М4.2х13","КГ",0.7,90,{"$f":"H663*G663","v":62.999999999999993},"450063, г. Уфа, ПАО АНК \"Башнефть\" \"Башнефть-Новойл\""]
["Метизы","ПАО АНК \"Башнефть\" \"Башнефть-Новойл\"",15,660,"Шуруп М4.2х13","КГ",7.08,90,{"$f":"H664*G664","v":637.20000000000005},"450063, г. Уфа, ПАО АНК \"Башнефть\" \"Башнефть-Новойл\""]
["Метизы","ПАО АНК \"Башнефть\" \"Башнефть-Новойл\"",15,661,"Шуруп М4.2х19","КГ",100,90,{"$f":"H665*G665","v":9000},"450063, г. Уфа, ПАО АНК \"Башнефть\" \"Башнефть-Новойл\""]
["Метизы","ПАО АНК \"Башнефть\" \"Башнефть-Новойл\"",15,662,"Шуруп М4Х13","КГ",196,80,{"$f":"H666*G666","v":15680},"450063, г. Уфа, ПАО АНК \"Башнефть\" \"Башнефть-Новойл\""]
["Метизы","ПАО АНК \"Башнефть\" \"Башнефть-Новойл\"",15,663,"Шуруп М4Х16","КГ",11.1,20,{"$f":"H667*G667","v":222},"450063, г. Уфа, ПАО АНК \"Башнефть\" \"Башнефть-Новойл\""]
["Метизы","ПАО АНК \"Башнефть\" \"Башнефть-Новойл\"",15,664,"Шуруп М4Х25","КГ",90.8,80,{"$f":"H668*G668","v":7264},"450063, г. Уфа, ПАО АНК \"Башнефть\" \"Башнефть-Новойл\""]
["Метизы","ПАО АНК \"Башнефть\" \"Башнефть-Новойл\"",15,665,"Шуруп М5х60","КГ",34.700000000000003,20,{"$f":"H669*G669","v":694},"450063, г. Уфа, ПАО АНК \"Башнефть\" \"Башнефть-Новойл\""]
["Муфты","ПАО АНК \"Башнефть\" \"Башнефть-Новойл\"",16,666,"Муфта 3СТпМ-10 35-50","КМП",60,1544.3,{"$f":"H670*G670","v":92658},"450063, г. Уфа, ПАО АНК \"Башнефть\" \"Башнефть-Новойл\""]
["Муфты","ПАО АНК \"Башнефть\" \"Башнефть-Новойл\"",16,667,"Муфта 3СТпМ-10 35-50","КМП",8,1395,{"$f":"H671*G671","v":11160},"450063, г. Уфа, ПАО АНК \"Башнефть\" \"Башнефть-Новойл\""]
["Муфты","ПАО АНК \"Башнефть\" \"Башнефть-Новойл\"",16,668,"Муфта GI М-130-255-75.75 М.130.225.75.75","ШТ",3,9391.7999999999993,{"$f":"H672*G672","v":28175.399999999998},"450063, г. Уфа, ПАО АНК \"Башнефть\" \"Башнефть-Новойл\""]
["Муфты","ПАО АНК \"Башнефть\" \"Башнефть-Новойл\"",16,669,"Муфта GI М-130-255-75.75 М.130.225.75.75","ШТ",2,9391.7999999999993,{"$f":"H673*G673","v":18783.599999999999},"450063, г. Уфа, ПАО АНК \"Башнефть\" \"Башнефть-Новойл\""]
["Муфты","ПАО АНК \"Башнефть\" \"Башнефть-Новойл\"",16,670,"Муфта SS-6M0-6-2 Swagelok","ШТ",4,3201,{"$f":"H674*G674","v":12804},"450063, г. Уфа, ПАО АНК \"Башнефть\" \"Башнефть-Новойл\""]
["Муфты","ПАО АНК \"Башнефть\" \"Башнефть-Новойл\"",16,671,"Муфта концевая POLT-12F/1XI-L20A","ШТ",38,9218.2000000000007,{"$f":"H675*G675","v":350291.60000000003},"450063, г. Уфа, ПАО АНК \"Башнефть\" \"Башнефть-Новойл\""]
["Муфты","ПАО АНК \"Башнефть\" \"Башнефть-Новойл\"",16,672,"Муфта с внутренней резьбой 20х3/4\"","ШТ",50,24.8,{"$f":"H676*G676","v":1240},"450063, г. Уфа, ПАО АНК \"Башнефть\" \"Башнефть-Новойл\""]
["Муфты","ПАО АНК \"Башнефть\" \"Башнефть-Новойл\"",16,673,"Муфта с внутренней резьбой 20х3/4\"","ШТ",50,24.8,{"$f":"H677*G677","v":1240},"450063, г. Уфа, ПАО АНК \"Башнефть\" \"Башнефть-Новойл\""]
["Муфты","ПАО АНК \"Башнефть\" \"Башнефть-Новойл\"",16,674,"Муфта с внутренней резьбой 20х3/4\"","ШТ",50,24.8,{"$f":"H678*G678","v":1240},"450063, г. Уфа, ПАО АНК \"Башнефть\" \"Башнефть-Новойл\""]
["Муфты","ПАО АНК \"Башнефть\" \"Башнефть-Новойл\"",16,675,"Муфта с внутренней резьбой 20х3/4\"","ШТ",156,24.8,{"$f":"H679*G679","v":3868.8},"450063, г. Уфа, ПАО АНК \"Башнефть\" \"Башнефть-Новойл\""]
["Муфты","ПАО АНК \"Башнефть\" \"Башнефть-Новойл\"",16,676,"Муфта соединит. т/у 1СТп-5-4х(70...120)","ШТ",60,1278.3,{"$f":"H680*G680","v":76698},"450063, г. Уфа, ПАО АНК \"Башнефть\" \"Башнефть-Новойл\""]
["Муфты","ПАО АНК \"Башнефть\" \"Башнефть-Новойл\"",16,677,"Муфта соединит. т/у 1СТп-5-4х(70...120)","ШТ",8,1045.3,{"$f":"H681*G681","v":8362.4},"450063, г. Уфа, ПАО АНК \"Башнефть\" \"Башнефть-Новойл\""]
["Набивки, прокладки","ПАО АНК \"Башнефть\" \"Башнефть-Новойл\"",17,678,"Набивка UrTex H 1300 4х4","КГ",5,549.6,{"$f":"H682*G682","v":2748},"450063, г. Уфа, ПАО АНК \"Башнефть\" \"Башнефть-Новойл\""]
["Набивки, прокладки","ПАО АНК \"Башнефть\" \"Башнефть-Новойл\"",17,679,"Набивка UrTex H 1300 5","КГ",5,316.2,{"$f":"H683*G683","v":1581},"450063, г. Уфа, ПАО АНК \"Башнефть\" \"Башнефть-Новойл\""]
["Набивки, прокладки","ПАО АНК \"Башнефть\" \"Башнефть-Новойл\"",17,680,"Набивка UrTex HY 1281 17.5х17.5","КГ",5,749.3,{"$f":"H684*G684","v":3746.5},"450063, г. Уфа, ПАО АНК \"Башнефть\" \"Башнефть-Новойл\""]
["Набивки, прокладки","ПАО АНК \"Башнефть\" \"Башнефть-Новойл\"",17,681,"Набивка МС-510 15мм","КГ",25,1387,{"$f":"H685*G685","v":34675},"450063, г. Уфа, ПАО АНК \"Башнефть\" \"Башнефть-Новойл\""]
["Набивки, прокладки","ПАО АНК \"Башнефть\" \"Башнефть-Новойл\"",17,682,"Набивка НГ-100М 16х16","КГ",35,296.39999999999998,{"$f":"H686*G686","v":10374},"450063, г. Уфа, ПАО АНК \"Башнефть\" \"Башнефть-Новойл\""]
["Набивки, прокладки","ПАО АНК \"Башнефть\" \"Башнефть-Новойл\"",17,683,"Набивка НГ-200М 4х4","КГ",44,484.1,{"$f":"H687*G687","v":21300.400000000001},"450063, г. Уфа, ПАО АНК \"Башнефть\" \"Башнефть-Новойл\""]
["Набивки, прокладки","ПАО АНК \"Башнефть\" \"Башнефть-Новойл\"",17,684,"Набивка НГ-200М 6х6","КГ",62.5,484.1,{"$f":"H688*G688","v":30256.25},"450063, г. Уфа, ПАО АНК \"Башнефть\" \"Башнефть-Новойл\""]
["Набивки, прокладки","ПАО АНК \"Башнефть\" \"Башнефть-Новойл\"",17,685,"Набивка НГ-200М 8х8","КГ",122,484.1,{"$f":"H689*G689","v":59060.200000000004},"450063, г. Уфа, ПАО АНК \"Башнефть\" \"Башнефть-Новойл\""]
["Набивки, прокладки","ПАО АНК \"Башнефть\" \"Башнефть-Новойл\"",17,686,"Набивка НГ-400М 10х10","КГ",18,494,{"$f":"H690*G690","v":8892},"450063, г. Уфа, ПАО АНК \"Башнефть\" \"Башнефть-Новойл\""]
["Набивки, прокладки","ПАО АНК \"Башнефть\" \"Башнефть-Новойл\"",17,687,"Набивка НУ-100М 8х8","КГ",10,485.4,{"$f":"H691*G691","v":4854},"450063, г. Уфа, ПАО АНК \"Башнефть\" \"Башнефть-Новойл\""]
["Набивки, прокладки","ПАО АНК \"Башнефть\" \"Башнефть-Новойл\"",17,688,"Набивка С-571 6х6мм","КГ",7.5,1806.8,{"$f":"H692*G692","v":13551},"450063, г. Уфа, ПАО АНК \"Башнефть\" \"Башнефть-Новойл\""]
["Набивки, прокладки","ПАО АНК \"Башнефть\" \"Башнефть-Новойл\"",17,689,"Набивка сальниковая UrTex H1300 6х6","КГ",5,652.29999999999995,{"$f":"H693*G693","v":3261.5},"450063, г. Уфа, ПАО АНК \"Башнефть\" \"Башнефть-Новойл\""]
["Набивки, прокладки","ПАО АНК \"Башнефть\" \"Башнефть-Новойл\"",17,690,"Набивка сальниковая АП-31 4х4","КГ",34,323.39999999999998,{"$f":"H694*G694","v":10995.599999999999},"450063, г. Уфа, ПАО АНК \"Башнефть\" \"Башнефть-Новойл\""]
["Набивки, прокладки","ПАО АНК \"Башнефть\" \"Башнефть-Новойл\"",17,691,"Набивка сальниковая АП-31 6х6","КГ",18,186.1,{"$f":"H695*G695","v":3349.7999999999997},"450063, г. Уфа, ПАО АНК \"Башнефть\" \"Башнефть-Новойл\""]
["Набивки, прокладки","ПАО АНК \"Башнефть\" \"Башнефть-Новойл\"",17,692,"Набивка сальниковая АП-31 6х6","КГ",3,186.1,{"$f":"H696*G696","v":558.29999999999995},"450063, г. Уфа, ПАО АНК \"Башнефть\" \"Башнефть-Новойл\""]
["Набивки, прокладки","ПАО АНК \"Башнефть\" \"Башнефть-Новойл\"",17,693,"Набивка сальниковая НФГ-106 4х4","КГ",7.3,671.7,{"$f":"H697*G697","v":4903.41},"450063, г. Уфа, ПАО АНК \"Башнефть\" \"Башнефть-Новойл\""]
["Набивки, прокладки","ПАО АНК \"Башнефть\" \"Башнефть-Новойл\"",17,694,"Набивка сальниковая НФГ-106 6х6","КГ",5,671.7,{"$f":"H698*G698","v":3358.5},"450063, г. Уфа, ПАО АНК \"Башнефть\" \"Башнефть-Новойл\""]
["Набивки, прокладки","ПАО АНК \"Башнефть\" \"Башнефть-Новойл\"",17,695,"Набивка сальниковая ХБП-31 6мм","КГ",41.7,238.6,{"$f":"H699*G699","v":9949.6200000000008},"450063, г. Уфа, ПАО АНК \"Башнефть\" \"Башнефть-Новойл\""]
["Набивки, прокладки","ПАО АНК \"Башнефть\" \"Башнефть-Новойл\"",17,696,"Набивка Экотес Н 120 6х6мм","КГ",2,1281.3,{"$f":"H700*G700","v":2562.6},"450063, г. Уфа, ПАО АНК \"Башнефть\" \"Башнефть-Новойл\""]
["Набивки, прокладки","ПАО АНК \"Башнефть\" \"Башнефть-Новойл\"",17,697,"Набивка ЭКОТЕС Н120 8х8","КГ",2,1339.3,{"$f":"H701*G701","v":2678.6},"450063, г. Уфа, ПАО АНК \"Башнефть\" \"Башнефть-Новойл\""]
["Набивки, прокладки","ПАО АНК \"Башнефть\" \"Башнефть-Новойл\"",17,698,"Набивка ЭКОТЕС Н320 14х14","КГ",15,383.6,{"$f":"H702*G702","v":5754},"450063, г. Уфа, ПАО АНК \"Башнефть\" \"Башнефть-Новойл\""]
["Набивки, прокладки","ПАО АНК \"Башнефть\" \"Башнефть-Новойл\"",17,699,"Набивка ЭКОТЕС Н320 16х16","КГ",3.6,385.2,{"$f":"H703*G703","v":1386.72},"450063, г. Уфа, ПАО АНК \"Башнефть\" \"Башнефть-Новойл\""]
["Набивки, прокладки","ПАО АНК \"Башнефть\" \"Башнефть-Новойл\"",17,700,"Набивка ЭКОТЕС Н320АР 10х10","КГ",10,392.3,{"$f":"H704*G704","v":3923},"450063, г. Уфа, ПАО АНК \"Башнефть\" \"Башнефть-Новойл\""]
["Набивки, прокладки","ПАО АНК \"Башнефть\" \"Башнефть-Новойл\"",17,701,"Прокладка 1200-4,0-4","ШТ",3,1910,{"$f":"H705*G705","v":5730},"450063, г. Уфа, ПАО АНК \"Башнефть\" \"Башнефть-Новойл\""]
["Набивки, прокладки","ПАО АНК \"Башнефть\" \"Башнефть-Новойл\"",17,702,"Прокладка 1200-4,0-4","ШТ",3,1910,{"$f":"H706*G706","v":5730},"450063, г. Уфа, ПАО АНК \"Башнефть\" \"Башнефть-Новойл\""]
["Набивки, прокладки","ПАО АНК \"Башнефть\" \"Башнефть-Новойл\"",17,703,"Прокладка 1200-4,0-4","ШТ",4,1910,{"$f":"H707*G707","v":7640},"450063, г. Уфа, ПАО АНК \"Башнефть\" \"Башнефть-Новойл\""]
["Набивки, прокладки","ПАО АНК \"Башнефть\" \"Башнефть-Новойл\"",17,704,"Прокладка 1200-4,0-4","ШТ",2,1910,{"$f":"H708*G708","v":3820},"450063, г. Уфа, ПАО АНК \"Башнефть\" \"Башнефть-Новойл\""]
["Набивки, прокладки","ПАО АНК \"Башнефть\" \"Башнефть-Новойл\"",17,705,"Прокладка 1200-4,0-4","ШТ",2,1910,{"$f":"H709*G709","v":3820},"450063, г. Уфа, ПАО АНК \"Башнефть\" \"Башнефть-Новойл\""]
["Набивки, прокладки","ПАО АНК \"Башнефть\" \"Башнефть-Новойл\"",17,706,"Прокладка 1200-4,0-4","ШТ",2,1910,{"$f":"H710*G710","v":3820},"450063, г. Уфа, ПАО АНК \"Башнефть\" \"Башнефть-Новойл\""]
["Набивки, прокладки","ПАО АНК \"Башнефть\" \"Башнефть-Новойл\"",17,707,"Прокладка 1200-4,0-4","ШТ",2,1910,{"$f":"H711*G711","v":3820},"450063, г. Уфа, ПАО АНК \"Башнефть\" \"Башнефть-Новойл\""]
["Набивки, прокладки","ПАО АНК \"Башнефть\" \"Башнефть-Новойл\"",17,708,"Прокладка 1200-4,0-4","ШТ",6,1910,{"$f":"H712*G712","v":11460},"450063, г. Уфа, ПАО АНК \"Башнефть\" \"Башнефть-Новойл\""]
["Набивки, прокладки","ПАО АНК \"Башнефть\" \"Башнефть-Новойл\"",17,709,"Прокладка 1200-4,0-4","ШТ",2,1910,{"$f":"H713*G713","v":3820},"450063, г. Уфа, ПАО АНК \"Башнефть\" \"Башнефть-Новойл\""]
["Набивки, прокладки","ПАО АНК \"Башнефть\" \"Башнефть-Новойл\"",17,710,"Прокладка 1200-4,0-4","ШТ",2,1910,{"$f":"H714*G714","v":3820},"450063, г. Уфа, ПАО АНК \"Башнефть\" \"Башнефть-Новойл\""]
["Набивки, прокладки","ПАО АНК \"Башнефть\" \"Башнефть-Новойл\"",17,711,"Прокладка 1200-4,0-4","ШТ",2,1910,{"$f":"H715*G715","v":3820},"450063, г. Уфа, ПАО АНК \"Башнефть\" \"Башнефть-Новойл\""]
["Набивки, прокладки","ПАО АНК \"Башнефть\" \"Башнефть-Новойл\"",17,712,"Прокладка Д-200-6.3-4-ТМКЩ-С 15180-86","ШТ",1,200,{"$f":"H716*G716","v":200},"450063, г. Уфа, ПАО АНК \"Башнефть\" \"Башнефть-Новойл\""]
["Набивки, прокладки","ПАО АНК \"Башнефть\" \"Башнефть-Новойл\"",17,713,"Прокладка Д-600-6,3-ТМКЩ-С","ШТ",1,2160,{"$f":"H717*G717","v":2160},"450063, г. Уфа, ПАО АНК \"Башнефть\" \"Башнефть-Новойл\""]
["Набивки, прокладки","ПАО АНК \"Башнефть\" \"Башнефть-Новойл\"",17,714,"Прокладка МГ140-5Н 1390х1354х3","ШТ",6,5060,{"$f":"H718*G718","v":30360},"450063, г. Уфа, ПАО АНК \"Башнефть\" \"Башнефть-Новойл\""]
["Накладки","ПАО АНК \"Башнефть\" \"Башнефть-Новойл\"",18,715,"Накладка Ду400 08Х18Н10Т","ШТ",1,38682.400000000001,{"$f":"H719*G719","v":38682.400000000001},"450063, г. Уфа, ПАО АНК \"Башнефть\" \"Башнефть-Новойл\""]
["Накладки","ПАО АНК \"Башнефть\" \"Башнефть-Новойл\"",18,716,"Накладка Ду400 Ст20 М-09-20","ШТ",3,14035,{"$f":"H720*G720","v":42105},"450063, г. Уфа, ПАО АНК \"Башнефть\" \"Башнефть-Новойл\""]
["Накладки","ПАО АНК \"Башнефть\" \"Башнефть-Новойл\"",18,717,"Накладка Ду400 Ст20 М-09-20","ШТ",3,13709,{"$f":"H721*G721","v":41127},"450063, г. Уфа, ПАО АНК \"Башнефть\" \"Башнефть-Новойл\""]
["Накладки","ПАО АНК \"Башнефть\" \"Башнефть-Новойл\"",18,718,"Накладка Ду400 Ст20 М-09-20","ШТ",3,14865.4,{"$f":"H722*G722","v":44596.2},"450063, г. Уфа, ПАО АНК \"Башнефть\" \"Башнефть-Новойл\""]
["Накладки","ПАО АНК \"Башнефть\" \"Башнефть-Новойл\"",18,719,"Накладка Ду500 08Х18Н10Т","ШТ",1,87035.5,{"$f":"H723*G723","v":87035.5},"450063, г. Уфа, ПАО АНК \"Башнефть\" \"Башнефть-Новойл\""]
["Накладки","ПАО АНК \"Башнефть\" \"Башнефть-Новойл\"",18,720,"Накладка Ду500 08Х18Н10Т","ШТ",2,96706.1,{"$f":"H724*G724","v":193412.2},"450063, г. Уфа, ПАО АНК \"Башнефть\" \"Башнефть-Новойл\""]
["Ниппель, штуцер, патрубки","ПАО АНК \"Башнефть\" \"Башнефть-Новойл\"",19,721,"Ниппель H-R 1/2 У3","ШТ",2,446.3,{"$f":"H725*G725","v":892.6},"450063, г. Уфа, ПАО АНК \"Башнефть\" \"Башнефть-Новойл\""]
["Ниппель, штуцер, патрубки","ПАО АНК \"Башнефть\" \"Башнефть-Новойл\"",19,722,"Ниппель H-R1/2 12Х18Н10Т","ШТ",5,162.1,{"$f":"H726*G726","v":810.5},"450063, г. Уфа, ПАО АНК \"Башнефть\" \"Башнефть-Новойл\""]
["Ниппель, штуцер, патрубки","ПАО АНК \"Башнефть\" \"Башнефть-Новойл\"",19,723,"Ниппель НПП-02.200 Ст20","ШТ",3,286.89999999999998,{"$f":"H727*G727","v":860.69999999999993},"450063, г. Уфа, ПАО АНК \"Башнефть\" \"Башнефть-Новойл\""]
["Ниппель, штуцер, патрубки","ПАО АНК \"Башнефть\" \"Башнефть-Новойл\"",19,724,"Ниппель НПП-02.200 Ст20","ШТ",5,286.89999999999998,{"$f":"H728*G728","v":1434.5},"450063, г. Уфа, ПАО АНК \"Башнефть\" \"Башнефть-Новойл\""]
["Ниппель, штуцер, патрубки","ПАО АНК \"Башнефть\" \"Башнефть-Новойл\"",19,725,"Ниппель НПП-02.200 Ст20","ШТ",3,286.89999999999998,{"$f":"H729*G729","v":860.69999999999993},"450063, г. Уфа, ПАО АНК \"Башнефть\" \"Башнефть-Новойл\""]
["Ниппель, штуцер, патрубки","ПАО АНК \"Башнефть\" \"Башнефть-Новойл\"",19,726,"Ниппель НПП-02.200 Ст20","ШТ",3,286.89999999999998,{"$f":"H730*G730","v":860.69999999999993},"450063, г. Уфа, ПАО АНК \"Башнефть\" \"Башнефть-Новойл\""]
["Ниппель, штуцер, патрубки","ПАО АНК \"Башнефть\" \"Башнефть-Новойл\"",19,727,"Ниппель НПП-02.200 Ст20","ШТ",3,286.89999999999998,{"$f":"H731*G731","v":860.69999999999993},"450063, г. Уфа, ПАО АНК \"Башнефть\" \"Башнефть-Новойл\""]
["Ниппель, штуцер, патрубки","ПАО АНК \"Башнефть\" \"Башнефть-Новойл\"",19,728,"Ниппель НПП-02.200 Ст20","ШТ",3,286.89999999999998,{"$f":"H732*G732","v":860.69999999999993},"450063, г. Уфа, ПАО АНК \"Башнефть\" \"Башнефть-Новойл\""]
["Ниппель, штуцер, патрубки","ПАО АНК \"Башнефть\" \"Башнефть-Новойл\"",19,729,"Ниппель НПП-02.200 Ст20","ШТ",3,286.89999999999998,{"$f":"H733*G733","v":860.69999999999993},"450063, г. Уфа, ПАО АНК \"Башнефть\" \"Башнефть-Новойл\""]
["Ниппель, штуцер, патрубки","ПАО АНК \"Башнефть\" \"Башнефть-Новойл\"",19,730,"Ниппель НПП-02.200 Ст20","ШТ",3,286.89999999999998,{"$f":"H734*G734","v":860.69999999999993},"450063, г. Уфа, ПАО АНК \"Башнефть\" \"Башнефть-Новойл\""]
["Ниппель, штуцер, патрубки","ПАО АНК \"Башнефть\" \"Башнефть-Новойл\"",19,731,"Ниппель НПП-02.200 Ст20","ШТ",3,286.89999999999998,{"$f":"H735*G735","v":860.69999999999993},"450063, г. Уфа, ПАО АНК \"Башнефть\" \"Башнефть-Новойл\""]
["Ниппель, штуцер, патрубки","ПАО АНК \"Башнефть\" \"Башнефть-Новойл\"",19,732,"Ниппель НПП-02.200 Ст20","ШТ",5,286.89999999999998,{"$f":"H736*G736","v":1434.5},"450063, г. Уфа, ПАО АНК \"Башнефть\" \"Башнефть-Новойл\""]
["Ниппель, штуцер, патрубки","ПАО АНК \"Башнефть\" \"Башнефть-Новойл\"",19,733,"Ниппель НПП-02.200 Ст20","ШТ",3,286.89999999999998,{"$f":"H737*G737","v":860.69999999999993},"450063, г. Уфа, ПАО АНК \"Башнефть\" \"Башнефть-Новойл\""]
["Ниппель, штуцер, патрубки","ПАО АНК \"Башнефть\" \"Башнефть-Новойл\"",19,734,"Ниппель НПП-02.200 Ст20","ШТ",3,286.89999999999998,{"$f":"H738*G738","v":860.69999999999993},"450063, г. Уфа, ПАО АНК \"Башнефть\" \"Башнефть-Новойл\""]
["Ниппель, штуцер, патрубки","ПАО АНК \"Башнефть\" \"Башнефть-Новойл\"",19,735,"Ниппель НПП-02.200 Ст20","ШТ",3,286.89999999999998,{"$f":"H739*G739","v":860.69999999999993},"450063, г. Уфа, ПАО АНК \"Башнефть\" \"Башнефть-Новойл\""]
["Ниппель, штуцер, патрубки","ПАО АНК \"Башнефть\" \"Башнефть-Новойл\"",19,736,"Ниппель НПП-02.200 Ст20","ШТ",3,286.89999999999998,{"$f":"H740*G740","v":860.69999999999993},"450063, г. Уфа, ПАО АНК \"Башнефть\" \"Башнефть-Новойл\""]
["Ниппель, штуцер, патрубки","ПАО АНК \"Башнефть\" \"Башнефть-Новойл\"",19,737,"Ниппель НПП-02.200 Ст20","ШТ",11,441.4,{"$f":"H741*G741","v":4855.3999999999996},"450063, г. Уфа, ПАО АНК \"Башнефть\" \"Башнефть-Новойл\""]
["Ниппель, штуцер, патрубки","ПАО АНК \"Башнефть\" \"Башнефть-Новойл\"",19,738,"Ниппель НПП-03.200 Ст20","ШТ",30,438.6,{"$f":"H742*G742","v":13158},"450063, г. Уфа, ПАО АНК \"Башнефть\" \"Башнефть-Новойл\""]
["Ниппель, штуцер, патрубки","ПАО АНК \"Башнефть\" \"Башнефть-Новойл\"",19,739,"Ниппель НПП-03.200 Ст20","ШТ",30,432.7,{"$f":"H743*G743","v":12981},"450063, г. Уфа, ПАО АНК \"Башнефть\" \"Башнефть-Новойл\""]
["Ниппель, штуцер, патрубки","ПАО АНК \"Башнефть\" \"Башнефть-Новойл\"",19,740,"Ниппель НРП-03.200 Ст20","ШТ",6,432.7,{"$f":"H744*G744","v":2596.1999999999998},"450063, г. Уфа, ПАО АНК \"Башнефть\" \"Башнефть-Новойл\""]
["Ниппель, штуцер, патрубки","ПАО АНК \"Башнефть\" \"Башнефть-Новойл\"",19,741,"Ниппель прив.с проклНПП-02.200 12Х18Н10Т","ШТ",20,1084.3,{"$f":"H745*G745","v":21686},"450063, г. Уфа, ПАО АНК \"Башнефть\" \"Башнефть-Новойл\""]
["Ниппель, штуцер, патрубки","ПАО АНК \"Башнефть\" \"Башнефть-Новойл\"",19,742,"Ниппель привар.с прокл. НПП-01.200 Ст20","ШТ",20,261.2,{"$f":"H746*G746","v":5224},"450063, г. Уфа, ПАО АНК \"Башнефть\" \"Башнефть-Новойл\""]
["Ниппель, штуцер, патрубки","ПАО АНК \"Башнефть\" \"Башнефть-Новойл\"",19,743,"Ниппель привар.с прокл. НПП-04.200 Ст20","ШТ",35,540.9,{"$f":"H747*G747","v":18931.5},"450063, г. Уфа, ПАО АНК \"Башнефть\" \"Башнефть-Новойл\""]
["Ниппель, штуцер, патрубки","ПАО АНК \"Башнефть\" \"Башнефть-Новойл\"",19,744,"Ниппель приварной НП-01.200 Ст20","ШТ",10,261.2,{"$f":"H748*G748","v":2612},"450063, г. Уфа, ПАО АНК \"Башнефть\" \"Башнефть-Новойл\""]
["Ниппель, штуцер, патрубки","ПАО АНК \"Башнефть\" \"Башнефть-Новойл\"",19,745,"Ниппель приварной НП-03.200 Ст20","ШТ",36,438.6,{"$f":"H749*G749","v":15789.6},"450063, г. Уфа, ПАО АНК \"Башнефть\" \"Башнефть-Новойл\""]
["Ниппель, штуцер, патрубки","ПАО АНК \"Башнефть\" \"Башнефть-Новойл\"",19,746,"Ниппель приварной НП-04.200 Ст20","ШТ",20,547.1,{"$f":"H750*G750","v":10942},"450063, г. Уфа, ПАО АНК \"Башнефть\" \"Башнефть-Новойл\""]
["Ниппель, штуцер, патрубки","ПАО АНК \"Башнефть\" \"Башнефть-Новойл\"",19,747,"Ниппель резьб.с прокл. НРП-02.200 Ст20","ШТ",17,325.3,{"$f":"H751*G751","v":5530.1},"450063, г. Уфа, ПАО АНК \"Башнефть\" \"Башнефть-Новойл\""]
["Ниппель, штуцер, патрубки","ПАО АНК \"Башнефть\" \"Башнефть-Новойл\"",19,748,"Ниппель резьб.с прокл. НРП-02.200 Ст20","ШТ",3,325.3,{"$f":"H752*G752","v":975.90000000000009},"450063, г. Уфа, ПАО АНК \"Башнефть\" \"Башнефть-Новойл\""]
["Ниппель, штуцер, патрубки","ПАО АНК \"Башнефть\" \"Башнефть-Новойл\"",19,749,"Ниппель резьб.с прокл. НРП-04.200 Ст20","ШТ",36,540.9,{"$f":"H753*G753","v":19472.399999999998},"450063, г. Уфа, ПАО АНК \"Башнефть\" \"Башнефть-Новойл\""]
["Ниппель, штуцер, патрубки","ПАО АНК \"Башнефть\" \"Башнефть-Новойл\"",19,750,"Патрубок 05766528-0002-16/1-АМ-02.00.001","ШТ",2,1130,{"$f":"H754*G754","v":2260},"450063, г. Уфа, ПАО АНК \"Башнефть\" \"Башнефть-Новойл\""]
["Ниппель, штуцер, патрубки","ПАО АНК \"Башнефть\" \"Башнефть-Новойл\"",19,751,"Патрубок Ду1/4\" 09Г2С","ШТ",1,110,{"$f":"H755*G755","v":110},"450063, г. Уфа, ПАО АНК \"Башнефть\" \"Башнефть-Новойл\""]
["Ниппель, штуцер, патрубки","ПАО АНК \"Башнефть\" \"Башнефть-Новойл\"",19,752,"Патрубок Ду15 06ХН28МДТ","ШТ",12,4220,{"$f":"H756*G756","v":50640},"450063, г. Уфа, ПАО АНК \"Башнефть\" \"Башнефть-Новойл\""]
["Ниппель, штуцер, патрубки","ПАО АНК \"Башнефть\" \"Башнефть-Новойл\"",19,753,"Патрубок Ду15 08Х18Н10Т Ч.М-10-52","ШТ",1,130,{"$f":"H757*G757","v":130},"450063, г. Уфа, ПАО АНК \"Башнефть\" \"Башнефть-Новойл\""]
["Ниппель, штуцер, патрубки","ПАО АНК \"Башнефть\" \"Башнефть-Новойл\"",19,754,"Патрубок Ду15 12Х18Н10Т М-05-32-03","ШТ",1,120,{"$f":"H758*G758","v":120},"450063, г. Уфа, ПАО АНК \"Башнефть\" \"Башнефть-Новойл\""]
["Ниппель, штуцер, патрубки","ПАО АНК \"Башнефть\" \"Башнефть-Новойл\"",19,755,"Патрубок точеный Ду15 Ру100 20 чертеж","ШТ",7,90,{"$f":"H759*G759","v":630},"450063, г. Уфа, ПАО АНК \"Башнефть\" \"Башнефть-Новойл\""]
["Ниппель, штуцер, патрубки","ПАО АНК \"Башнефть\" \"Башнефть-Новойл\"",19,756,"Патрубок точеный Ду15 Ру100 20 чертеж","ШТ",5,250,{"$f":"H760*G760","v":1250},"450063, г. Уфа, ПАО АНК \"Башнефть\" \"Башнефть-Новойл\""]
["Ниппель, штуцер, патрубки","ПАО АНК \"Башнефть\" \"Башнефть-Новойл\"",19,757,"Патрубок точеный Ду15 Ру100 20 чертеж","ШТ",3,90,{"$f":"H761*G761","v":270},"450063, г. Уфа, ПАО АНК \"Башнефть\" \"Башнефть-Новойл\""]
["Ниппель, штуцер, патрубки","ПАО АНК \"Башнефть\" \"Башнефть-Новойл\"",19,758,"Патрубок точеный Ду15 Ру100 20 чертеж","ШТ",5,90,{"$f":"H762*G762","v":450},"450063, г. Уфа, ПАО АНК \"Башнефть\" \"Башнефть-Новойл\""]
["Ниппель, штуцер, патрубки","ПАО АНК \"Башнефть\" \"Башнефть-Новойл\"",19,759,"Патрубок точеный Ду25 Ру100 20 чертеж","ШТ",2,190,{"$f":"H763*G763","v":380},"450063, г. Уфа, ПАО АНК \"Башнефть\" \"Башнефть-Новойл\""]
["Ниппель, штуцер, патрубки","ПАО АНК \"Башнефть\" \"Башнефть-Новойл\"",19,760,"Патрубок точеный Ду25 Ру100 20 чертеж","ШТ",2,280,{"$f":"H764*G764","v":560},"450063, г. Уфа, ПАО АНК \"Башнефть\" \"Башнефть-Новойл\""]
["Ниппель, штуцер, патрубки","ПАО АНК \"Башнефть\" \"Башнефть-Новойл\"",19,761,"Патрубок точеный Ду25 Ру100 20 чертеж","ШТ",1,190,{"$f":"H765*G765","v":190},"450063, г. Уфа, ПАО АНК \"Башнефть\" \"Башнефть-Новойл\""]
["Ниппель, штуцер, патрубки","ПАО АНК \"Башнефть\" \"Башнефть-Новойл\"",19,762,"Патрубок точеный Ду25 Ру100 20 чертеж","ШТ",2,150,{"$f":"H766*G766","v":300},"450063, г. Уфа, ПАО АНК \"Башнефть\" \"Башнефть-Новойл\""]
["Ниппель, штуцер, патрубки","ПАО АНК \"Башнефть\" \"Башнефть-Новойл\"",19,763,"Перех. L39 d 7-12 1/4NPT 12Х18Н10Т/Эскиз","ШТ",7,500,{"$f":"H767*G767","v":3500},"450063, г. Уфа, ПАО АНК \"Башнефть\" \"Башнефть-Новойл\""]
["Ниппель, штуцер, патрубки","ПАО АНК \"Башнефть\" \"Башнефть-Новойл\"",19,764,"Соединение 12Х1МФ М-09-136","ШТ",2,160,{"$f":"H768*G768","v":320},"450063, г. Уфа, ПАО АНК \"Башнефть\" \"Башнефть-Новойл\""]
["Ниппель, штуцер, патрубки","ПАО АНК \"Башнефть\" \"Башнефть-Новойл\"",19,765,"Штуцер приварной ШП-01.200 Ст20","ШТ",1,60,{"$f":"H769*G769","v":60},"450063, г. Уфа, ПАО АНК \"Башнефть\" \"Башнефть-Новойл\""]
["Ниппель, штуцер, патрубки","ПАО АНК \"Башнефть\" \"Башнефть-Новойл\"",19,766,"Штуцер Ш-K1/4 Ст20","ШТ",400,20,{"$f":"H770*G770","v":8000},"450063, г. Уфа, ПАО АНК \"Башнефть\" \"Башнефть-Новойл\""]
["Ниппель, штуцер, патрубки","ПАО АНК \"Башнефть\" \"Башнефть-Новойл\"",19,767,"Штуцер Ш-K1/8 Ст20","ШТ",30,20,{"$f":"H771*G771","v":600},"450063, г. Уфа, ПАО АНК \"Башнефть\" \"Башнефть-Новойл\""]
["Ниппель, штуцер, патрубки","ПАО АНК \"Башнефть\" \"Башнефть-Новойл\"",19,768,"Штуцер Ш-K1/8 Ст20","ШТ",280,20,{"$f":"H772*G772","v":5600},"450063, г. Уфа, ПАО АНК \"Башнефть\" \"Башнефть-Новойл\""]
["Ниппель, штуцер, патрубки","ПАО АНК \"Башнефть\" \"Башнефть-Новойл\"",19,769,"Штуцер Ш-K1/8 Ст20","ШТ",54,20,{"$f":"H773*G773","v":1080},"450063, г. Уфа, ПАО АНК \"Башнефть\" \"Башнефть-Новойл\""]
["Ниппель, штуцер, патрубки","ПАО АНК \"Башнефть\" \"Башнефть-Новойл\"",19,770,"Штуцер ШП-01.200 Ст.20","ШТ",27,60,{"$f":"H774*G774","v":1620},"450063, г. Уфа, ПАО АНК \"Башнефть\" \"Башнефть-Новойл\""]
["Электрод УОНИ","ПАО АНК \"Башнефть\" \"Башнефть-Новойл\"",20,771,"Электрод УОНИ-13/45 - 3","КГ",48.9,60,{"$f":"H775*G775","v":2934},"450063, г. Уфа, ПАО АНК \"Башнефть\" \"Башнефть-Новойл\""]
["Электрод УОНИ","ПАО АНК \"Башнефть\" \"Башнефть-Новойл\"",20,772,"Электрод УОНИ-13/45 - 3","КГ",599.53,60,{"$f":"H776*G776","v":35971.799999999996},"450063, г. Уфа, ПАО АНК \"Башнефть\" \"Башнефть-Новойл\""]
["Электрод УОНИ","ПАО АНК \"Башнефть\" \"Башнефть-Новойл\"",20,773,"Электрод УОНИ-13/45 - 3","КГ",1687.537,60,{"$f":"H777*G777","v":101252.22},"450063, г. Уфа, ПАО АНК \"Башнефть\" \"Башнефть-Новойл\""]
["Электрод УОНИ","ПАО АНК \"Башнефть\" \"Башнефть-Новойл\"",20,774,"Электрод УОНИ-13/45 - 3","КГ",60.24,60,{"$f":"H778*G778","v":3614.4},"450063, г. Уфа, ПАО АНК \"Башнефть\" \"Башнефть-Новойл\""]
["Электрод УОНИ","ПАО АНК \"Башнефть\" \"Башнефть-Новойл\"",20,775,"Электрод УОНИ-13/45 - 3","КГ",532.53599999999994,60,{"$f":"H779*G779","v":31952.159999999996},"450063, г. Уфа, ПАО АНК \"Башнефть\" \"Башнефть-Новойл\""]
["Электрод УОНИ","ПАО АНК \"Башнефть\" \"Башнефть-Новойл\"",20,776,"Электрод УОНИ-13/45 - 3","КГ",978.36,60,{"$f":"H780*G780","v":58701.599999999999},"450063, г. Уфа, ПАО АНК \"Башнефть\" \"Башнефть-Новойл\""]
["Электрод УОНИ","ПАО АНК \"Башнефть\" \"Башнефть-Новойл\"",20,777,"Электрод УОНИ-13/45 - 3","КГ",15,60,{"$f":"H781*G781","v":900},"450063, г. Уфа, ПАО АНК \"Башнефть\" \"Башнефть-Новойл\""]
["Электрод УОНИ","ПАО АНК \"Башнефть\" \"Башнефть-Новойл\"",20,778,"Электрод УОНИ-13/45 - 3","КГ",13.103999999999999,60,{"$f":"H782*G782","v":786.24},"450063, г. Уфа, ПАО АНК \"Башнефть\" \"Башнефть-Новойл\""]
["Электрод УОНИ","ПАО АНК \"Башнефть\" \"Башнефть-Новойл\"",20,779,"Электрод УОНИ-13/45 - 3","КГ",3.5329999999999999,60,{"$f":"H783*G783","v":211.98},"450063, г. Уфа, ПАО АНК \"Башнефть\" \"Башнефть-Новойл\""]
["Электрод УОНИ","ПАО АНК \"Башнефть\" \"Башнефть-Новойл\"",20,780,"Электрод УОНИ-13/45 - 3","КГ",14.76,60,{"$f":"H784*G784","v":885.6},"450063, г. Уфа, ПАО АНК \"Башнефть\" \"Башнефть-Новойл\""]
["Электрод УОНИ","ПАО АНК \"Башнефть\" \"Башнефть-Новойл\"",20,781,"Электрод УОНИ-13/45 - 3","КГ",0.5,60,{"$f":"H785*G785","v":30},"450063, г. Уфа, ПАО АНК \"Башнефть\" \"Башнефть-Новойл\""]
["Электрод УОНИ","ПАО АНК \"Башнефть\" \"Башнефть-Новойл\"",20,782,"Электрод УОНИ-13/45 - 3","КГ",5,60,{"$f":"H786*G786","v":300},"450063, г. Уфа, ПАО АНК \"Башнефть\" \"Башнефть-Новойл\""]
["Электрод УОНИ","ПАО АНК \"Башнефть\" \"Башнефть-Новойл\"",20,783,"Электрод УОНИ-13/45 - 3","КГ",52,60,{"$f":"H787*G787","v":3120},"450063, г. Уфа, ПАО АНК \"Башнефть\" \"Башнефть-Новойл\""]
["Электрод УОНИ","ПАО АНК \"Башнефть\" \"Башнефть-Новойл\"",20,784,"Электрод УОНИ-13/45 - 3","КГ",1630,60,{"$f":"H788*G788","v":97800},"450063, г. Уфа, ПАО АНК \"Башнефть\" \"Башнефть-Новойл\""]
["Электрод УОНИ","ПАО АНК \"Башнефть\" \"Башнефть-Новойл\"",20,785,"Электрод УОНИ-13/45 - 3","КГ",90.103999999999999,60,{"$f":"H789*G789","v":5406.24},"450063, г. Уфа, ПАО АНК \"Башнефть\" \"Башнефть-Новойл\""]
["Электрод УОНИ","ПАО АНК \"Башнефть\" \"Башнефть-Новойл\"",20,786,"Электрод УОНИ-13/45 - 3","КГ",59.896000000000001,60,{"$f":"H790*G790","v":3593.76},"450063, г. Уфа, ПАО АНК \"Башнефть\" \"Башнефть-Новойл\""]
["Электрод УОНИ","ПАО АНК \"Башнефть\" \"Башнефть-Новойл\"",20,787,"Электрод УОНИ-13/45 - 3","КГ",55.76,60,{"$f":"H791*G791","v":3345.6},"450063, г. Уфа, ПАО АНК \"Башнефть\" \"Башнефть-Новойл\""]
["Электрод УОНИ","ПАО АНК \"Башнефть\" \"Башнефть-Новойл\"",20,788,"Электрод УОНИ-13/45 - 3","КГ",25,60,{"$f":"H792*G792","v":1500},"450063, г. Уфа, ПАО АНК \"Башнефть\" \"Башнефть-Новойл\""]
["Электрод УОНИ","ПАО АНК \"Башнефть\" \"Башнефть-Новойл\"",20,789,"Электрод УОНИ-13/45 - 3","КГ",19,60,{"$f":"H793*G793","v":1140},"450063, г. Уфа, ПАО АНК \"Башнефть\" \"Башнефть-Новойл\""]
["Электрод УОНИ","ПАО АНК \"Башнефть\" \"Башнефть-Новойл\"",20,790,"Электрод УОНИ-13/45 - 3","КГ",15,60,{"$f":"H794*G794","v":900},"450063, г. Уфа, ПАО АНК \"Башнефть\" \"Башнефть-Новойл\""]
["Электрод УОНИ","ПАО АНК \"Башнефть\" \"Башнефть-Новойл\"",20,791,"Электрод УОНИ-13/45 - 3","КГ",10,60,{"$f":"H795*G795","v":600},"450063, г. Уфа, ПАО АНК \"Башнефть\" \"Башнефть-Новойл\""]
["Электрод УОНИ","ПАО АНК \"Башнефть\" \"Башнефть-Новойл\"",20,792,"Электрод УОНИ-13/45 - 3","КГ",0.56000000000000005,60,{"$f":"H796*G796","v":33.6},"450063, г. Уфа, ПАО АНК \"Башнефть\" \"Башнефть-Новойл\""]
["Электрод УОНИ","ПАО АНК \"Башнефть\" \"Башнефть-Новойл\"",20,793,"Электрод УОНИ-13/45 - 3","КГ",105.47,60,{"$f":"H797*G797","v":6328.2},"450063, г. Уфа, ПАО АНК \"Башнефть\" \"Башнефть-Новойл\""]
["Электрод УОНИ","ПАО АНК \"Башнефть\" \"Башнефть-Новойл\"",20,794,"Электрод УОНИ-13/45 - 3","КГ",40,60,{"$f":"H798*G798","v":2400},"450063, г. Уфа, ПАО АНК \"Башнефть\" \"Башнефть-Новойл\""]
["Электрод УОНИ","ПАО АНК \"Башнефть\" \"Башнефть-Новойл\"",20,795,"Электрод УОНИ-13/45 - 3","КГ",10,60,{"$f":"H799*G799","v":600},"450063, г. Уфа, ПАО АНК \"Башнефть\" \"Башнефть-Новойл\""]
["Электрод УОНИ","ПАО АНК \"Башнефть\" \"Башнефть-Новойл\"",20,796,"Электрод УОНИ-13/45 - 3","КГ",9.74,60,{"$f":"H800*G800","v":584.4},"450063, г. Уфа, ПАО АНК \"Башнефть\" \"Башнефть-Новойл\""]
["Электрод УОНИ","ПАО АНК \"Башнефть\" \"Башнефть-Новойл\"",20,797,"Электрод УОНИ-13/45 - 3","КГ",8,60,{"$f":"H801*G801","v":480},"450063, г. Уфа, ПАО АНК \"Башнефть\" \"Башнефть-Новойл\""]
["Электрод УОНИ","ПАО АНК \"Башнефть\" \"Башнефть-Новойл\"",20,798,"Электрод УОНИ-13/45 - 3","КГ",55,60,{"$f":"H802*G802","v":3300},"450063, г. Уфа, ПАО АНК \"Башнефть\" \"Башнефть-Новойл\""]
["Электрод УОНИ","ПАО АНК \"Башнефть\" \"Башнефть-Новойл\"",20,799,"Электрод УОНИ-13/45 - 4","КГ",2690.23,70,{"$f":"H803*G803","v":188316.1},"450063, г. Уфа, ПАО АНК \"Башнефть\" \"Башнефть-Новойл\""]
["Электрод УОНИ","ПАО АНК \"Башнефть\" \"Башнефть-Новойл\"",20,800,"Электрод УОНИ-13/45 - 4","КГ",5064,70,{"$f":"H804*G804","v":354480},"450063, г. Уфа, ПАО АНК \"Башнефть\" \"Башнефть-Новойл\""]
["Электрод УОНИ","ПАО АНК \"Башнефть\" \"Башнефть-Новойл\"",20,801,"Электрод УОНИ-13/45 - 4","КГ",5640,70,{"$f":"H805*G805","v":394800},"450063, г. Уфа, ПАО АНК \"Башнефть\" \"Башнефть-Новойл\""]
["Электрод УОНИ","ПАО АНК \"Башнефть\" \"Башнефть-Новойл\"",20,802,"Электрод УОНИ-13/45 - 4","КГ",6092,70,{"$f":"H806*G806","v":426440},"450063, г. Уфа, ПАО АНК \"Башнефть\" \"Башнефть-Новойл\""]
["Электрод УОНИ","ПАО АНК \"Башнефть\" \"Башнефть-Новойл\"",20,803,"Электрод УОНИ-13/45 - 4","КГ",3720,70,{"$f":"H807*G807","v":260400},"450063, г. Уфа, ПАО АНК \"Башнефть\" \"Башнефть-Новойл\""]
["Электрод УОНИ","ПАО АНК \"Башнефть\" \"Башнефть-Новойл\"",20,804,"Электрод УОНИ-13/45 - 4","КГ",6305,70,{"$f":"H808*G808","v":441350},"450063, г. Уфа, ПАО АНК \"Башнефть\" \"Башнефть-Новойл\""]
["Электрод УОНИ","ПАО АНК \"Башнефть\" \"Башнефть-Новойл\"",20,805,"Электрод УОНИ-13/45 - 4","КГ",9788,70,{"$f":"H809*G809","v":685160},"450063, г. Уфа, ПАО АНК \"Башнефть\" \"Башнефть-Новойл\""]
["Электрод УОНИ","ПАО АНК \"Башнефть\" \"Башнефть-Новойл\"",20,806,"Электрод УОНИ-13/45 - 4","КГ",3787.68,70,{"$f":"H810*G810","v":265137.59999999998},"450063, г. Уфа, ПАО АНК \"Башнефть\" \"Башнефть-Новойл\""]
["Электрод УОНИ","ПАО АНК \"Башнефть\" \"Башнефть-Новойл\"",20,807,"Электрод УОНИ-13/45 - 4","КГ",112.5,70,{"$f":"H811*G811","v":7875},"450063, г. Уфа, ПАО АНК \"Башнефть\" \"Башнефть-Новойл\""]
["Электрод УОНИ","ПАО АНК \"Башнефть\" \"Башнефть-Новойл\"",20,808,"Электрод УОНИ-13/45 - 4","КГ",199.1,70,{"$f":"H812*G812","v":13937},"450063, г. Уфа, ПАО АНК \"Башнефть\" \"Башнефть-Новойл\""]
["Электрод УОНИ","ПАО АНК \"Башнефть\" \"Башнефть-Новойл\"",20,809,"Электрод УОНИ-13/45 - 4","КГ",199.99799999999999,70,{"$f":"H813*G813","v":13999.859999999999},"450063, г. Уфа, ПАО АНК \"Башнефть\" \"Башнефть-Новойл\""]
["Электрод УОНИ","ПАО АНК \"Башнефть\" \"Башнефть-Новойл\"",20,810,"Электрод УОНИ-13/45 - 4","КГ",6833.46,70,{"$f":"H814*G814","v":478342.2},"450063, г. Уфа, ПАО АНК \"Башнефть\" \"Башнефть-Новойл\""]
["Электрод УОНИ","ПАО АНК \"Башнефть\" \"Башнефть-Новойл\"",20,811,"Электрод УОНИ-13/45 - 4","КГ",2380,70,{"$f":"H815*G815","v":166600},"450063, г. Уфа, ПАО АНК \"Башнефть\" \"Башнефть-Новойл\""]
["Электрод УОНИ","ПАО АНК \"Башнефть\" \"Башнефть-Новойл\"",20,812,"Электрод УОНИ-13/45 - 4","КГ",831.3,70,{"$f":"H816*G816","v":58191},"450063, г. Уфа, ПАО АНК \"Башнефть\" \"Башнефть-Новойл\""]
["Электрод УОНИ","ПАО АНК \"Башнефть\" \"Башнефть-Новойл\"",20,813,"Электрод УОНИ-13/45 - 4","КГ",800,70,{"$f":"H817*G817","v":56000},"450063, г. Уфа, ПАО АНК \"Башнефть\" \"Башнефть-Новойл\""]
["Электрод УОНИ","ПАО АНК \"Башнефть\" \"Башнефть-Новойл\"",20,814,"Электрод УОНИ-13/45 - 4","КГ",630,70,{"$f":"H818*G818","v":44100},"450063, г. Уфа, ПАО АНК \"Башнефть\" \"Башнефть-Новойл\""]
["Электрод УОНИ","ПАО АНК \"Башнефть\" \"Башнефть-Новойл\"",20,815,"Электрод УОНИ-13/45 - 4","КГ",280,70,{"$f":"H819*G819","v":19600},"450063, г. Уфа, ПАО АНК \"Башнефть\" \"Башнефть-Новойл\""]
["Электрод УОНИ","ПАО АНК \"Башнефть\" \"Башнефть-Новойл\"",20,816,"Электрод УОНИ-13/45 - 4","КГ",253.18,70,{"$f":"H820*G820","v":17722.600000000002},"450063, г. Уфа, ПАО АНК \"Башнефть\" \"Башнефть-Новойл\""]
["Электрод УОНИ","ПАО АНК \"Башнефть\" \"Башнефть-Новойл\"",20,817,"Электрод УОНИ-13/45 - 4","КГ",229,70,{"$f":"H821*G821","v":16030},"450063, г. Уфа, ПАО АНК \"Башнефть\" \"Башнефть-Новойл\""]
["Электрод УОНИ","ПАО АНК \"Башнефть\" \"Башнефть-Новойл\"",20,818,"Электрод УОНИ-13/45 - 4","КГ",177.03899999999999,70,{"$f":"H822*G822","v":12392.73},"450063, г. Уфа, ПАО АНК \"Башнефть\" \"Башнефть-Новойл\""]
["Электрод УОНИ","ПАО АНК \"Башнефть\" \"Башнефть-Новойл\"",20,819,"Электрод УОНИ-13/45 - 4","КГ",150,70,{"$f":"H823*G823","v":10500},"450063, г. Уфа, ПАО АНК \"Башнефть\" \"Башнефть-Новойл\""]
["Электрод УОНИ","ПАО АНК \"Башнефть\" \"Башнефть-Новойл\"",20,820,"Электрод УОНИ-13/45 - 4","КГ",92.960999999999999,70,{"$f":"H824*G824","v":6507.2699999999995},"450063, г. Уфа, ПАО АНК \"Башнефть\" \"Башнефть-Новойл\""]
["Электрод УОНИ","ПАО АНК \"Башнефть\" \"Башнефть-Новойл\"",20,821,"Электрод УОНИ-13/45 - 4","КГ",85,70,{"$f":"H825*G825","v":5950},"450063, г. Уфа, ПАО АНК \"Башнефть\" \"Башнефть-Новойл\""]
["Электрод УОНИ","ПАО АНК \"Башнефть\" \"Башнефть-Новойл\"",20,822,"Электрод УОНИ-13/45 - 4","КГ",48.6,70,{"$f":"H826*G826","v":3402},"450063, г. Уфа, ПАО АНК \"Башнефть\" \"Башнефть-Новойл\""]
["Электрод УОНИ","ПАО АНК \"Башнефть\" \"Башнефть-Новойл\"",20,823,"Электрод УОНИ-13/45 - 4","КГ",29.77,70,{"$f":"H827*G827","v":2083.9},"450063, г. Уфа, ПАО АНК \"Башнефть\" \"Башнефть-Новойл\""]
["Электрод УОНИ","ПАО АНК \"Башнефть\" \"Башнефть-Новойл\"",20,824,"Электрод УОНИ-13/45 - 4","КГ",0.02,70,{"$f":"H828*G828","v":1.4000000000000001},"450063, г. Уфа, ПАО АНК \"Башнефть\" \"Башнефть-Новойл\""]
["Электрод УОНИ","ПАО АНК \"Башнефть\" \"Башнефть-Новойл\"",20,825,"Электрод УОНИ-13/45 - 4","КГ",57.74,70,{"$f":"H829*G829","v":4041.8},"450063, г. Уфа, ПАО АНК \"Башнефть\" \"Башнефть-Новойл\""]
["Электрод УОНИ","ПАО АНК \"Башнефть\" \"Башнефть-Новойл\"",20,826,"Электрод УОНИ-13/45 - 4","КГ",10,70,{"$f":"H830*G830","v":700},"450063, г. Уфа, ПАО АНК \"Башнефть\" \"Башнефть-Новойл\""]
["Электрод УОНИ","ПАО АНК \"Башнефть\" \"Башнефть-Новойл\"",20,827,"Электрод УОНИ-13/45 - 4","КГ",10,70,{"$f":"H831*G831","v":700},"450063, г. Уфа, ПАО АНК \"Башнефть\" \"Башнефть-Новойл\""]
["Электрод УОНИ","ПАО АНК \"Башнефть\" \"Башнефть-Новойл\"",20,828,"Электрод УОНИ-13/45 - 4","КГ",20.3,70,{"$f":"H832*G832","v":1421},"450063, г. Уфа, ПАО АНК \"Башнефть\" \"Башнефть-Новойл\""]
["Электрод УОНИ","ПАО АНК \"Башнефть\" \"Башнефть-Новойл\"",20,829,"Электрод УОНИ-13/55 - 2,5","КГ",20,60,{"$f":"H833*G833","v":1200},"450063, г. Уфа, ПАО АНК \"Башнефть\" \"Башнефть-Новойл\""]
["Электрод УОНИ","ПАО АНК \"Башнефть\" \"Башнефть-Новойл\"",20,830,"Электрод УОНИ-13/55 4мм","КГ",7,30,{"$f":"H834*G834","v":210},"450063, г. Уфа, ПАО АНК \"Башнефть\" \"Башнефть-Новойл\""]
["Электрод УОНИ","ПАО АНК \"Башнефть\" \"Башнефть-Новойл\"",20,831,"Электрод Э42А УОНИ-13/45 5мм ГОСТ 9466","КГ",4.3,40,{"$f":"H835*G835","v":172},"450063, г. Уфа, ПАО АНК \"Башнефть\" \"Башнефть-Новойл\""]
["Электрод УОНИ","ПАО АНК \"Башнефть\" \"Башнефть-Новойл\"",20,832,"Электрод Э42А УОНИ-13/45 5мм ГОСТ 9466","КГ",138.69999999999999,40,{"$f":"H836*G836","v":5548},"450063, г. Уфа, ПАО АНК \"Башнефть\" \"Башнефть-Новойл\""]
["Электрод УОНИ","ПАО АНК \"Башнефть\" \"Башнефть-Новойл\"",20,833,"Электрод Э45А УОНИИ-13/45 5мм ГОСТ 9467","КГ",155,90,{"$f":"H837*G837","v":13950},"450063, г. Уфа, ПАО АНК \"Башнефть\" \"Башнефть-Новойл\""]
["Электрод УОНИ","ПАО АНК \"Башнефть\" \"Башнефть-Новойл\"",20,834,"Электрод Э46А УОНИ-13/45А 4мм ГОСТ 9466","КГ",280,40,{"$f":"H838*G838","v":11200},"450063, г. Уфа, ПАО АНК \"Башнефть\" \"Башнефть-Новойл\""]
["Прочие сварочные материалы","ПАО АНК \"Башнефть\" \"Башнефть-Новойл\"",21,835,"Пруток присад. OK Tigrod 12.60 2мм","КГ",2,70,{"$f":"H839*G839","v":140},"450063, г. Уфа, ПАО АНК \"Башнефть\" \"Башнефть-Новойл\""]
["Прочие сварочные материалы","ПАО АНК \"Башнефть\" \"Башнефть-Новойл\"",21,836,"Электрод МР-3 - 5","КГ",15,40,{"$f":"H840*G840","v":600},"450063, г. Уфа, ПАО АНК \"Башнефть\" \"Башнефть-Новойл\""]
["Прочие сварочные материалы","ПАО АНК \"Башнефть\" \"Башнефть-Новойл\"",21,837,"Электрод МР-3 - 5","КГ",166,40,{"$f":"H841*G841","v":6640},"450063, г. Уфа, ПАО АНК \"Башнефть\" \"Башнефть-Новойл\""]
["Прочие сварочные материалы","ПАО АНК \"Башнефть\" \"Башнефть-Новойл\"",21,838,"Электрод МР-3 - 5","КГ",1872,40,{"$f":"H842*G842","v":74880},"450063, г. Уфа, ПАО АНК \"Башнефть\" \"Башнефть-Новойл\""]
["Прочие сварочные материалы","ПАО АНК \"Башнефть\" \"Башнефть-Новойл\"",21,839,"Электрод МР-3 - 5","КГ",14,40,{"$f":"H843*G843","v":560},"450063, г. Уфа, ПАО АНК \"Башнефть\" \"Башнефть-Новойл\""]
["Прочие сварочные материалы","ПАО АНК \"Башнефть\" \"Башнефть-Новойл\"",21,840,"Электрод МР-3 - 5","КГ",2,40,{"$f":"H844*G844","v":80},"450063, г. Уфа, ПАО АНК \"Башнефть\" \"Башнефть-Новойл\""]
["Прочие сварочные материалы","ПАО АНК \"Башнефть\" \"Башнефть-Новойл\"",21,841,"Электрод НЖ-13 - 3","КГ",5,250,{"$f":"H845*G845","v":1250},"450063, г. Уфа, ПАО АНК \"Башнефть\" \"Башнефть-Новойл\""]
["Прочие сварочные материалы","ПАО АНК \"Башнефть\" \"Башнефть-Новойл\"",21,842,"Электрод ОЗС-12 - 4","КГ",2000,60,{"$f":"H846*G846","v":120000},"450063, г. Уфа, ПАО АНК \"Башнефть\" \"Башнефть-Новойл\""]
["Прочие сварочные материалы","ПАО АНК \"Башнефть\" \"Башнефть-Новойл\"",21,843,"Электрод ОЗС-12 - 4","КГ",65.5,60,{"$f":"H847*G847","v":3930},"450063, г. Уфа, ПАО АНК \"Башнефть\" \"Башнефть-Новойл\""]
["Шайбы","ПАО АНК \"Башнефть\" \"Башнефть-Новойл\"",22,844,"Шайба 12.20","ШТ",28,0.3,{"$f":"H848*G848","v":8.4},"450063, г. Уфа, ПАО АНК \"Башнефть\" \"Башнефть-Новойл\""]
["Шайбы","ПАО АНК \"Башнефть\" \"Башнефть-Новойл\"",22,845,"Шайба 12.20.019","ШТ",206,1,{"$f":"H849*G849","v":206},"450063, г. Уфа, ПАО АНК \"Башнефть\" \"Башнефть-Новойл\""]
["Шайбы","ПАО АНК \"Башнефть\" \"Башнефть-Новойл\"",22,846,"Шайба 12.20.019","ШТ",203,1,{"$f":"H850*G850","v":203},"450063, г. Уфа, ПАО АНК \"Башнефть\" \"Башнефть-Новойл\""]
["Шайбы","ПАО АНК \"Башнефть\" \"Башнефть-Новойл\"",22,847,"Шайба 12.20.019","ШТ",24,1,{"$f":"H851*G851","v":24},"450063, г. Уфа, ПАО АНК \"Башнефть\" \"Башнефть-Новойл\""]
["Шайбы","ПАО АНК \"Башнефть\" \"Башнефть-Новойл\"",22,848,"Шайба 12.20.019","ШТ",56,1,{"$f":"H852*G852","v":56},"450063, г. Уфа, ПАО АНК \"Башнефть\" \"Башнефть-Новойл\""]
["Шайбы","ПАО АНК \"Башнефть\" \"Башнефть-Новойл\"",22,849,"Шайба 20.20.019","ШТ",55,4,{"$f":"H853*G853","v":220},"450063, г. Уфа, ПАО АНК \"Башнефть\" \"Башнефть-Новойл\""]
["Шайбы","ПАО АНК \"Башнефть\" \"Башнефть-Новойл\"",22,850,"Шайба 20.20.019","ШТ",4,4,{"$f":"H854*G854","v":16},"450063, г. Уфа, ПАО АНК \"Башнефть\" \"Башнефть-Новойл\""]
["Шайбы","ПАО АНК \"Башнефть\" \"Башнефть-Новойл\"",22,851,"Шайба 20.20.019","ШТ",25,4,{"$f":"H855*G855","v":100},"450063, г. Уфа, ПАО АНК \"Башнефть\" \"Башнефть-Новойл\""]
["Шайбы","ПАО АНК \"Башнефть\" \"Башнефть-Новойл\"",22,852,"Шайба 3 ч.Н49.941.01.00.012У-04 40Х","ШТ",2,50,{"$f":"H856*G856","v":100},"450063, г. Уфа, ПАО АНК \"Башнефть\" \"Башнефть-Новойл\""]
["Шайбы","ПАО АНК \"Башнефть\" \"Башнефть-Новойл\"",22,853,"Шайба 68.01КП ГОСТ11872-80 НК200/210","ШТ",5,250,{"$f":"H857*G857","v":1250},"450063, г. Уфа, ПАО АНК \"Башнефть\" \"Башнефть-Новойл\""]
["Шайбы","ПАО АНК \"Башнефть\" \"Башнефть-Новойл\"",22,854,"Шайба А.10.01.08КП.016","КГ",10,110,{"$f":"H858*G858","v":1100},"450063, г. Уфа, ПАО АНК \"Башнефть\" \"Башнефть-Новойл\""]
["Шайбы","ПАО АНК \"Башнефть\" \"Башнефть-Новойл\"",22,855,"Шайба А.10.02.Ст3.019","КГ",16.18,50,{"$f":"H859*G859","v":809},"450063, г. Уфа, ПАО АНК \"Башнефть\" \"Башнефть-Новойл\""]
["Шайбы","ПАО АНК \"Башнефть\" \"Башнефть-Новойл\"",22,856,"Шайба А.12.01.08КП","КГ",107,110,{"$f":"H860*G860","v":11770},"450063, г. Уфа, ПАО АНК \"Башнефть\" \"Башнефть-Новойл\""]
["Шайбы","ПАО АНК \"Башнефть\" \"Башнефть-Новойл\"",22,857,"Шайба А.16.02.3","КГ",0.77,80,{"$f":"H861*G861","v":61.6},"450063, г. Уфа, ПАО АНК \"Башнефть\" \"Башнефть-Новойл\""]
["Шайбы","ПАО АНК \"Башнефть\" \"Башнефть-Новойл\"",22,858,"Шайба А.16.04.20.019","КГ",0.78,60,{"$f":"H862*G862","v":46.800000000000004},"450063, г. Уфа, ПАО АНК \"Башнефть\" \"Башнефть-Новойл\""]
["Шайбы","ПАО АНК \"Башнефть\" \"Башнефть-Новойл\"",22,859,"Шайба А.16.04.20.019","КГ",0.5,60,{"$f":"H863*G863","v":30},"450063, г. Уфа, ПАО АНК \"Башнефть\" \"Башнефть-Новойл\""]
["Шайбы","ПАО АНК \"Башнефть\" \"Башнефть-Новойл\"",22,860,"Шайба А.20.01.35","КГ",1,180,{"$f":"H864*G864","v":180},"450063, г. Уфа, ПАО АНК \"Башнефть\" \"Башнефть-Новойл\""]
["Шайбы","ПАО АНК \"Башнефть\" \"Башнефть-Новойл\"",22,861,"Шайба А.6.04.20","КГ",0.9,200,{"$f":"H865*G865","v":180},"450063, г. Уфа, ПАО АНК \"Башнефть\" \"Башнефть-Новойл\""]
["Шайбы","ПАО АНК \"Башнефть\" \"Башнефть-Новойл\"",22,862,"Шайба А.6.04.20.019","КГ",275.7,50,{"$f":"H866*G866","v":13785},"450063, г. Уфа, ПАО АНК \"Башнефть\" \"Башнефть-Новойл\""]
["Шайбы","ПАО АНК \"Башнефть\" \"Башнефть-Новойл\"",22,863,"Шайба Н4.848.430-9","ШТ",3,120,{"$f":"H867*G867","v":360},"450063, г. Уфа, ПАО АНК \"Башнефть\" \"Башнефть-Новойл\""]
["Шайбы","ПАО АНК \"Башнефть\" \"Башнефть-Новойл\"",22,864,"Шайба Н4.848.430-9","ШТ",3,120,{"$f":"H868*G868","v":360},"450063, г. Уфа, ПАО АНК \"Башнефть\" \"Башнефть-Новойл\""]
["Шайбы","ПАО АНК \"Башнефть\" \"Башнефть-Новойл\"",22,865,"Шайба плоская 12.10кп ГОСТ 11371","КГ",3.5000000000000003E-2,100,{"$f":"H869*G869","v":3.5000000000000004},"450063, г. Уфа, ПАО АНК \"Башнефть\" \"Башнефть-Новойл\""]
["Шайбы","ПАО АНК \"Башнефть\" \"Башнефть-Новойл\"",22,866,"Шайба плоская 12.10кп ГОСТ 11371","КГ",0.1,100,{"$f":"H870*G870","v":10},"450063, г. Уфа, ПАО АНК \"Башнефть\" \"Башнефть-Новойл\""]
["Шайбы","ПАО АНК \"Башнефть\" \"Башнефть-Новойл\"",22,867,"Шайба плоская 12.12ХМ ОСТ 26-2042","ШТ",8,40,{"$f":"H871*G871","v":320},"450063, г. Уфа, ПАО АНК \"Башнефть\" \"Башнефть-Новойл\""]
["Шайбы","ПАО АНК \"Башнефть\" \"Башнефть-Новойл\"",22,868,"Шайба плоская 18.Ст3 оц. ГОСТ 11371","КГ",15.865,60,{"$f":"H872*G872","v":951.9},"450063, г. Уфа, ПАО АНК \"Башнефть\" \"Башнефть-Новойл\""]
["Шайбы","ПАО АНК \"Башнефть\" \"Башнефть-Новойл\"",22,869,"Шайба плоская 4.Ст3 оц. ГОСТ 6958","КГ",0.3,140,{"$f":"H873*G873","v":42},"450063, г. Уфа, ПАО АНК \"Башнефть\" \"Башнефть-Новойл\""]
["Шайбы","ПАО АНК \"Башнефть\" \"Башнефть-Новойл\"",22,870,"Шайба плоская 5.Ст3 оц. ГОСТ 6958","КГ",0.5,140,{"$f":"H874*G874","v":70},"450063, г. Уфа, ПАО АНК \"Башнефть\" \"Башнефть-Новойл\""]
["Шайбы","ПАО АНК \"Башнефть\" \"Башнефть-Новойл\"",22,871,"Шайба плоская А.20.Ст3","КГ",7.63,90,{"$f":"H875*G875","v":686.7},"450063, г. Уфа, ПАО АНК \"Башнефть\" \"Башнефть-Новойл\""]
["Шайбы","ПАО АНК \"Башнефть\" \"Башнефть-Новойл\"",22,872,"Шайба плоская А.20.Ст3","КГ",1.8,90,{"$f":"H876*G876","v":162},"450063, г. Уфа, ПАО АНК \"Башнефть\" \"Башнефть-Новойл\""]
["Шайбы","ПАО АНК \"Башнефть\" \"Башнефть-Новойл\"",22,873,"Шайба плоская А.20.Ст3","КГ",0.02,90,{"$f":"H877*G877","v":1.8},"450063, г. Уфа, ПАО АНК \"Башнефть\" \"Башнефть-Новойл\""]
["Шайбы","ПАО АНК \"Башнефть\" \"Башнефть-Новойл\"",22,874,"Шайба плоская А.30.Ст3сп","КГ",0.5,80,{"$f":"H878*G878","v":40},"450063, г. Уфа, ПАО АНК \"Башнефть\" \"Башнефть-Новойл\""]
["Шайбы","ПАО АНК \"Башнефть\" \"Башнефть-Новойл\"",22,875,"Шайба плоская А.6.Ст3 оц.","ШТ",16746,0.1,{"$f":"H879*G879","v":1674.6000000000001},"450063, г. Уфа, ПАО АНК \"Башнефть\" \"Башнефть-Новойл\""]
["Шайбы","ПАО АНК \"Башнефть\" \"Башнефть-Новойл\"",22,876,"Шайба плоская А.6.Ст3 оц.","ШТ",391562,0.1,{"$f":"H880*G880","v":39156.200000000004},"450063, г. Уфа, ПАО АНК \"Башнефть\" \"Башнефть-Новойл\""]
["Шайбы","ПАО АНК \"Башнефть\" \"Башнефть-Новойл\"",22,877,"Шайба плоская А.8.Ст3","КГ",10.050000000000001,50,{"$f":"H881*G881","v":502.50000000000006},"450063, г. Уфа, ПАО АНК \"Башнефть\" \"Башнефть-Новойл\""]
["Шайбы","ПАО АНК \"Башнефть\" \"Башнефть-Новойл\"",22,878,"Шайба пружинная 10 65Г 019","КГ",2.5000000000000001E-2,50,{"$f":"H882*G882","v":1.25},"450063, г. Уфа, ПАО АНК \"Башнефть\" \"Башнефть-Новойл\""]
["Шайбы","ПАО АНК \"Башнефть\" \"Башнефть-Новойл\"",22,879,"Шайба пружинная 10 65Г 019","КГ",2.5,50,{"$f":"H883*G883","v":125},"450063, г. Уфа, ПАО АНК \"Башнефть\" \"Башнефть-Новойл\""]
["Шайбы","ПАО АНК \"Башнефть\" \"Башнефть-Новойл\"",22,880,"Шайба пружинная 10 65Г 019","КГ",9.5,50,{"$f":"H884*G884","v":475},"450063, г. Уфа, ПАО АНК \"Башнефть\" \"Башнефть-Новойл\""]
["Шайбы","ПАО АНК \"Башнефть\" \"Башнефть-Новойл\"",22,881,"Шайба пружинная 10 65Г 019","КГ",48,50,{"$f":"H885*G885","v":2400},"450063, г. Уфа, ПАО АНК \"Башнефть\" \"Башнефть-Новойл\""]
["Шайбы","ПАО АНК \"Башнефть\" \"Башнефть-Новойл\"",22,882,"Шайба пружинная 10 65Г 019","КГ",1,50,{"$f":"H886*G886","v":50},"450063, г. Уфа, ПАО АНК \"Башнефть\" \"Башнефть-Новойл\""]
["Шайбы","ПАО АНК \"Башнефть\" \"Башнефть-Новойл\"",22,883,"Шайба пружинная 10 65Г 019","КГ",1,50,{"$f":"H887*G887","v":50},"450063, г. Уфа, ПАО АНК \"Башнефть\" \"Башнефть-Новойл\""]
["Шайбы","ПАО АНК \"Башнефть\" \"Башнефть-Новойл\"",22,884,"Шайба пружинная 12 65Г 029","КГ",35.99,460,{"$f":"H888*G888","v":16555.400000000001},"450063, г. Уфа, ПАО АНК \"Башнефть\" \"Башнефть-Новойл\""]
["Шайбы","ПАО АНК \"Башнефть\" \"Башнефть-Новойл\"",22,885,"Шайба пружинная 12 65Г 029","КГ",2,460,{"$f":"H889*G889","v":920},"450063, г. Уфа, ПАО АНК \"Башнефть\" \"Башнефть-Новойл\""]
["Шайбы","ПАО АНК \"Башнефть\" \"Башнефть-Новойл\"",22,886,"Шайба пружинная 12 65Г 029","КГ",2,460,{"$f":"H890*G890","v":920},"450063, г. Уфа, ПАО АНК \"Башнефть\" \"Башнефть-Новойл\""]
["Шайбы","ПАО АНК \"Башнефть\" \"Башнефть-Новойл\"",22,887,"Шайба пружинная 14.65Г оц. ГОСТ 6402","КГ",23.3,40,{"$f":"H891*G891","v":932},"450063, г. Уфа, ПАО АНК \"Башнефть\" \"Башнефть-Новойл\""]
["Шайбы","ПАО АНК \"Башнефть\" \"Башнефть-Новойл\"",22,888,"Шайба пружинная 18 65Г оц.","КГ",11,30,{"$f":"H892*G892","v":330},"450063, г. Уфа, ПАО АНК \"Башнефть\" \"Башнефть-Новойл\""]
["Шайбы","ПАО АНК \"Башнефть\" \"Башнефть-Новойл\"",22,889,"Шайба пружинная 18 65Г оц.","КГ",0.05,30,{"$f":"H893*G893","v":1.5},"450063, г. Уфа, ПАО АНК \"Башнефть\" \"Башнефть-Новойл\""]
["Шайбы","ПАО АНК \"Башнефть\" \"Башнефть-Новойл\"",22,890,"Шайба пружинная 22 65Г оц","КГ",16.3,30,{"$f":"H894*G894","v":489},"450063, г. Уфа, ПАО АНК \"Башнефть\" \"Башнефть-Новойл\""]
["Шайбы","ПАО АНК \"Башнефть\" \"Башнефть-Новойл\"",22,891,"Шайба пружинная 27 65Г","КГ",9.3699999999999992,30,{"$f":"H895*G895","v":281.09999999999997},"450063, г. Уфа, ПАО АНК \"Башнефть\" \"Башнефть-Новойл\""]
["Шайбы","ПАО АНК \"Башнефть\" \"Башнефть-Новойл\"",22,892,"Шайба пружинная 27 65Г","КГ",0.02,30,{"$f":"H896*G896","v":0.6},"450063, г. Уфа, ПАО АНК \"Башнефть\" \"Башнефть-Новойл\""]
["Шайбы","ПАО АНК \"Башнефть\" \"Башнефть-Новойл\"",22,893,"Шайба пружинная 6 65Г 019","КГ",18.91,160,{"$f":"H897*G897","v":3025.6},"450063, г. Уфа, ПАО АНК \"Башнефть\" \"Башнефть-Новойл\""]
["Шайбы","ПАО АНК \"Башнефть\" \"Башнефть-Новойл\"",22,894,"Шайба пружинная 6 65Г 019","КГ",1,160,{"$f":"H898*G898","v":160},"450063, г. Уфа, ПАО АНК \"Башнефть\" \"Башнефть-Новойл\""]
["Шайбы","ПАО АНК \"Башнефть\" \"Башнефть-Новойл\"",22,895,"Шайба пружинная 6 65Г 019","КГ",0.68,160,{"$f":"H899*G899","v":108.80000000000001},"450063, г. Уфа, ПАО АНК \"Башнефть\" \"Башнефть-Новойл\""]
["Шайбы","ПАО АНК \"Башнефть\" \"Башнефть-Новойл\"",22,896,"Шайба специальная МС-30М-0135А","ШТ",2,40,{"$f":"H900*G900","v":80},"450063, г. Уфа, ПАО АНК \"Башнефть\" \"Башнефть-Новойл\""]
["Шайбы","ПАО АНК \"Башнефть\" \"Башнефть-Новойл\"",22,897,"Шайба стопорная ч.851.00","ШТ",6,270,{"$f":"H901*G901","v":1620},"450063, г. Уфа, ПАО АНК \"Башнефть\" \"Башнефть-Новойл\""]
["Шайбы","ПАО АНК \"Башнефть\" \"Башнефть-Новойл\"",22,898,"Шайба стопорная ч.851.00","ШТ",5,260,{"$f":"H902*G902","v":1300},"450063, г. Уфа, ПАО АНК \"Башнефть\" \"Башнефть-Новойл\""]
["Шайбы","ПАО АНК \"Башнефть\" \"Башнефть-Новойл\"",22,899,"Шайба стопорная ч.851.00","ШТ",5,270,{"$f":"H903*G903","v":1350},"450063, г. Уфа, ПАО АНК \"Башнефть\" \"Башнефть-Новойл\""]
["Шайбы","ПАО АНК \"Башнефть\" \"Башнефть-Новойл\"",22,900,"Шайба стопорная ч.851.00","ШТ",21,300,{"$f":"H904*G904","v":6300},"450063, г. Уфа, ПАО АНК \"Башнефть\" \"Башнефть-Новойл\""]
["Шайбы","ПАО АНК \"Башнефть\" \"Башнефть-Новойл\"",22,901,"Шайба стопорная ч.851.01","ШТ",2,260,{"$f":"H905*G905","v":520},"450063, г. Уфа, ПАО АНК \"Башнефть\" \"Башнефть-Новойл\""]
["Шайбы","ПАО АНК \"Башнефть\" \"Башнефть-Новойл\"",22,902,"Шайба стопорная ч.851.44","ШТ",12,1130,{"$f":"H906*G906","v":13560},"450063, г. Уфа, ПАО АНК \"Башнефть\" \"Башнефть-Новойл\""]
["Шайбы","ПАО АНК \"Башнефть\" \"Башнефть-Новойл\"",22,903,"Шайба стопорная ч.851.44","ШТ",2,1020,{"$f":"H907*G907","v":2040},"450063, г. Уфа, ПАО АНК \"Башнефть\" \"Башнефть-Новойл\""]
["Шайбы","ПАО АНК \"Башнефть\" \"Башнефть-Новойл\"",22,904,"Шайба упорная 561.04","ШТ",3,30,{"$f":"H908*G908","v":90},"450063, г. Уфа, ПАО АНК \"Башнефть\" \"Башнефть-Новойл\""]
["Шайбы","ПАО АНК \"Башнефть\" \"Башнефть-Новойл\"",22,905,"Шайба ч.851.31","ШТ",16,360,{"$f":"H909*G909","v":5760},"450063, г. Уфа, ПАО АНК \"Башнефть\" \"Башнефть-Новойл\""]
["Шайбы","ПАО АНК \"Башнефть\" \"Башнефть-Новойл\"",22,906,"Шайба ч.851.31","ШТ",10,350,{"$f":"H910*G910","v":3500},"450063, г. Уфа, ПАО АНК \"Башнефть\" \"Башнефть-Новойл\""]
["Шайбы","ПАО АНК \"Башнефть\" \"Башнефть-Новойл\"",22,907,"Шайба ч.851.31-14","ШТ",4,630,{"$f":"H911*G911","v":2520},"450063, г. Уфа, ПАО АНК \"Башнефть\" \"Башнефть-Новойл\""]
["Шайбы","ПАО АНК \"Башнефть\" \"Башнефть-Новойл\"",22,908,"Шайба ч.851.31-14","ШТ",2,560,{"$f":"H912*G912","v":1120},"450063, г. Уфа, ПАО АНК \"Башнефть\" \"Башнефть-Новойл\""]
["Шайбы","ПАО АНК \"Башнефть\" \"Башнефть-Новойл\"",22,909,"Шайба ч.851.31-14","ШТ",1,830,{"$f":"H913*G913","v":830},"450063, г. Уфа, ПАО АНК \"Башнефть\" \"Башнефть-Новойл\""]
["Шайбы","ПАО АНК \"Башнефть\" \"Башнефть-Новойл\"",22,910,"Шайба ч.851.44-01","ШТ",3,1090,{"$f":"H914*G914","v":3270},"450063, г. Уфа, ПАО АНК \"Башнефть\" \"Башнефть-Новойл\""]
["Шпильки","ПАО АНК \"Башнефть\" \"Башнефть-Новойл\"",23,911,"Шпил. М10х370 35 ч.№1052","ШТ",10,30,{"$f":"H915*G915","v":300},"450063, г. Уфа, ПАО АНК \"Башнефть\" \"Башнефть-Новойл\""]
["Шпильки","ПАО АНК \"Башнефть\" \"Башнефть-Новойл\"",23,912,"Шпил.ВМ20х350 35 9066","ШТ",2,130,{"$f":"H916*G916","v":260},"450063, г. Уфа, ПАО АНК \"Башнефть\" \"Башнефть-Новойл\""]
["Шпильки","ПАО АНК \"Башнефть\" \"Башнефть-Новойл\"",23,913,"Шпилька 3.М24х600 Ст3сп","ШТ",6,150,{"$f":"H917*G917","v":900},"450063, г. Уфа, ПАО АНК \"Башнефть\" \"Башнефть-Новойл\""]
["Шпильки","ПАО АНК \"Башнефть\" \"Башнефть-Новойл\"",23,914,"Шпилька 3.М24х710 ВСт3пс2","ШТ",12,150,{"$f":"H918*G918","v":1800},"450063, г. Уфа, ПАО АНК \"Башнефть\" \"Башнефть-Новойл\""]
["Шпильки","ПАО АНК \"Башнефть\" \"Башнефть-Новойл\"",23,915,"Шпилька 3-М24х710 Ст3сп ГОСТ 24379.1","ШТ",4,180,{"$f":"H919*G919","v":720},"450063, г. Уфа, ПАО АНК \"Башнефть\" \"Башнефть-Новойл\""]
["Шпильки","ПАО АНК \"Башнефть\" \"Башнефть-Новойл\"",23,916,"Шпилька 3-М24х750 20 ГОСТ 24379.1","КМП",4,500,{"$f":"H920*G920","v":2000},"450063, г. Уфа, ПАО АНК \"Башнефть\" \"Башнефть-Новойл\""]
["Шпильки","ПАО АНК \"Башнефть\" \"Башнефть-Новойл\"",23,917,"Шпилька 7.M12х200 Ст3пс3 2Г 2Ш","КМП",30,30,{"$f":"H921*G921","v":900},"450063, г. Уфа, ПАО АНК \"Башнефть\" \"Башнефть-Новойл\""]
["Шпильки","ПАО АНК \"Башнефть\" \"Башнефть-Новойл\"",23,918,"Шпилька 7.M12х200 Ст3пс3 2Г 2Ш","КМП",50,40,{"$f":"H922*G922","v":2000},"450063, г. Уфа, ПАО АНК \"Башнефть\" \"Башнефть-Новойл\""]
["Шпильки","ПАО АНК \"Башнефть\" \"Башнефть-Новойл\"",23,919,"Шпилька HAS-E-5.8 M24x210/54 HILTI","ШТ",360,210,{"$f":"H923*G923","v":75600},"450063, г. Уфа, ПАО АНК \"Башнефть\" \"Башнефть-Новойл\""]
["Шпильки","ПАО АНК \"Башнефть\" \"Башнефть-Новойл\"",23,920,"Шпилька Hilti HIT-V-5.8 M10x130 387058","ШТ",6,30,{"$f":"H924*G924","v":180},"450063, г. Уфа, ПАО АНК \"Башнефть\" \"Башнефть-Новойл\""]
["Шпильки","ПАО АНК \"Башнефть\" \"Башнефть-Новойл\"",23,921,"Шпилька Hilti HIT-V-5.8 M10x130 387058","ШТ",154,30,{"$f":"H925*G925","v":4620},"450063, г. Уфа, ПАО АНК \"Башнефть\" \"Башнефть-Новойл\""]
["Шпильки","ПАО АНК \"Башнефть\" \"Башнефть-Новойл\"",23,922,"Шпилька анк. HILTI HAS-E-5.8 M12х110/28","ШТ",19,30,{"$f":"H926*G926","v":570},"450063, г. Уфа, ПАО АНК \"Башнефть\" \"Башнефть-Новойл\""]
["Шпильки","ПАО АНК \"Башнефть\" \"Башнефть-Новойл\"",23,923,"Шпилька анкерная HILTI HAS-E M36х330/90","ШТ",10,1570,{"$f":"H927*G927","v":15700},"450063, г. Уфа, ПАО АНК \"Башнефть\" \"Башнефть-Новойл\""]
["Шпильки","ПАО АНК \"Башнефть\" \"Башнефть-Новойл\"",23,924,"Шпилька анкерная HILTI HAS-TZ M12х95/25","ШТ",84,160,{"$f":"H928*G928","v":13440},"450063, г. Уфа, ПАО АНК \"Башнефть\" \"Башнефть-Новойл\""]
["Шпильки","ПАО АНК \"Башнефть\" \"Башнефть-Новойл\"",23,925,"Шпилька анкерная HILTI HAS-TZ M12х95/25","ШТ",2,160,{"$f":"H929*G929","v":320},"450063, г. Уфа, ПАО АНК \"Башнефть\" \"Башнефть-Новойл\""]
["Шпильки","ПАО АНК \"Башнефть\" \"Башнефть-Новойл\"",23,926,"Шпилька К123У3","ШТ",605,120,{"$f":"H930*G930","v":72600},"450063, г. Уфа, ПАО АНК \"Башнефть\" \"Башнефть-Новойл\""]
["Шпильки","ПАО АНК \"Башнефть\" \"Башнефть-Новойл\"",23,927,"Шпилька К123У3","ШТ",114,120,{"$f":"H931*G931","v":13680},"450063, г. Уфа, ПАО АНК \"Башнефть\" \"Башнефть-Новойл\""]
["Шпильки","ПАО АНК \"Башнефть\" \"Башнефть-Новойл\"",23,928,"Шпилька К123У3","ШТ",2,120,{"$f":"H932*G932","v":240},"450063, г. Уфа, ПАО АНК \"Башнефть\" \"Башнефть-Новойл\""]
["Шпильки","ПАО АНК \"Башнефть\" \"Башнефть-Новойл\"",23,929,"Шпилька М16х300.50 Ст20/35 ИИ/ГОСТ5915","КМП",2,250,{"$f":"H933*G933","v":500},"450063, г. Уфа, ПАО АНК \"Башнефть\" \"Башнефть-Новойл\""]
["Шпильки","ПАО АНК \"Башнефть\" \"Башнефть-Новойл\"",23,930,"Шпилька М24х660.80 Ст3пс2/35 ИИ/ГОСТ5915","КМП",24,1090,{"$f":"H934*G934","v":26160},"450063, г. Уфа, ПАО АНК \"Башнефть\" \"Башнефть-Новойл\""]
["Шпильки","ПАО АНК \"Башнефть\" \"Башнефть-Новойл\"",23,931,"Шпилька М30х400.80 Ст3пс2/35 ИИ/ГОСТ5915","КМП",36,1090,{"$f":"H935*G935","v":39240},"450063, г. Уфа, ПАО АНК \"Башнефть\" \"Башнефть-Новойл\""]
["Шпильки","ПАО АНК \"Башнефть\" \"Башнефть-Новойл\"",23,932,"Шпилька упорная клапана 134-01-04","ШТ",16,14640,{"$f":"H936*G936","v":234240},"450063, г. Уфа, ПАО АНК \"Башнефть\" \"Башнефть-Новойл\""]
["Электрод ОЗЛ, ЦЛ","ПАО АНК \"Башнефть\" \"Башнефть-Новойл\"",24,933,"Электрод ОЗЛ-8-3","КГ",10,200,{"$f":"H937*G937","v":2000},"450063, г. Уфа, ПАО АНК \"Башнефть\" \"Башнефть-Новойл\""]
["Электрод ОЗЛ, ЦЛ","ПАО АНК \"Башнефть\" \"Башнефть-Новойл\"",24,934,"Электрод ОЗЛ-8-3","КГ",5.38,200,{"$f":"H938*G938","v":1076},"450063, г. Уфа, ПАО АНК \"Башнефть\" \"Башнефть-Новойл\""]
["Электрод ОЗЛ, ЦЛ","ПАО АНК \"Башнефть\" \"Башнефть-Новойл\"",24,935,"Электрод ОЗЛ-8-3","КГ",10,200,{"$f":"H939*G939","v":2000},"450063, г. Уфа, ПАО АНК \"Башнефть\" \"Башнефть-Новойл\""]
["Электрод ОЗЛ, ЦЛ","ПАО АНК \"Башнефть\" \"Башнефть-Новойл\"",24,936,"Электрод ОЗЛ-8-3","КГ",10,200,{"$f":"H940*G940","v":2000},"450063, г. Уфа, ПАО АНК \"Башнефть\" \"Башнефть-Новойл\""]
["Электрод ОЗЛ, ЦЛ","ПАО АНК \"Башнефть\" \"Башнефть-Новойл\"",24,937,"Электрод ОЗЛ-8-3","КГ",3,200,{"$f":"H941*G941","v":600},"450063, г. Уфа, ПАО АНК \"Башнефть\" \"Башнефть-Новойл\""]
["Электрод ОЗЛ, ЦЛ","ПАО АНК \"Башнефть\" \"Башнефть-Новойл\"",24,938,"Электрод ОЗЛ-8-3","КГ",5,200,{"$f":"H942*G942","v":1000},"450063, г. Уфа, ПАО АНК \"Башнефть\" \"Башнефть-Новойл\""]
["Электрод ОЗЛ, ЦЛ","ПАО АНК \"Башнефть\" \"Башнефть-Новойл\"",24,939,"Электрод ОЗЛ-8-3","КГ",2.7,200,{"$f":"H943*G943","v":540},"450063, г. Уфа, ПАО АНК \"Башнефть\" \"Башнефть-Новойл\""]
["Электрод ОЗЛ, ЦЛ","ПАО АНК \"Башнефть\" \"Башнефть-Новойл\"",24,940,"Электрод ОЗЛ-8-3","КГ",43,200,{"$f":"H944*G944","v":8600},"450063, г. Уфа, ПАО АНК \"Башнефть\" \"Башнефть-Новойл\""]
["Электрод ОЗЛ, ЦЛ","ПАО АНК \"Башнефть\" \"Башнефть-Новойл\"",24,941,"Электрод ОЗЛ-8-3","КГ",10,200,{"$f":"H945*G945","v":2000},"450063, г. Уфа, ПАО АНК \"Башнефть\" \"Башнефть-Новойл\""]
["Электрод ОЗЛ, ЦЛ","ПАО АНК \"Башнефть\" \"Башнефть-Новойл\"",24,942,"Электрод ОЗЛ-8-3","КГ",2.38,200,{"$f":"H946*G946","v":476},"450063, г. Уфа, ПАО АНК \"Башнефть\" \"Башнефть-Новойл\""]
["Электрод ОЗЛ, ЦЛ","ПАО АНК \"Башнефть\" \"Башнефть-Новойл\"",24,943,"Электрод ОЗЛ-8-3","КГ",2,200,{"$f":"H947*G947","v":400},"450063, г. Уфа, ПАО АНК \"Башнефть\" \"Башнефть-Новойл\""]
["Электрод ОЗЛ, ЦЛ","ПАО АНК \"Башнефть\" \"Башнефть-Новойл\"",24,944,"Электрод ОЗЛ-8-3","КГ",1.56,200,{"$f":"H948*G948","v":312},"450063, г. Уфа, ПАО АНК \"Башнефть\" \"Башнефть-Новойл\""]
["Электрод ОЗЛ, ЦЛ","ПАО АНК \"Башнефть\" \"Башнефть-Новойл\"",24,945,"Электрод ОЗЛ-8-3","КГ",1.56,200,{"$f":"H949*G949","v":312},"450063, г. Уфа, ПАО АНК \"Башнефть\" \"Башнефть-Новойл\""]
["Электрод ОЗЛ, ЦЛ","ПАО АНК \"Башнефть\" \"Башнефть-Новойл\"",24,946,"Электрод ОЗЛ-8-3","КГ",15,200,{"$f":"H950*G950","v":3000},"450063, г. Уфа, ПАО АНК \"Башнефть\" \"Башнефть-Новойл\""]
["Электрод ОЗЛ, ЦЛ","ПАО АНК \"Башнефть\" \"Башнефть-Новойл\"",24,947,"Электрод ОЗЛ-8-3","КГ",0.62,200,{"$f":"H951*G951","v":124},"450063, г. Уфа, ПАО АНК \"Башнефть\" \"Башнефть-Новойл\""]
["Электрод ОЗЛ, ЦЛ","ПАО АНК \"Башнефть\" \"Башнефть-Новойл\"",24,948,"Электрод ОЗЛ-8-3","КГ",1,200,{"$f":"H952*G952","v":200},"450063, г. Уфа, ПАО АНК \"Башнефть\" \"Башнефть-Новойл\""]
["Электрод ОЗЛ, ЦЛ","ПАО АНК \"Башнефть\" \"Башнефть-Новойл\"",24,949,"Электрод ОЗЛ-8-3","КГ",1,200,{"$f":"H953*G953","v":200},"450063, г. Уфа, ПАО АНК \"Башнефть\" \"Башнефть-Новойл\""]
["Электрод ОЗЛ, ЦЛ","ПАО АНК \"Башнефть\" \"Башнефть-Новойл\"",24,950,"Электрод ОЗЛ-8-3","КГ",1,200,{"$f":"H954*G954","v":200},"450063, г. Уфа, ПАО АНК \"Башнефть\" \"Башнефть-Новойл\""]
["Электрод ОЗЛ, ЦЛ","ПАО АНК \"Башнефть\" \"Башнефть-Новойл\"",24,951,"Электрод ОЗЛ-8-3","КГ",0.8,200,{"$f":"H955*G955","v":160},"450063, г. Уфа, ПАО АНК \"Башнефть\" \"Башнефть-Новойл\""]
["Электрод ОЗЛ, ЦЛ","ПАО АНК \"Башнефть\" \"Башнефть-Новойл\"",24,952,"Электрод ОЗЛ-8-3","КГ",1.4,200,{"$f":"H956*G956","v":280},"450063, г. Уфа, ПАО АНК \"Башнефть\" \"Башнефть-Новойл\""]
["Электрод ОЗЛ, ЦЛ","ПАО АНК \"Башнефть\" \"Башнефть-Новойл\"",24,953,"Электрод ОЗЛ-8-3","КГ",10,200,{"$f":"H957*G957","v":2000},"450063, г. Уфа, ПАО АНК \"Башнефть\" \"Башнефть-Новойл\""]
["Электрод ОЗЛ, ЦЛ","ПАО АНК \"Башнефть\" \"Башнефть-Новойл\"",24,954,"Электрод ОЗЛ-8-3","КГ",0.1,200,{"$f":"H958*G958","v":20},"450063, г. Уфа, ПАО АНК \"Башнефть\" \"Башнефть-Новойл\""]
["Электрод ОЗЛ, ЦЛ","ПАО АНК \"Башнефть\" \"Башнефть-Новойл\"",24,955,"Электрод ОЗЛ-8-3","КГ",6,200,{"$f":"H959*G959","v":1200},"450063, г. Уфа, ПАО АНК \"Башнефть\" \"Башнефть-Новойл\""]
["Электрод ОЗЛ, ЦЛ","ПАО АНК \"Башнефть\" \"Башнефть-Новойл\"",24,956,"Электрод ОЗЛ-8-3","КГ",0.1,200,{"$f":"H960*G960","v":20},"450063, г. Уфа, ПАО АНК \"Башнефть\" \"Башнефть-Новойл\""]
["Электрод ОЗЛ, ЦЛ","ПАО АНК \"Башнефть\" \"Башнефть-Новойл\"",24,957,"Электрод ОЗЛ-8-3","КГ",1.2,200,{"$f":"H961*G961","v":240},"450063, г. Уфа, ПАО АНК \"Башнефть\" \"Башнефть-Новойл\""]
["Электрод ОЗЛ, ЦЛ","ПАО АНК \"Башнефть\" \"Башнефть-Новойл\"",24,958,"Электрод ОЗЛ-8-3","КГ",4,200,{"$f":"H962*G962","v":800},"450063, г. Уфа, ПАО АНК \"Башнефть\" \"Башнефть-Новойл\""]
["Электрод ОЗЛ, ЦЛ","ПАО АНК \"Башнефть\" \"Башнефть-Новойл\"",24,959,"Электрод ОЗЛ-8-3","КГ",8,200,{"$f":"H963*G963","v":1600},"450063, г. Уфа, ПАО АНК \"Башнефть\" \"Башнефть-Новойл\""]
["Электрод ОЗЛ, ЦЛ","ПАО АНК \"Башнефть\" \"Башнефть-Новойл\"",24,960,"Электрод ОЗЛ-8-3","КГ",8,200,{"$f":"H964*G964","v":1600},"450063, г. Уфа, ПАО АНК \"Башнефть\" \"Башнефть-Новойл\""]
["Электрод ОЗЛ, ЦЛ","ПАО АНК \"Башнефть\" \"Башнефть-Новойл\"",24,961,"Электрод ОЗЛ-8-3","КГ",2,200,{"$f":"H965*G965","v":400},"450063, г. Уфа, ПАО АНК \"Башнефть\" \"Башнефть-Новойл\""]
["Электрод ОЗЛ, ЦЛ","ПАО АНК \"Башнефть\" \"Башнефть-Новойл\"",24,962,"Электрод ОЗЛ-8-3","КГ",2,200,{"$f":"H966*G966","v":400},"450063, г. Уфа, ПАО АНК \"Башнефть\" \"Башнефть-Новойл\""]
["Электрод ОЗЛ, ЦЛ","ПАО АНК \"Башнефть\" \"Башнефть-Новойл\"",24,963,"Электрод ОЗЛ-8-3","КГ",15,200,{"$f":"H967*G967","v":3000},"450063, г. Уфа, ПАО АНК \"Башнефть\" \"Башнефть-Новойл\""]
["Электрод ОЗЛ, ЦЛ","ПАО АНК \"Башнефть\" \"Башнефть-Новойл\"",24,964,"Электрод ОЗЛ-8-3","КГ",4,200,{"$f":"H968*G968","v":800},"450063, г. Уфа, ПАО АНК \"Башнефть\" \"Башнефть-Новойл\""]
["Электрод ОЗЛ, ЦЛ","ПАО АНК \"Башнефть\" \"Башнефть-Новойл\"",24,965,"Электрод ОЗЛ-8-3","КГ",1,200,{"$f":"H969*G969","v":200},"450063, г. Уфа, ПАО АНК \"Башнефть\" \"Башнефть-Новойл\""]
["Электрод ОЗЛ, ЦЛ","ПАО АНК \"Башнефть\" \"Башнефть-Новойл\"",24,966,"Электрод ЦЛ-11 - 3","КГ",15.3,340,{"$f":"H970*G970","v":5202},"450063, г. Уфа, ПАО АНК \"Башнефть\" \"Башнефть-Новойл\""]
["Электрод ОЗЛ, ЦЛ","ПАО АНК \"Башнефть\" \"Башнефть-Новойл\"",24,967,"Электрод ЦЛ-11 - 3","КГ",20,340,{"$f":"H971*G971","v":6800},"450063, г. Уфа, ПАО АНК \"Башнефть\" \"Башнефть-Новойл\""]
["Электрод ОЗЛ, ЦЛ","ПАО АНК \"Башнефть\" \"Башнефть-Новойл\"",24,968,"Электрод ЦЛ-11 - 3","КГ",8.9,340,{"$f":"H972*G972","v":3026},"450063, г. Уфа, ПАО АНК \"Башнефть\" \"Башнефть-Новойл\""]
["Электрод ОЗЛ, ЦЛ","ПАО АНК \"Башнефть\" \"Башнефть-Новойл\"",24,969,"Электрод ЦЛ-11 - 3","КГ",5,340,{"$f":"H973*G973","v":1700},"450063, г. Уфа, ПАО АНК \"Башнефть\" \"Башнефть-Новойл\""]
["Электрод ОЗЛ, ЦЛ","ПАО АНК \"Башнефть\" \"Башнефть-Новойл\"",24,970,"Электрод ЦЛ-11 - 3","КГ",5,340,{"$f":"H974*G974","v":1700},"450063, г. Уфа, ПАО АНК \"Башнефть\" \"Башнефть-Новойл\""]
["Электрод ОЗЛ, ЦЛ","ПАО АНК \"Башнефть\" \"Башнефть-Новойл\"",24,971,"Электрод ЦЛ-11 - 3","КГ",5,340,{"$f":"H975*G975","v":1700},"450063, г. Уфа, ПАО АНК \"Башнефть\" \"Башнефть-Новойл\""]
["Электрод ОЗЛ, ЦЛ","ПАО АНК \"Башнефть\" \"Башнефть-Новойл\"",24,972,"Электрод ЦЛ-11 - 3","КГ",5,340,{"$f":"H976*G976","v":1700},"450063, г. Уфа, ПАО АНК \"Башнефть\" \"Башнефть-Новойл\""]
["Электрод ОЗЛ, ЦЛ","ПАО АНК \"Башнефть\" \"Башнефть-Новойл\"",24,973,"Электрод ЦЛ-11 - 3","КГ",5,340,{"$f":"H977*G977","v":1700},"450063, г. Уфа, ПАО АНК \"Башнефть\" \"Башнефть-Новойл\""]
["Электрод ОЗЛ, ЦЛ","ПАО АНК \"Башнефть\" \"Башнефть-Новойл\"",24,974,"Электрод ЦЛ-11 - 3","КГ",5,340,{"$f":"H978*G978","v":1700},"450063, г. Уфа, ПАО АНК \"Башнефть\" \"Башнефть-Новойл\""]
["Электрод ОЗЛ, ЦЛ","ПАО АНК \"Башнефть\" \"Башнефть-Новойл\"",24,975,"Электрод ЦЛ-11 - 3","КГ",3.3,340,{"$f":"H979*G979","v":1122},"450063, г. Уфа, ПАО АНК \"Башнефть\" \"Башнефть-Новойл\""]
["Электрод ОЗЛ, ЦЛ","ПАО АНК \"Башнефть\" \"Башнефть-Новойл\"",24,976,"Электрод ЦЛ-11 - 3","КГ",2.2999999999999998,340,{"$f":"H980*G980","v":781.99999999999989},"450063, г. Уфа, ПАО АНК \"Башнефть\" \"Башнефть-Новойл\""]
["Электрод ОЗЛ, ЦЛ","ПАО АНК \"Башнефть\" \"Башнефть-Новойл\"",24,977,"Электрод ЦЛ-11 - 3","КГ",2.2999999999999998,340,{"$f":"H981*G981","v":781.99999999999989},"450063, г. Уфа, ПАО АНК \"Башнефть\" \"Башнефть-Новойл\""]
["Электрод ОЗЛ, ЦЛ","ПАО АНК \"Башнефть\" \"Башнефть-Новойл\"",24,978,"Электрод ЦЛ-11 - 3","КГ",2.2999999999999998,340,{"$f":"H982*G982","v":781.99999999999989},"450063, г. Уфа, ПАО АНК \"Башнефть\" \"Башнефть-Новойл\""]
["Электрод ОЗЛ, ЦЛ","ПАО АНК \"Башнефть\" \"Башнефть-Новойл\"",24,979,"Электрод ЦЛ-11 - 3","КГ",2.2999999999999998,340,{"$f":"H983*G983","v":781.99999999999989},"450063, г. Уфа, ПАО АНК \"Башнефть\" \"Башнефть-Новойл\""]
["Электрод ОЗЛ, ЦЛ","ПАО АНК \"Башнефть\" \"Башнефть-Новойл\"",24,980,"Электрод ЦЛ-11 - 3","КГ",2.2999999999999998,340,{"$f":"H984*G984","v":781.99999999999989},"450063, г. Уфа, ПАО АНК \"Башнефть\" \"Башнефть-Новойл\""]
["Электрод ОЗЛ, ЦЛ","ПАО АНК \"Башнефть\" \"Башнефть-Новойл\"",24,981,"Электрод ЦЛ-11 - 3","КГ",2.2999999999999998,340,{"$f":"H985*G985","v":781.99999999999989},"450063, г. Уфа, ПАО АНК \"Башнефть\" \"Башнефть-Новойл\""]
["Электрод ОЗЛ, ЦЛ","ПАО АНК \"Башнефть\" \"Башнефть-Новойл\"",24,982,"Электрод ЦЛ-11 - 3","КГ",2.2999999999999998,340,{"$f":"H986*G986","v":781.99999999999989},"450063, г. Уфа, ПАО АНК \"Башнефть\" \"Башнефть-Новойл\""]
["Электрод ОЗЛ, ЦЛ","ПАО АНК \"Башнефть\" \"Башнефть-Новойл\"",24,983,"Электрод ЦЛ-11 - 3","КГ",2.2999999999999998,340,{"$f":"H987*G987","v":781.99999999999989},"450063, г. Уфа, ПАО АНК \"Башнефть\" \"Башнефть-Новойл\""]
["Электрод ОЗЛ, ЦЛ","ПАО АНК \"Башнефть\" \"Башнефть-Новойл\"",24,984,"Электрод ЦЛ-11 - 3","КГ",2.2999999999999998,340,{"$f":"H988*G988","v":781.99999999999989},"450063, г. Уфа, ПАО АНК \"Башнефть\" \"Башнефть-Новойл\""]
["Электрод ОЗЛ, ЦЛ","ПАО АНК \"Башнефть\" \"Башнефть-Новойл\"",24,985,"Электрод ЦЛ-11 - 3","КГ",1.8,340,{"$f":"H989*G989","v":612},"450063, г. Уфа, ПАО АНК \"Башнефть\" \"Башнефть-Новойл\""]
["Электрод ОЗЛ, ЦЛ","ПАО АНК \"Башнефть\" \"Башнефть-Новойл\"",24,986,"Электрод ЦЛ-11 - 3","КГ",0.5,340,{"$f":"H990*G990","v":170},"450063, г. Уфа, ПАО АНК \"Башнефть\" \"Башнефть-Новойл\""]
["Электрод ОЗЛ, ЦЛ","ПАО АНК \"Башнефть\" \"Башнефть-Новойл\"",24,987,"Электрод ЦЛ-11 - 3","КГ",0.5,340,{"$f":"H991*G991","v":170},"450063, г. Уфа, ПАО АНК \"Башнефть\" \"Башнефть-Новойл\""]
["Электрод ОЗЛ, ЦЛ","ПАО АНК \"Башнефть\" \"Башнефть-Новойл\"",24,988,"Электрод ЦЛ-11 - 3","КГ",0.5,340,{"$f":"H992*G992","v":170},"450063, г. Уфа, ПАО АНК \"Башнефть\" \"Башнефть-Новойл\""]
["Электрод ОЗЛ, ЦЛ","ПАО АНК \"Башнефть\" \"Башнефть-Новойл\"",24,989,"Электрод ЦЛ-11 - 3","КГ",0.5,340,{"$f":"H993*G993","v":170},"450063, г. Уфа, ПАО АНК \"Башнефть\" \"Башнефть-Новойл\""]
["Электрод ОЗЛ, ЦЛ","ПАО АНК \"Башнефть\" \"Башнефть-Новойл\"",24,990,"Электрод ЦЛ-11 - 3","КГ",0.5,340,{"$f":"H994*G994","v":170},"450063, г. Уфа, ПАО АНК \"Башнефть\" \"Башнефть-Новойл\""]
["Электрод ОЗЛ, ЦЛ","ПАО АНК \"Башнефть\" \"Башнефть-Новойл\"",24,991,"Электрод ЦЛ-11 - 3","КГ",15,340,{"$f":"H995*G995","v":5100},"450063, г. Уфа, ПАО АНК \"Башнефть\" \"Башнефть-Новойл\""]
["Электрод ОЗЛ, ЦЛ","ПАО АНК \"Башнефть\" \"Башнефть-Новойл\"",24,992,"Электрод ЦЛ-11 - 3","КГ",15,340,{"$f":"H996*G996","v":5100},"450063, г. Уфа, ПАО АНК \"Башнефть\" \"Башнефть-Новойл\""]
["Электрод ОЗЛ, ЦЛ","ПАО АНК \"Башнефть\" \"Башнефть-Новойл\"",24,993,"Электрод ЦЛ-11 - 4","КГ",35,290,{"$f":"H997*G997","v":10150},"450063, г. Уфа, ПАО АНК \"Башнефть\" \"Башнефть-Новойл\""]
["Электрод ОЗЛ, ЦЛ","ПАО АНК \"Башнефть\" \"Башнефть-Новойл\"",24,994,"Электрод ЦЛ-11 - 4","КГ",3,290,{"$f":"H998*G998","v":870},"450063, г. Уфа, ПАО АНК \"Башнефть\" \"Башнефть-Новойл\""]
["Электрод ОЗЛ, ЦЛ","ПАО АНК \"Башнефть\" \"Башнефть-Новойл\"",24,995,"Электрод ЦЛ-17 - 3","КГ",8.4,180,{"$f":"H999*G999","v":1512},"450063, г. Уфа, ПАО АНК \"Башнефть\" \"Башнефть-Новойл\""]
["Электрод ОЗЛ, ЦЛ","ПАО АНК \"Башнефть\" \"Башнефть-Новойл\"",24,996,"Электрод ЦЛ-17 - 3","КГ",5.5,180,{"$f":"H1000*G1000","v":990},"450063, г. Уфа, ПАО АНК \"Башнефть\" \"Башнефть-Новойл\""]
["Электрод ОЗЛ, ЦЛ","ПАО АНК \"Башнефть\" \"Башнефть-Новойл\"",24,997,"Электрод ЦЛ-17 - 3","КГ",8.5,180,{"$f":"H1001*G1001","v":1530},"450063, г. Уфа, ПАО АНК \"Башнефть\" \"Башнефть-Новойл\""]
["Электрод ОЗЛ, ЦЛ","ПАО АНК \"Башнефть\" \"Башнефть-Новойл\"",24,998,"Электрод Э-04Х20Н9 ОЗЛ-36 4мм ГОСТ 9467","КГ",10,270,{"$f":"H1002*G1002","v":2700},"450063, г. Уфа, ПАО АНК \"Башнефть\" \"Башнефть-Новойл\""]
["Электрод ОЗЛ, ЦЛ","ПАО АНК \"Башнефть\" \"Башнефть-Новойл\"",24,999,"Электрод Э-04Х20Н9 ОЗЛ-36 4мм ГОСТ 9467","КГ",15,270,{"$f":"H1003*G1003","v":4050},"450063, г. Уфа, ПАО АНК \"Башнефть\" \"Башнефть-Новойл\""]
["Электрод ОК","ПАО АНК \"Башнефть\" \"Башнефть-Новойл\"",25,1000,"Электрод ESAB OK 61.80 3.2мм","КГ",1.8,550,{"$f":"H1004*G1004","v":990},"450063, г. Уфа, ПАО АНК \"Башнефть\" \"Башнефть-Новойл\""]
["Электрод ОК","ПАО АНК \"Башнефть\" \"Башнефть-Новойл\"",25,1001,"Электрод ESAB OK 63.80 3.2мм","КГ",81.900000000000006,760,{"$f":"H1005*G1005","v":62244.000000000007},"450063, г. Уфа, ПАО АНК \"Башнефть\" \"Башнефть-Новойл\""]
["Электрод ОК","ПАО АНК \"Башнефть\" \"Башнефть-Новойл\"",25,1002,"Электрод ESAB OK 63.80 4мм","КГ",467.5,880,{"$f":"H1006*G1006","v":411400},"450063, г. Уфа, ПАО АНК \"Башнефть\" \"Башнефть-Новойл\""]
["Электрод ОК","ПАО АНК \"Башнефть\" \"Башнефть-Новойл\"",25,1003,"Электрод ESAB OK 63.80 4мм","КГ",56.1,880,{"$f":"H1007*G1007","v":49368},"450063, г. Уфа, ПАО АНК \"Башнефть\" \"Башнефть-Новойл\""]
["Электрод ОК","ПАО АНК \"Башнефть\" \"Башнефть-Новойл\"",25,1004,"Электрод ESAB OK 63.85 3,2мм 63853230T","КГ",38,790,{"$f":"H1008*G1008","v":30020},"450063, г. Уфа, ПАО АНК \"Башнефть\" \"Башнефть-Новойл\""]
["Электрод ОК","ПАО АНК \"Башнефть\" \"Башнефть-Новойл\"",25,1005,"Электрод ESAB OK 69.33 3,2мм","КГ",3.6,1450,{"$f":"H1009*G1009","v":5220},"450063, г. Уфа, ПАО АНК \"Башнефть\" \"Башнефть-Новойл\""]
["Электрод ОК","ПАО АНК \"Башнефть\" \"Башнефть-Новойл\"",25,1006,"Электрод ESAB OK 76.18 3,2мм","КГ",53.7,300,{"$f":"H1010*G1010","v":16110},"450063, г. Уфа, ПАО АНК \"Башнефть\" \"Башнефть-Новойл\""]
["Электрод ОК","ПАО АНК \"Башнефть\" \"Башнефть-Новойл\"",25,1007,"Электрод ESAB OK 76.18 3,2мм","КГ",20,300,{"$f":"H1011*G1011","v":6000},"450063, г. Уфа, ПАО АНК \"Башнефть\" \"Башнефть-Новойл\""]
["Электрод ОК","ПАО АНК \"Башнефть\" \"Башнефть-Новойл\"",25,1008,"Электрод ESAB OK 76.28 -3,2x350мм","КГ",161.30000000000001,320,{"$f":"H1012*G1012","v":51616},"450063, г. Уфа, ПАО АНК \"Башнефть\" \"Башнефть-Новойл\""]
["Электрод ОК","ПАО АНК \"Башнефть\" \"Башнефть-Новойл\"",25,1009,"Электрод ESAB OK 76.28 -3,2x350мм","КГ",64,320,{"$f":"H1013*G1013","v":20480},"450063, г. Уфа, ПАО АНК \"Башнефть\" \"Башнефть-Новойл\""]
["Электрод ОК","ПАО АНК \"Башнефть\" \"Башнефть-Новойл\"",25,1010,"Электрод ESAB OK 76.28 -3,2x350мм","КГ",8,320,{"$f":"H1014*G1014","v":2560},"450063, г. Уфа, ПАО АНК \"Башнефть\" \"Башнефть-Новойл\""]
["Электрод ОК","ПАО АНК \"Башнефть\" \"Башнефть-Новойл\"",25,1011,"Электрод ESAB OK 76.28 -3,2x350мм","КГ",8,320,{"$f":"H1015*G1015","v":2560},"450063, г. Уфа, ПАО АНК \"Башнефть\" \"Башнефть-Новойл\""]
["Электрод ОК","ПАО АНК \"Башнефть\" \"Башнефть-Новойл\"",25,1012,"Электрод ESAB OK 76.28 -3,2x350мм","КГ",7,320,{"$f":"H1016*G1016","v":2240},"450063, г. Уфа, ПАО АНК \"Башнефть\" \"Башнефть-Новойл\""]
["Электрод ОК","ПАО АНК \"Башнефть\" \"Башнефть-Новойл\"",25,1013,"Электрод ESAB OK 76.28 -3,2x350мм","КГ",4.9850000000000003,320,{"$f":"H1017*G1017","v":1595.2},"450063, г. Уфа, ПАО АНК \"Башнефть\" \"Башнефть-Новойл\""]
["Электрод ОК","ПАО АНК \"Башнефть\" \"Башнефть-Новойл\"",25,1014,"Электрод ESAB OK 76.28 -3,2x350мм","КГ",4.2,320,{"$f":"H1018*G1018","v":1344},"450063, г. Уфа, ПАО АНК \"Башнефть\" \"Башнефть-Новойл\""]
["Электрод ОК","ПАО АНК \"Башнефть\" \"Башнефть-Новойл\"",25,1015,"Электрод ESAB OK 76.28 -3,2x350мм","КГ",3,320,{"$f":"H1019*G1019","v":960},"450063, г. Уфа, ПАО АНК \"Башнефть\" \"Башнефть-Новойл\""]
["Электрод ОК","ПАО АНК \"Башнефть\" \"Башнефть-Новойл\"",25,1016,"Электрод ESAB OK 76.28 -3,2x350мм","КГ",3,320,{"$f":"H1020*G1020","v":960},"450063, г. Уфа, ПАО АНК \"Башнефть\" \"Башнефть-Новойл\""]
["Электрод ОК","ПАО АНК \"Башнефть\" \"Башнефть-Новойл\"",25,1017,"Электрод ESAB OK 76.28 -3,2x350мм","КГ",3,320,{"$f":"H1021*G1021","v":960},"450063, г. Уфа, ПАО АНК \"Башнефть\" \"Башнефть-Новойл\""]
["Электрод ОК","ПАО АНК \"Башнефть\" \"Башнефть-Новойл\"",25,1018,"Электрод ESAB OK 76.28 -3,2x350мм","КГ",3,320,{"$f":"H1022*G1022","v":960},"450063, г. Уфа, ПАО АНК \"Башнефть\" \"Башнефть-Новойл\""]
["Электрод ОК","ПАО АНК \"Башнефть\" \"Башнефть-Новойл\"",25,1019,"Электрод ESAB OK 76.28 -3,2x350мм","КГ",3,320,{"$f":"H1023*G1023","v":960},"450063, г. Уфа, ПАО АНК \"Башнефть\" \"Башнефть-Новойл\""]
["Электрод ОК","ПАО АНК \"Башнефть\" \"Башнефть-Новойл\"",25,1020,"Электрод ESAB OK 76.28 -3,2x350мм","КГ",3,320,{"$f":"H1024*G1024","v":960},"450063, г. Уфа, ПАО АНК \"Башнефть\" \"Башнефть-Новойл\""]
["Электрод ОК","ПАО АНК \"Башнефть\" \"Башнефть-Новойл\"",25,1021,"Электрод ESAB OK 76.28 -3,2x350мм","КГ",1.1000000000000001,320,{"$f":"H1025*G1025","v":352},"450063, г. Уфа, ПАО АНК \"Башнефть\" \"Башнефть-Новойл\""]
["Электрод ОК","ПАО АНК \"Башнефть\" \"Башнефть-Новойл\"",25,1022,"Электрод ESAB OK 76.28 -3,2x350мм","КГ",0.1,320,{"$f":"H1026*G1026","v":32},"450063, г. Уфа, ПАО АНК \"Башнефть\" \"Башнефть-Новойл\""]
["Электрод ОК","ПАО АНК \"Башнефть\" \"Башнефть-Новойл\"",25,1023,"Электрод ESAB OK 76.28 -3,2x350мм","КГ",0.1,320,{"$f":"H1027*G1027","v":32},"450063, г. Уфа, ПАО АНК \"Башнефть\" \"Башнефть-Новойл\""]
["Электрод ОК","ПАО АНК \"Башнефть\" \"Башнефть-Новойл\"",25,1024,"Электрод ESAB OK 76.28 -4,0х450мм","КГ",34.200000000000003,280,{"$f":"H1028*G1028","v":9576},"450063, г. Уфа, ПАО АНК \"Башнефть\" \"Башнефть-Новойл\""]
["Электрод ОК","ПАО АНК \"Башнефть\" \"Башнефть-Новойл\"",25,1025,"Электрод ESAB OK 76.28 -4,0х450мм","КГ",30,280,{"$f":"H1029*G1029","v":8400},"450063, г. Уфа, ПАО АНК \"Башнефть\" \"Башнефть-Новойл\""]
["Электрод ОК","ПАО АНК \"Башнефть\" \"Башнефть-Новойл\"",25,1026,"Электрод ESAB OK 76.28 -4,0х450мм","КГ",30,280,{"$f":"H1030*G1030","v":8400},"450063, г. Уфа, ПАО АНК \"Башнефть\" \"Башнефть-Новойл\""]
["Электрод ОК","ПАО АНК \"Башнефть\" \"Башнефть-Новойл\"",25,1027,"Электрод ESAB OK 76.28 -4,0х450мм","КГ",27.7,280,{"$f":"H1031*G1031","v":7756},"450063, г. Уфа, ПАО АНК \"Башнефть\" \"Башнефть-Новойл\""]
["Электрод ОК","ПАО АНК \"Башнефть\" \"Башнефть-Новойл\"",25,1028,"Электрод OK 76.96 3,2мм","КГ",18.7,320,{"$f":"H1032*G1032","v":5984},"450063, г. Уфа, ПАО АНК \"Башнефть\" \"Башнефть-Новойл\""]
["Электрод ОК","ПАО АНК \"Башнефть\" \"Башнефть-Новойл\"",25,1029,"Электрод ОК-76.35 - 4,0Х450мм","КГ",36,610,{"$f":"H1033*G1033","v":21960},"450063, г. Уфа, ПАО АНК \"Башнефть\" \"Башнефть-Новойл\""]
["Электрод ОК","ПАО АНК \"Башнефть\" \"Башнефть-Новойл\"",25,1030,"Электрод ОК-76.35 - 4,0Х450мм","КГ",10,610,{"$f":"H1034*G1034","v":6100},"450063, г. Уфа, ПАО АНК \"Башнефть\" \"Башнефть-Новойл\""]
["Электрод ОК","ПАО АНК \"Башнефть\" \"Башнефть-Новойл\"",25,1031,"Электрод ОК-76.35 - 4,0Х450мм","КГ",6,610,{"$f":"H1035*G1035","v":3660},"450063, г. Уфа, ПАО АНК \"Башнефть\" \"Башнефть-Новойл\""]
["Электрод ОК","ПАО АНК \"Башнефть\" \"Башнефть-Новойл\"",25,1032,"Электрод ОК-76.35 - 4,0Х450мм","КГ",3.9,610,{"$f":"H1036*G1036","v":2379},"450063, г. Уфа, ПАО АНК \"Башнефть\" \"Башнефть-Новойл\""]
["Электрод ОК","ПАО АНК \"Башнефть\" \"Башнефть-Новойл\"",25,1033,"Электрод ОК-76.35 - 4,0Х450мм","КГ",7.39,610,{"$f":"H1037*G1037","v":4507.8999999999996},"450063, г. Уфа, ПАО АНК \"Башнефть\" \"Башнефть-Новойл\""]
["Электрод ОК","ПАО АНК \"Башнефть\" \"Башнефть-Новойл\"",25,1034,"Электрод ОК-76.35 - 4,0Х450мм","КГ",11,610,{"$f":"H1038*G1038","v":6710},"450063, г. Уфа, ПАО АНК \"Башнефть\" \"Башнефть-Новойл\""]
["Электрод ОК","ПАО АНК \"Башнефть\" \"Башнефть-Новойл\"",25,1035,"Электрод ОК-76.35 - 4,0Х450мм","КГ",18,610,{"$f":"H1039*G1039","v":10980},"450063, г. Уфа, ПАО АНК \"Башнефть\" \"Башнефть-Новойл\""]

{"sheet":"Лист1","index":1,"n_rows":0,"n_cols":0,"rows_kept":0,"cut":false,"hidden":false,"merged":[]}